{"text_format":"3","workbook":"xlsx","n_sheets":3,"sheets":["铜山管道制作安装","Sheet2","Sheet3"],"not_rendered":{"defined_names":1},"read":"whole","date_system":"1900"}

{"sheet":"铜山管道制作安装","index":0,"n_rows":759,"n_cols":11,"rows_kept":759,"merged":[[0,0,0,10],[1,0,1,10],[3,0,4,0],[3,1,4,1],[3,2,4,2],[3,3,4,3],[3,4,4,4],[3,7,3,8],[3,9,3,10],[749,0,750,0],[749,2,749,10],[750,2,750,10],[751,1,751,10],[752,1,752,10],[753,1,753,10],[754,1,754,10],[756,0,756,10],[757,0,757,10],[758,0,758,10]]}
["附表三"]
["投标报价明细表"]
["工程名称：铜山矿区大凹山-寒山水泥用石灰岩980万吨/年露天开采建设（管道制作安装）工程劳务分包"]
["序号","项目名称","项目特征描述","单位","工程量",null,null,"最高限价(元)",null,"报价(元)"]
[{"$nulls":6},"下浮比例","最高限价","合价","单价","合价"]
[null,"一、1～3#转运站"]
[1.1,"1#转运站生产给水管系统"]
["1","低压碳钢管","1.名称：焊接钢管\r\n2.规格：DN20\r\n3.材质：Q235\r\n4.连接形式、焊接方法：电弧焊","m",9.2,4.53,{"v":0.12,"d":"12%"},{"v":3.7870799999999996,"d":"3.79"},{"$f":"H8*E8","v":{"v":34.84113599999999,"d":"34.84"}}]
["2","低压碳钢管","1.名称：焊接钢管\r\n2.规格：DN32\r\n3.材质：Q235\r\n4.连接形式、焊接方法：电弧焊","m",7,6.28,{"v":0.12,"d":"12%"},{"v":5.2500800000000005,"d":"5.25"},{"v":36.75056000000001,"d":"36.75"}]
["3","低压碳钢管","1.名称：焊接钢管\r\n2.规格：DN40\r\n3.材质：Q235\r\n4.连接形式、焊接方法：电弧焊","m",29.8,6.96,{"v":0.12,"d":"12%"},{"v":5.81856,"d":"5.82"},{"v":173.393088,"d":"173.39"}]
["4","管道压力试验","1.规格、型号：DN50以下\r\n2.压力等级：低压\r\n3.管内介质：水","m",46,3.89,{"v":0.12,"d":"12%"},{"v":3.25204,"d":"3.25"},{"v":149.59384,"d":"149.59"}]
["5","管道系统吹扫","1.规格、型号：DN50以下\r\n2.管内介质：水","m",46,2.87,{"v":0.12,"d":"12%"},{"v":2.3993200000000003,"d":"2.40"},{"v":110.36872000000001,"d":"110.37"}]
["6","低压碳钢管件","1.名称：钢制弯头\r\n2.规格：DN20\r\n3.材质：Q235\r\n4.连接方式：电弧焊","个",2,20.29,{"v":0.12,"d":"12%"},{"v":16.962439999999997,"d":"16.96"},{"v":33.924879999999995,"d":"33.92"}]
["7","低压碳钢管件","1.名称：钢制弯头\r\n2.规格：DN40\r\n3.材质：Q235\r\n4.连接方式：电弧焊","个",3,40.84,{"v":0.12,"d":"12%"},{"v":34.14224,"d":"34.14"},{"v":102.42672,"d":"102.43"}]
["8","低压碳钢管件","1.名称：钢制三通\r\n2.规格：DN32/DN20\r\n3.材质：Q235\r\n4.连接方式：电弧焊","个",2,37.02,{"v":0.12,"d":"12%"},{"v":30.948720000000005,"d":"30.95"},{"v":61.89744000000001,"d":"61.90"}]
["9","低压碳钢管件","1.名称：钢制三通\r\n2.规格：DN40/DN20\r\n3.材质：Q235\r\n4.连接方式：电弧焊","个",2,46.64,{"v":0.12,"d":"12%"},{"v":38.99104,"d":"38.99"},{"v":77.98208,"d":"77.98"}]
["10","低压碳钢管件","1.名称：钢制三通\r\n2.规格：DN40/DN40\r\n3.材质：Q235\r\n4.连接方式：电弧焊","个",1,46.64,{"v":0.12,"d":"12%"},{"v":38.99104,"d":"38.99"},{"v":38.99104,"d":"38.99"}]
["11","低压碳钢管件","1.名称：钢制异径管\r\n2.规格：DN32/DN20\r\n3.材质：Q235\r\n4.连接方式：电弧焊","个",2,35.22,{"v":0.12,"d":"12%"},{"v":29.443919999999995,"d":"29.44"},{"v":58.88783999999999,"d":"58.89"}]
["12","低压碳钢管件","1.名称：钢制异径管\r\n2.规格：DN40/DN32\r\n3.材质：Q235\r\n4.连接方式：电弧焊","个",2,41.94,{"v":0.12,"d":"12%"},{"v":35.06184,"d":"35.06"},{"v":70.12368,"d":"70.12"}]
["13","低压螺纹阀门","1.名称：螺纹截止阀\r\n2.材质：按设计\r\n3.型号、规格：DN20\r\n4.连接形式：螺纹连接","个",6,33.93,{"v":0.12,"d":"12%"},{"v":28.365479999999998,"d":"28.37"},{"v":170.19288,"d":"170.19"}]
["14","低压碳钢管件","1.名称：单头外丝接头\r\n2.材质：Q235\r\n3.规格：DN20\r\n4.连接方式：电弧焊","个",12,18.54,{"v":0.12,"d":"12%"},{"v":15.49944,"d":"15.50"},{"v":185.99328,"d":"185.99"}]
["15","低压螺纹阀门","1.名称：螺纹截止阀\r\n2.材质：按设计\r\n3.型号、规格：DN40\r\n4.连接形式：螺纹连接","个",1,50.49,{"v":0.12,"d":"12%"},{"v":42.20964,"d":"42.21"},{"v":42.20964,"d":"42.21"}]
["16","低压碳钢管件","1.名称：单头外丝接头\r\n2.材质：Q235\r\n3.规格：DN40\r\n4.连接方式：电弧焊","个",2,39.44,{"v":0.12,"d":"12%"},{"v":32.97184,"d":"32.97"},{"v":65.94368,"d":"65.94"}]
["17","低压碳钢管件","1.名称：双头外丝接头\r\n2.材质：Q235\r\n3.规格：DN40\r\n4.连接方式：电弧焊","个",1,39.83,{"v":0.12,"d":"12%"},{"v":33.29788,"d":"33.30"},{"v":33.29788,"d":"33.30"}]
["18","低压碳钢管件","1.名称：螺纹活接头\r\n2.材质：Q235\r\n3.规格：DN40\r\n4.连接方式：电弧焊","个",1,41.34,{"v":0.12,"d":"12%"},{"v":34.56024,"d":"34.56"},{"v":34.56024,"d":"34.56"}]
["19","套管制作与安装","1.名称：一般穿墙套管制作安装\r\n2.材质：Q235\r\n3.规格：DN50","个",2,23.25,{"v":0.12,"d":"12%"},{"v":19.436999999999998,"d":"19.44"},{"v":38.873999999999995,"d":"38.87"}]
["20","手工除锈","1.除锈等级：St2\r\n2.除锈内容：管道外表面","m2",12.89,2.78,{"v":0.12,"d":"12%"},{"v":2.3240799999999995,"d":"2.32"},{"v":29.957391199999993,"d":"29.96"}]
["21","埋地管道刷油","1.油防腐方式：三油两布防腐，具体为环氧沥青底漆-面漆-玻璃丝布-面漆-玻璃丝布-面漆-面漆\r\n2.漆膜厚度：干膜厚度＞0.4mm","m2",4.21,71.35,{"v":0.12,"d":"12%"},{"v":59.64859999999999,"d":"59.65"},{"v":251.12060599999995,"d":"251.12"}]
["22","明敷管道刷油","1.油防腐方式：C53-31红丹醇酸防腐漆两遍及C04-42绿色醇酸磁漆两遍\r\n2.漆膜厚度：按设计","m2",8.68,20.77,{"v":0.12,"d":"12%"},{"v":17.363719999999997,"d":"17.36"},{"v":150.71708959999998,"d":"150.72"}]
["23","挖沟槽土方","1.土壤类别：按设计\r\n2.挖土深度：按设计","m3",23,3.49,{"v":0.12,"d":"12%"},{"v":2.91764,"d":"2.92"},{"v":67.10572,"d":"67.11"}]
["24","回填方","1.回填形式：沟槽回填\r\n2.回填方式：就地回填，夯填","m3",23,14.29,{"v":0.12,"d":"12%"},{"v":11.946439999999999,"d":"11.95"},{"v":274.76811999999995,"d":"274.77"}]
["25","混凝土阀门井","1.名称：混凝土矩形阀门井\r\n2.图集：05S502\r\n3.井盖、井圈材质及规格：按设计","座",1,10957.73,{"v":0.12,"d":"12%"},{"v":9160.662279999999,"d":"9160.66"},{"v":9160.662279999999,"d":"9160.66"}]
[1.2,"1#转运站生活给水系统"]
["26","塑料管","1.名称：PE型钢塑给水管\r\n2.安装部位：室内\r\n3.介质：生活水\r\n4.规格、压力等级：DN15\r\n5.连接形式：电热熔\r\n6.压力试验及吹洗设计要求：按设计","m",2,47.35,{"v":0.12,"d":"12%"},{"v":39.5846,"d":"39.58"},{"$f":"H34*E34","v":{"v":79.1692,"d":"79.17"}}]
["27","塑料管","1.名称：PE型钢塑给水管\r\n2.安装部位：室内\r\n3.介质：生活水\r\n4.规格、压力等级：DN25\r\n5.连接形式：电热熔\r\n6.压力试验及吹洗设计要求：按设计","m",17.6,49.08,{"v":0.12,"d":"12%"},{"v":41.030879999999996,"d":"41.03"},{"v":722.143488,"d":"722.14"}]
["28","螺纹阀门","1.名称：螺纹截止阀\r\n2.材质：按设计\r\n3.规格、压力等级：DN15\r\n4.连接形式：电热熔","个",3,13.27,{"v":0.12,"d":"12%"},{"v":11.09372,"d":"11.09"},{"v":33.28116,"d":"33.28"}]
["29","螺纹阀门","1.名称：螺纹截止阀\r\n2.材质：按设计\r\n3.规格、压力等级：DN25\r\n4.连接形式：电热熔","个",1,19.7,{"v":0.12,"d":"12%"},{"v":16.4692,"d":"16.47"},{"v":16.4692,"d":"16.47"}]
["30","水表","1.名称：螺纹水表\r\n2.型号、规格：DN25\r\n3.连接形式：螺纹连接\r\n4.安装部位：室外:","个",1,89.05,{"v":0.12,"d":"12%"},{"v":74.44579999999999,"d":"74.45"},{"v":74.44579999999999,"d":"74.45"}]
["31","螺纹阀门","1.名称：自动排气阀\r\n2.材质：按设计\r\n3.规格、压力等级：DN15\r\n4.连接形式：螺纹连接","个",1,24.39,{"v":0.12,"d":"12%"},{"v":20.39004,"d":"20.39"},{"v":20.39004,"d":"20.39"}]
["32","挖沟槽土方","1.土壤类别：按设计\r\n2.挖土深度：按设计","m3",8,3.49,{"v":0.12,"d":"12%"},{"v":2.91764,"d":"2.92"},{"v":23.34112,"d":"23.34"}]
["33","回填方","1.回填形式：沟槽回填\r\n2.回填方式：就地回填，夯填","m3",8,14.29,{"v":0.12,"d":"12%"},{"v":11.946439999999999,"d":"11.95"},{"v":95.57151999999999,"d":"95.57"}]
["34","套管制作与安装","1.名称：一般穿墙套管制作安装\r\n2.材质：Q235\r\n3.规格：DN50","个",1,23.25,{"v":0.12,"d":"12%"},{"v":19.436999999999998,"d":"19.44"},{"v":19.436999999999998,"d":"19.44"}]
["35","混凝土阀门井","1.名称：混凝土矩形阀门井\r\n2.图集：05S502\r\n3.井盖、井圈材质及规格：按设计","座",1,10957.73,{"v":0.12,"d":"12%"},{"v":9160.662279999999,"d":"9160.66"},{"v":9160.662279999999,"d":"9160.66"}]
[1.3,"1#转运站排水系统"]
["36","塑料管","1.名称：塑料排水管\r\n2.安装部位：室外\r\n3.介质：污水\r\n4.规格、压力等级：De110\r\n5.连接形式：粘接","m",24,7.42,{"v":0.12,"d":"12%"},{"v":6.203119999999999,"d":"6.20"},{"$f":"H45*E45","v":{"v":148.87488,"d":"148.87"}}]
["37","给、排水附（配）件","1.名称：地漏\r\n3.材质：按设计\r\n3.型号、规格：De110\r\n4.安装方式：粘接","个",6,50.25,{"v":0.12,"d":"12%"},{"v":42.009,"d":"42.01"},{"$f":"H46*E46","v":{"v":252.054,"d":"252.05"}}]
[1.4,"1#转运站排废水系统"]
["38","离心泵","1.名称：不锈钢潜污泵\r\n2.规格型号：Q=10m3/h，H=40m","台",1,554.28,{"v":0.12,"d":"12%"},{"v":463.37807999999995,"d":"463.38"},{"$f":"H48*E48","v":{"v":463.37807999999995,"d":"463.38"}}]
["39","低压碳钢管","1.名称：焊接钢管\r\n2.规格：DN65\r\n3.材质：Q235\r\n4.连接形式、焊接方法：电弧焊","m",14,10.6,{"v":0.12,"d":"12%"},{"v":8.8616,"d":"8.86"},{"v":124.0624,"d":"124.06"}]
["40","管道压力试验","1.规格、型号：DN50以上，DN100以下\r\n2.压力等级：低压\r\n3.管内介质：水","m",14,4.85,{"v":0.12,"d":"12%"},{"v":4.054599999999999,"d":"4.05"},{"v":56.76439999999998,"d":"56.76"}]
["41","管道系统吹扫","1.规格、型号：DN50以上，DN100以下\r\n2.管内介质：水","m",14,3.98,{"v":0.12,"d":"12%"},{"v":3.3272799999999996,"d":"3.33"},{"v":46.58192,"d":"46.58"}]
["42","低压碳钢管件","1.名称：钢制弯头\r\n2.规格：DN65\r\n3.材质：Q235\r\n4.连接方式：电弧焊","个",4,75.69,{"v":0.12,"d":"12%"},{"v":63.27683999999999,"d":"63.28"},{"v":253.10735999999997,"d":"253.11"}]
["43","低压法兰阀门","1.名称：法兰截止阀\r\n2.材质：按设计\r\n3.型号、规格：DN65\r\n4.连接形式：法兰连接","个",1,54.2,{"v":0.12,"d":"12%"},{"v":45.3112,"d":"45.31"},{"v":45.3112,"d":"45.31"}]
["44","低压法兰阀门","1.名称：法兰止回阀\r\n2.材质：按设计\r\n3.型号、规格：DN65\r\n4.连接形式：法兰连接","个",1,54.2,{"v":0.12,"d":"12%"},{"v":45.3112,"d":"45.31"},{"v":45.3112,"d":"45.31"}]
["45","低压碳钢焊接法兰","1.名称：碳钢法兰\r\n2.材质：20#\r\n3.结构形式：按设计\r\n4.型号、规格：DN65\r\n5.焊接方法：电弧焊\r\n6.连接形式：与阀门连接\r\n7.其他：配套法兰垫片、螺栓、螺母、垫圈","副",2,111.76,{"v":0.12,"d":"12%"},{"v":93.43136,"d":"93.43"},{"v":186.86272,"d":"186.86"}]
["46","低压碳钢焊接法兰","1.名称：碳钢法兰\r\n2.材质：Q235\r\n3.结构形式：按设计\r\n4.型号、规格：DN65\r\n5.焊接方法：电弧焊\r\n6.连接形式：与设备本体法兰对接\r\n7.其他：配套法兰垫片、螺栓、螺母、垫圈","副",1,62.53,{"v":0.12,"d":"12%"},{"v":52.27508,"d":"52.28"},{"v":52.27508,"d":"52.28"}]
["47","套管制作与安装","1.名称：一般穿墙套管\r\n2.材质：Q235\r\n3.规格：DN65","个",1,56.94,{"v":0.12,"d":"12%"},{"v":47.601839999999996,"d":"47.60"},{"v":47.601839999999996,"d":"47.60"}]
["48","手工除锈","1.除锈等级：St2\r\n2.除锈内容：管道外表面","m2",3.34,2.78,{"v":0.12,"d":"12%"},{"v":2.3240799999999995,"d":"2.32"},{"v":7.762427199999998,"d":"7.76"}]
["49","埋地管道刷油","1.油防腐方式：三油两布防腐，具体为环氧沥青底漆-面漆-玻璃丝布-面漆-玻璃丝布-面漆-面漆\r\n2.漆膜厚度：干膜厚度＞0.4mm","m2",2.1,71.35,{"v":0.12,"d":"12%"},{"v":59.64859999999999,"d":"59.65"},{"v":125.26205999999998,"d":"125.26"}]
["50","明敷管道刷油","1.油防腐方式：C53-31红丹醇酸防腐漆两遍及C04-42绿色醇酸磁漆两遍\r\n2.漆膜厚度：按设计","m2",1.24,20.77,{"v":0.12,"d":"12%"},{"v":17.363719999999997,"d":"17.36"},{"v":21.531012799999996,"d":"21.53"}]
["51","挖沟槽土方","1.土壤类别：按设计\r\n2.挖土深度：按设计","m3",4,3.49,{"v":0.12,"d":"12%"},{"v":2.91764,"d":"2.92"},{"v":11.67056,"d":"11.67"}]
["52","回填方","1.回填形式：沟槽回填\r\n2.回填方式：就地回填，夯填","m3",4,14.29,{"v":0.12,"d":"12%"},{"v":11.946439999999999,"d":"11.95"},{"v":47.785759999999996,"d":"47.79"}]
["1.5","2#转运站生产给水管系统"]
["53","低压碳钢管","1.名称：焊接钢管\r\n2.规格：DN20\r\n3.材质：Q235\r\n4.连接形式、焊接方法：电弧焊","m",8.5,4.53,{"v":0.12,"d":"12%"},{"v":3.7870799999999996,"d":"3.79"},{"$f":"H64*E64","v":{"v":32.19018,"d":"32.19"}}]
["54","低压碳钢管","1.名称：焊接钢管\r\n2.规格：DN32\r\n3.材质：Q235\r\n4.连接形式、焊接方法：电弧焊","m",32,6.28,{"v":0.12,"d":"12%"},{"v":5.2500800000000005,"d":"5.25"},{"v":168.00256000000002,"d":"168.00"}]
["55","管道压力试验","1.规格、型号：DN50以下\r\n2.压力等级：低压\r\n3.管内介质：水","m",40.5,3.89,{"v":0.12,"d":"12%"},{"v":3.25204,"d":"3.25"},{"v":131.70762,"d":"131.71"}]
["56","管道系统吹扫","1.规格、型号：DN50以下\r\n2.管内介质：水","m",40.5,2.87,{"v":0.12,"d":"12%"},{"v":2.3993200000000003,"d":"2.40"},{"v":97.17246000000002,"d":"97.17"}]
["57","低压碳钢管件","1.名称：钢制弯头\r\n2.规格：DN20\r\n3.材质：Q235\r\n4.连接方式：电弧焊","个",4,20.29,{"v":0.12,"d":"12%"},{"v":16.962439999999997,"d":"16.96"},{"v":67.84975999999999,"d":"67.85"}]
["58","低压碳钢管件","1.名称：钢制弯头\r\n2.规格：DN32\r\n3.材质：Q235\r\n4.连接方式：电弧焊","个",1,34.22,{"v":0.12,"d":"12%"},{"v":28.60792,"d":"28.61"},{"v":28.60792,"d":"28.61"}]
["59","低压碳钢管件","1.名称：钢制三通\r\n2.规格：DN32/DN32\r\n3.材质：Q235\r\n4.连接方式：电弧焊","个",3,37.02,{"v":0.12,"d":"12%"},{"v":30.948720000000005,"d":"30.95"},{"v":92.84616000000001,"d":"92.85"}]
["60","低压碳钢管件","1.名称：钢制异径管\r\n2.规格：DN32/DN20\r\n3.材质：Q235\r\n4.连接方式：电弧焊","个",4,35.22,{"v":0.12,"d":"12%"},{"v":29.443919999999995,"d":"29.44"},{"v":117.77567999999998,"d":"117.78"}]
["61","低压螺纹阀门","1.名称：螺纹截止阀\r\n2.材质：按设计\r\n3.型号、规格：DN20\r\n4.连接形式：螺纹连接","个",4,33.93,{"v":0.12,"d":"12%"},{"v":28.365479999999998,"d":"28.37"},{"v":113.46191999999999,"d":"113.46"}]
["62","低压碳钢管件","1.名称：单头外丝接头\r\n2.材质：Q235\r\n3.规格：DN20\r\n4.连接方式：电弧焊","个",8,18.54,{"v":0.12,"d":"12%"},{"v":15.49944,"d":"15.50"},{"v":123.99552,"d":"124.00"}]
["63","低压螺纹阀门","1.名称：螺纹截止阀\r\n2.材质：按设计\r\n3.型号、规格：DN32\r\n4.连接形式：螺纹连接","个",1,46.12,{"v":0.12,"d":"12%"},{"v":38.55631999999999,"d":"38.56"},{"v":38.55631999999999,"d":"38.56"}]
["64","低压碳钢管件","1.名称：单头外丝接头\r\n2.材质：Q235\r\n3.规格：DN32\r\n4.连接方式：电弧焊","个",2,33.32,{"v":0.12,"d":"12%"},{"v":27.85552,"d":"27.86"},{"v":55.71104,"d":"55.71"}]
["65","低压碳钢管件","1.名称：双头外丝接头\r\n2.材质：Q235\r\n3.规格：DN32\r\n4.连接方式：电弧焊","个",1,31.83,{"v":0.12,"d":"12%"},{"v":26.60988,"d":"26.61"},{"v":26.60988,"d":"26.61"}]
["66","低压碳钢管件","1.名称：螺纹活接头\r\n2.材质：Q235\r\n3.规格：DN32\r\n4.连接方式：电弧焊","个",1,33.4,{"v":0.12,"d":"12%"},{"v":27.922399999999996,"d":"27.92"},{"v":27.922399999999996,"d":"27.92"}]
["67","套管制作与安装","1.名称：一般穿墙套管制作安装\r\n2.材质：Q235\r\n3.规格：DN50","个",2,23.25,{"v":0.12,"d":"12%"},{"v":19.436999999999998,"d":"19.44"},{"v":38.873999999999995,"d":"38.87"}]
["68","手工除锈","1.除锈等级：St2\r\n2.除锈内容：管道外表面","m2",4.49,2.78,{"v":0.12,"d":"12%"},{"v":2.3240799999999995,"d":"2.32"},{"v":10.435119199999999,"d":"10.44"}]
["69","埋地管道刷油","1.油防腐方式：三油两布防腐，具体为环氧沥青底漆-面漆-玻璃丝布-面漆-玻璃丝布-面漆-面漆\r\n2.漆膜厚度：干膜厚度＞0.4mm","m2",3.82,71.35,{"v":0.12,"d":"12%"},{"v":59.64859999999999,"d":"59.65"},{"v":227.85765199999994,"d":"227.86"}]
["70","明敷管道刷油","1.油防腐方式：C53-31红丹醇酸防腐漆两遍及C04-42绿色醇酸磁漆两遍\r\n2.漆膜厚度：按设计","m2",0.67,20.77,{"v":0.12,"d":"12%"},{"v":17.363719999999997,"d":"17.36"},{"v":11.6336924,"d":"11.63"}]
["71","挖沟槽土方","1.土壤类别：按设计\r\n2.挖土深度：按设计","m3",23,3.49,{"v":0.12,"d":"12%"},{"v":2.91764,"d":"2.92"},{"v":67.10572,"d":"67.11"}]
["72","回填方","1.回填形式：沟槽回填\r\n2.回填方式：就地回填，夯填","m3",23,14.29,{"v":0.12,"d":"12%"},{"v":11.946439999999999,"d":"11.95"},{"v":274.76811999999995,"d":"274.77"}]
["73","混凝土阀门井","1.名称：混凝土矩形阀门井\r\n2.图集：05S502\r\n3.井盖、井圈材质及规格：按设计","座",1,10957.73,{"v":0.12,"d":"12%"},{"v":9160.662279999999,"d":"9160.66"},{"v":9160.662279999999,"d":"9160.66"}]
[1.6,"2#转运站生活给水系统"]
["74","塑料管","1.名称：PE型钢塑给水管\r\n2.安装部位：室内\r\n3.介质：生活水\r\n4.规格、压力等级：DN15\r\n5.连接形式：电热熔\r\n6.压力试验及吹洗设计要求：按设计","m",4.5,47.35,{"v":0.12,"d":"12%"},{"v":39.5846,"d":"39.58"},{"$f":"H86*E86","v":{"v":178.13070000000002,"d":"178.13"}}]
["75","塑料管","1.名称：PE型钢塑给水管\r\n2.安装部位：室内\r\n3.介质：生活水\r\n4.规格、压力等级：DN25\r\n5.连接形式：电热熔\r\n6.压力试验及吹洗设计要求：按设计","m",3.3,49.08,{"v":0.12,"d":"12%"},{"v":41.030879999999996,"d":"41.03"},{"v":135.40190399999997,"d":"135.40"}]
["76","螺纹阀门","1.名称：螺纹截止阀\r\n2.材质：按设计\r\n3.规格、压力等级：DN15\r\n4.连接形式：电热熔","个",2,13.27,{"v":0.12,"d":"12%"},{"v":11.09372,"d":"11.09"},{"v":22.18744,"d":"22.19"}]
["77","螺纹阀门","1.名称：螺纹截止阀\r\n2.材质：按设计\r\n3.规格、压力等级：DN25\r\n4.连接形式：电热熔","个",1,19.7,{"v":0.12,"d":"12%"},{"v":16.4692,"d":"16.47"},{"v":16.4692,"d":"16.47"}]
["78","水表","1.名称：螺纹水表\r\n2.型号、规格：DN25\r\n3.连接形式：螺纹连接\r\n4.安装部位：室外:","个",1,89.05,{"v":0.12,"d":"12%"},{"v":74.44579999999999,"d":"74.45"},{"v":74.44579999999999,"d":"74.45"}]
["79","挖沟槽土方","1.土壤类别：按设计\r\n2.挖土深度：按设计","m3",3,3.49,{"v":0.12,"d":"12%"},{"v":2.91764,"d":"2.92"},{"v":8.75292,"d":"8.75"}]
["80","回填方","1.回填形式：沟槽回填\r\n2.回填方式：就地回填，夯填","m3",3,14.29,{"v":0.12,"d":"12%"},{"v":11.946439999999999,"d":"11.95"},{"v":35.83932,"d":"35.84"}]
["81","套管制作与安装","1.名称：一般穿墙套管制作安装\r\n2.材质：Q235\r\n3.规格：DN50","个",1,23.25,{"v":0.12,"d":"12%"},{"v":19.436999999999998,"d":"19.44"},{"v":19.436999999999998,"d":"19.44"}]
["82","混凝土阀门井","1.名称：混凝土矩形阀门井\r\n2.图集：05S502\r\n3.井盖、井圈材质及规格：按设计","座",1,10957.73,{"v":0.12,"d":"12%"},{"v":9160.662279999999,"d":"9160.66"},{"v":9160.662279999999,"d":"9160.66"}]
[1.7,"2#转运站排水系统"]
["83","塑料管","1.名称：塑料排水管\r\n2.安装部位：室外\r\n3.介质：污水\r\n4.规格、压力等级：De110\r\n5.连接形式：粘接","m",16,7.42,{"v":0.12,"d":"12%"},{"v":6.203119999999999,"d":"6.20"},{"$f":"H96*E96","v":{"v":99.24991999999999,"d":"99.25"}}]
["84","给、排水附（配）件","1.名称：地漏\r\n3.材质：按设计\r\n3.型号、规格：De110\r\n4.安装方式：粘接","个",4,50.25,{"v":0.12,"d":"12%"},{"v":42.009,"d":"42.01"},{"$f":"H97*E97","v":{"v":168.036,"d":"168.04"}}]
[1.8,"2#转运站排废水系统"]
["85","离心泵","1.名称：不锈钢潜污泵\r\n2.规格型号：Q=10m3/h，H=40m","台",1,554.28,{"v":0.12,"d":"12%"},{"v":463.37807999999995,"d":"463.38"},{"$f":"H99*E99","v":{"v":463.37807999999995,"d":"463.38"}}]
["86","低压碳钢管","1.名称：焊接钢管\r\n2.规格：DN65\r\n3.材质：Q235\r\n4.连接形式、焊接方法：电弧焊","m",4.5,10.6,{"v":0.12,"d":"12%"},{"v":8.8616,"d":"8.86"},{"v":39.877199999999995,"d":"39.88"}]
["87","管道压力试验","1.规格、型号：DN50以上，DN100以下\r\n2.压力等级：低压\r\n3.管内介质：水","m",4.5,4.85,{"v":0.12,"d":"12%"},{"v":4.054599999999999,"d":"4.05"},{"v":18.245699999999996,"d":"18.25"}]
["88","管道系统吹扫","1.规格、型号：DN50以上，DN100以下\r\n2.管内介质：水","m",4.5,3.98,{"v":0.12,"d":"12%"},{"v":3.3272799999999996,"d":"3.33"},{"v":14.972759999999997,"d":"14.97"}]
["89","低压碳钢管件","1.名称：钢制弯头\r\n2.规格：DN65\r\n3.材质：Q235\r\n4.连接方式：电弧焊","个",2,75.69,{"v":0.12,"d":"12%"},{"v":63.27683999999999,"d":"63.28"},{"v":126.55367999999999,"d":"126.55"}]
["90","低压法兰阀门","1.名称：法兰截止阀\r\n2.材质：按设计\r\n3.型号、规格：DN65\r\n4.连接形式：法兰连接","个",1,54.2,{"v":0.12,"d":"12%"},{"v":45.3112,"d":"45.31"},{"v":45.3112,"d":"45.31"}]
["91","低压法兰阀门","1.名称：法兰止回阀\r\n2.材质：按设计\r\n3.型号、规格：DN65\r\n4.连接形式：法兰连接","个",1,54.2,{"v":0.12,"d":"12%"},{"v":45.3112,"d":"45.31"},{"v":45.3112,"d":"45.31"}]
["92","低压碳钢焊接法兰","1.名称：碳钢法兰\r\n2.材质：20#\r\n3.结构形式：按设计\r\n4.型号、规格：DN65\r\n5.焊接方法：电弧焊\r\n6.连接形式：与阀门连接\r\n7.其他：配套法兰垫片、螺栓、螺母、垫圈","副",2,111.76,{"v":0.12,"d":"12%"},{"v":93.43136,"d":"93.43"},{"v":186.86272,"d":"186.86"}]
["93","低压碳钢焊接法兰","1.名称：碳钢法兰\r\n2.材质：Q235\r\n3.结构形式：按设计\r\n4.型号、规格：DN65\r\n5.焊接方法：电弧焊\r\n6.连接形式：与设备本体法兰对接\r\n7.其他：配套法兰垫片、螺栓、螺母、垫圈","副",1,62.53,{"v":0.12,"d":"12%"},{"v":52.27508,"d":"52.28"},{"v":52.27508,"d":"52.28"}]
["94","套管制作与安装","1.名称：一般穿墙套管\r\n2.材质：Q235\r\n3.规格：DN65","个",1,56.94,{"v":0.12,"d":"12%"},{"v":47.601839999999996,"d":"47.60"},{"v":47.601839999999996,"d":"47.60"}]
["95","手工除锈","1.除锈等级：St2\r\n2.除锈内容：管道外表面","m2",1.1,2.78,{"v":0.12,"d":"12%"},{"v":2.3240799999999995,"d":"2.32"},{"v":2.5564879999999994,"d":"2.56"}]
["96","埋地管道刷油","1.油防腐方式：三油两布防腐，具体为环氧沥青底漆-面漆-玻璃丝布-面漆-玻璃丝布-面漆-面漆\r\n2.漆膜厚度：干膜厚度＞0.4mm","m2",0.6,71.35,{"v":0.12,"d":"12%"},{"v":59.64859999999999,"d":"59.65"},{"v":35.78915999999999,"d":"35.79"}]
["97","明敷管道刷油","1.油防腐方式：C53-31红丹醇酸防腐漆两遍及C04-42绿色醇酸磁漆两遍\r\n2.漆膜厚度：按设计","m2",0.5,20.77,{"v":0.12,"d":"12%"},{"v":17.363719999999997,"d":"17.36"},{"v":8.681859999999999,"d":"8.68"}]
["98","挖沟槽土方","1.土壤类别：按设计\r\n2.挖土深度：按设计","m3",5,3.49,{"v":0.12,"d":"12%"},{"v":2.91764,"d":"2.92"},{"v":14.5882,"d":"14.59"}]
["99","回填方","1.回填形式：沟槽回填\r\n2.回填方式：就地回填，夯填","m3",5,14.29,{"v":0.12,"d":"12%"},{"v":11.946439999999999,"d":"11.95"},{"v":59.73219999999999,"d":"59.73"}]
[1.9,"3#转运站生产给水管系统"]
["100","低压碳钢管","1.名称：焊接钢管\r\n2.规格：DN20\r\n3.材质：Q235\r\n4.连接形式、焊接方法：电弧焊","m",13.5,4.53,{"v":0.12,"d":"12%"},{"v":3.7870799999999996,"d":"3.79"},{"$f":"H115*E115","v":{"v":51.12557999999999,"d":"51.13"}}]
["101","低压碳钢管","1.名称：焊接钢管\r\n2.规格：DN32\r\n3.材质：Q235\r\n4.连接形式、焊接方法：电弧焊","m",42.5,6.28,{"v":0.12,"d":"12%"},{"v":5.2500800000000005,"d":"5.25"},{"v":223.12840000000003,"d":"223.13"}]
["102","管道压力试验","1.规格、型号：DN50以下\r\n2.压力等级：低压\r\n3.管内介质：水","m",56,3.89,{"v":0.12,"d":"12%"},{"v":3.25204,"d":"3.25"},{"v":182.11424,"d":"182.11"}]
["103","管道系统吹扫","1.规格、型号：DN50以下\r\n2.管内介质：水","m",56,2.87,{"v":0.12,"d":"12%"},{"v":2.3993200000000003,"d":"2.40"},{"v":134.36192000000003,"d":"134.36"}]
["104","低压碳钢管件","1.名称：钢制弯头\r\n2.规格：DN20\r\n3.材质：Q235\r\n4.连接方式：电弧焊","个",6,20.29,{"v":0.12,"d":"12%"},{"v":16.962439999999997,"d":"16.96"},{"v":101.77463999999998,"d":"101.77"}]
["105","低压碳钢管件","1.名称：钢制弯头\r\n2.规格：DN32\r\n3.材质：Q235\r\n4.连接方式：电弧焊","个",1,34.22,{"v":0.12,"d":"12%"},{"v":28.60792,"d":"28.61"},{"v":28.60792,"d":"28.61"}]
["106","低压碳钢管件","1.名称：钢制三通\r\n2.规格：DN32/DN32\r\n3.材质：Q235\r\n4.连接方式：电弧焊","个",5,37.02,{"v":0.12,"d":"12%"},{"v":30.948720000000005,"d":"30.95"},{"v":154.74360000000001,"d":"154.74"}]
["107","低压碳钢管件","1.名称：钢制异径管\r\n2.规格：DN32/DN20\r\n3.材质：Q235\r\n4.连接方式：电弧焊","个",6,35.22,{"v":0.12,"d":"12%"},{"v":29.443919999999995,"d":"29.44"},{"v":176.66351999999998,"d":"176.66"}]
["108","低压螺纹阀门","1.名称：螺纹截止阀\r\n2.材质：按设计\r\n3.型号、规格：DN20\r\n4.连接形式：螺纹连接","个",6,33.93,{"v":0.12,"d":"12%"},{"v":28.365479999999998,"d":"28.37"},{"v":170.19288,"d":"170.19"}]
["109","低压碳钢管件","1.名称：单头外丝接头\r\n2.材质：Q235\r\n3.规格：DN20\r\n4.连接方式：电弧焊","个",12,18.54,{"v":0.12,"d":"12%"},{"v":15.49944,"d":"15.50"},{"v":185.99328,"d":"185.99"}]
["110","低压螺纹阀门","1.名称：螺纹截止阀\r\n2.材质：按设计\r\n3.型号、规格：DN32\r\n4.连接形式：螺纹连接","个",1,46.12,{"v":0.12,"d":"12%"},{"v":38.55631999999999,"d":"38.56"},{"v":38.55631999999999,"d":"38.56"}]
["111","低压碳钢管件","1.名称：单头外丝接头\r\n2.材质：Q235\r\n3.规格：DN32\r\n4.连接方式：电弧焊","个",2,33.32,{"v":0.12,"d":"12%"},{"v":27.85552,"d":"27.86"},{"v":55.71104,"d":"55.71"}]
["112","低压碳钢管件","1.名称：双头外丝接头\r\n2.材质：Q235\r\n3.规格：DN32\r\n4.连接方式：电弧焊","个",1,31.83,{"v":0.12,"d":"12%"},{"v":26.60988,"d":"26.61"},{"v":26.60988,"d":"26.61"}]
["113","低压碳钢管件","1.名称：螺纹活接头\r\n2.材质：Q235\r\n3.规格：DN32\r\n4.连接方式：电弧焊","个",1,33.4,{"v":0.12,"d":"12%"},{"v":27.922399999999996,"d":"27.92"},{"v":27.922399999999996,"d":"27.92"}]
["114","套管制作与安装","1.名称：一般穿墙套管制作安装\r\n2.材质：Q235\r\n3.规格：DN50","个",3,23.25,{"v":0.12,"d":"12%"},{"v":19.436999999999998,"d":"19.44"},{"v":58.31099999999999,"d":"58.31"}]
["115","手工除锈","1.除锈等级：St2\r\n2.除锈内容：管道外表面","m2",6.13,2.78,{"v":0.12,"d":"12%"},{"v":2.3240799999999995,"d":"2.32"},{"v":14.246610399999996,"d":"14.25"}]
["116","埋地管道刷油","1.油防腐方式：三油两布防腐，具体为环氧沥青底漆-面漆-玻璃丝布-面漆-玻璃丝布-面漆-面漆\r\n2.漆膜厚度：干膜厚度＞0.4mm","m2",4.21,71.35,{"v":0.12,"d":"12%"},{"v":59.64859999999999,"d":"59.65"},{"v":251.12060599999995,"d":"251.12"}]
["117","明敷管道刷油","1.油防腐方式：C53-31红丹醇酸防腐漆两遍及C04-42绿色醇酸磁漆两遍\r\n2.漆膜厚度：按设计","m2",1.92,20.77,{"v":0.12,"d":"12%"},{"v":17.363719999999997,"d":"17.36"},{"v":33.338342399999995,"d":"33.34"}]
["118","挖沟槽土方","1.土壤类别：按设计\r\n2.挖土深度：按设计","m3",30.6,3.49,{"v":0.12,"d":"12%"},{"v":2.91764,"d":"2.92"},{"v":89.279784,"d":"89.28"}]
["119","回填方","1.回填形式：沟槽回填\r\n2.回填方式：就地回填，夯填","m3",30.6,14.29,{"v":0.12,"d":"12%"},{"v":11.946439999999999,"d":"11.95"},{"v":365.561064,"d":"365.56"}]
["120","混凝土阀门井","1.名称：混凝土矩形阀门井\r\n2.图集：05S502\r\n3.井盖、井圈材质及规格：按设计","座",1,10957.73,{"v":0.12,"d":"12%"},{"v":9160.662279999999,"d":"9160.66"},{"v":9160.662279999999,"d":"9160.66"}]
["1.10","3#转运站生活给水系统"]
["121","塑料管","1.名称：PE型钢塑给水管\r\n2.安装部位：室内\r\n3.介质：生活水\r\n4.规格、压力等级：DN15\r\n5.连接形式：电热熔\r\n6.压力试验及吹洗设计要求：按设计","m",4.5,47.35,{"v":0.12,"d":"12%"},{"v":39.5846,"d":"39.58"},{"$f":"H137*E137","v":{"v":178.13070000000002,"d":"178.13"}}]
["122","塑料管","1.名称：PE型钢塑给水管\r\n2.安装部位：室内\r\n3.介质：生活水\r\n4.规格、压力等级：DN25\r\n5.连接形式：电热熔\r\n6.压力试验及吹洗设计要求：按设计","m",3.3,49.08,{"v":0.12,"d":"12%"},{"v":41.030879999999996,"d":"41.03"},{"v":135.40190399999997,"d":"135.40"}]
["123","螺纹阀门","1.名称：螺纹截止阀\r\n2.材质：按设计\r\n3.规格、压力等级：DN15\r\n4.连接形式：电热熔","个",2,13.27,{"v":0.12,"d":"12%"},{"v":11.09372,"d":"11.09"},{"v":22.18744,"d":"22.19"}]
["124","螺纹阀门","1.名称：螺纹截止阀\r\n2.材质：按设计\r\n3.规格、压力等级：DN25\r\n4.连接形式：电热熔","个",1,19.7,{"v":0.12,"d":"12%"},{"v":16.4692,"d":"16.47"},{"v":16.4692,"d":"16.47"}]
["125","水表","1.名称：螺纹水表\r\n2.型号、规格：DN25\r\n3.连接形式：螺纹连接\r\n4.安装部位：室外:","个",1,89.05,{"v":0.12,"d":"12%"},{"v":74.44579999999999,"d":"74.45"},{"v":74.44579999999999,"d":"74.45"}]
["126","挖沟槽土方","1.土壤类别：按设计\r\n2.挖土深度：按设计","m3",3,3.49,{"v":0.12,"d":"12%"},{"v":2.91764,"d":"2.92"},{"v":8.75292,"d":"8.75"}]
["127","回填方","1.回填形式：沟槽回填\r\n2.回填方式：就地回填，夯填","m3",3,14.29,{"v":0.12,"d":"12%"},{"v":11.946439999999999,"d":"11.95"},{"v":35.83932,"d":"35.84"}]
["128","套管制作与安装","1.名称：一般穿墙套管制作安装\r\n2.材质：Q235\r\n3.规格：DN50","个",1,23.25,{"v":0.12,"d":"12%"},{"v":19.436999999999998,"d":"19.44"},{"v":19.436999999999998,"d":"19.44"}]
["129","混凝土阀门井","1.名称：混凝土矩形阀门井\r\n2.图集：05S502\r\n3.井盖、井圈材质及规格：按设计","座",1,10957.73,{"v":0.12,"d":"12%"},{"v":9160.662279999999,"d":"9160.66"},{"v":9160.662279999999,"d":"9160.66"}]
["1.11","3#转运站排水系统"]
["130","塑料管","1.名称：塑料排水管\r\n2.安装部位：室外\r\n3.介质：污水\r\n4.规格、压力等级：De110\r\n5.连接形式：粘接","m",20,7.42,{"v":0.12,"d":"12%"},{"v":6.203119999999999,"d":"6.20"},{"$f":"H147*E147","v":{"v":124.06239999999998,"d":"124.06"}}]
["131","给、排水附（配）件","1.名称：地漏\r\n3.材质：按设计\r\n3.型号、规格：De110\r\n4.安装方式：粘接","个",5,50.25,{"v":0.12,"d":"12%"},{"v":42.009,"d":"42.01"},{"$f":"H148*E148","v":{"v":210.04500000000002,"d":"210.05"}}]
[1.12,"3#转运站排废水系统"]
["132","离心泵","1.名称：不锈钢潜污泵\r\n2.规格型号：Q=10m3/h，H=40m","台",1,554.28,{"v":0.12,"d":"12%"},{"v":463.37807999999995,"d":"463.38"},{"$f":"H150*E150","v":{"v":463.37807999999995,"d":"463.38"}}]
["133","低压碳钢管","1.名称：焊接钢管\r\n2.规格：DN65\r\n3.材质：Q235\r\n4.连接形式、焊接方法：电弧焊","m",4.5,10.6,{"v":0.12,"d":"12%"},{"v":8.8616,"d":"8.86"},{"v":39.877199999999995,"d":"39.88"}]
["134","管道压力试验","1.规格、型号：DN50以上，DN100以下\r\n2.压力等级：低压\r\n3.管内介质：水","m",4.5,4.85,{"v":0.12,"d":"12%"},{"v":4.054599999999999,"d":"4.05"},{"v":18.245699999999996,"d":"18.25"}]
["135","管道系统吹扫","1.规格、型号：DN50以上，DN100以下\r\n2.管内介质：水","m",4.5,3.98,{"v":0.12,"d":"12%"},{"v":3.3272799999999996,"d":"3.33"},{"v":14.972759999999997,"d":"14.97"}]
["136","低压碳钢管件","1.名称：钢制弯头\r\n2.规格：DN65\r\n3.材质：Q235\r\n4.连接方式：电弧焊","个",2,75.69,{"v":0.12,"d":"12%"},{"v":63.27683999999999,"d":"63.28"},{"v":126.55367999999999,"d":"126.55"}]
["137","低压法兰阀门","1.名称：法兰截止阀\r\n2.材质：按设计\r\n3.型号、规格：DN65\r\n4.连接形式：法兰连接","个",1,54.2,{"v":0.12,"d":"12%"},{"v":45.3112,"d":"45.31"},{"v":45.3112,"d":"45.31"}]
["138","低压法兰阀门","1.名称：法兰止回阀\r\n2.材质：按设计\r\n3.型号、规格：DN65\r\n4.连接形式：法兰连接","个",1,54.2,{"v":0.12,"d":"12%"},{"v":45.3112,"d":"45.31"},{"v":45.3112,"d":"45.31"}]
["139","低压碳钢焊接法兰","1.名称：碳钢法兰\r\n2.材质：20#\r\n3.结构形式：按设计\r\n4.型号、规格：DN65\r\n5.焊接方法：电弧焊\r\n6.连接形式：与阀门连接\r\n7.其他：配套法兰垫片、螺栓、螺母、垫圈","副",2,111.76,{"v":0.12,"d":"12%"},{"v":93.43136,"d":"93.43"},{"v":186.86272,"d":"186.86"}]
["140","低压碳钢焊接法兰","1.名称：碳钢法兰\r\n2.材质：Q235\r\n3.结构形式：按设计\r\n4.型号、规格：DN65\r\n5.焊接方法：电弧焊\r\n6.连接形式：与设备本体法兰对接\r\n7.其他：配套法兰垫片、螺栓、螺母、垫圈","副",1,62.53,{"v":0.12,"d":"12%"},{"v":52.27508,"d":"52.28"},{"v":52.27508,"d":"52.28"}]
["141","套管制作与安装","1.名称：一般穿墙套管\r\n2.材质：Q235\r\n3.规格：DN65","个",1,56.94,{"v":0.12,"d":"12%"},{"v":47.601839999999996,"d":"47.60"},{"v":47.601839999999996,"d":"47.60"}]
["142","动力工具除锈","1.除锈等级：St2\r\n2.除锈内容：管道外表面","m2",1.1,2.78,{"v":0.12,"d":"12%"},{"v":2.3240799999999995,"d":"2.32"},{"v":2.5564879999999994,"d":"2.56"}]
["143","埋地管道刷油","1.油防腐方式：三油两布防腐，具体为环氧沥青底漆-面漆-玻璃丝布-面漆-玻璃丝布-面漆-面漆\r\n2.漆膜厚度：干膜厚度＞0.4mm","m2",0.6,71.35,{"v":0.12,"d":"12%"},{"v":59.64859999999999,"d":"59.65"},{"v":35.78915999999999,"d":"35.79"}]
["144","明敷管道刷油","1.油防腐方式：C53-31红丹醇酸防腐漆两遍及C04-42绿色醇酸磁漆两遍\r\n2.漆膜厚度：按设计","m2",0.5,20.77,{"v":0.12,"d":"12%"},{"v":17.363719999999997,"d":"17.36"},{"v":8.681859999999999,"d":"8.68"}]
["145","挖沟槽土方","1.土壤类别：按设计\r\n2.挖土深度：按设计","m3",5,3.49,{"v":0.12,"d":"12%"},{"v":2.91764,"d":"2.92"},{"v":14.5882,"d":"14.59"}]
["146","回填方","1.回填形式：沟槽回填\r\n2.回填方式：就地回填，夯填","m3",5,14.29,{"v":0.12,"d":"12%"},{"v":11.946439999999999,"d":"11.95"},{"v":59.73219999999999,"d":"59.73"}]
[1.13,"消防系统"]
["147","灭火器","1.名称：磷酸铵盐手提式灭火器\r\n2.形式：按设计\r\n3.规格、型号：MF/ABC3\r\n","具",24,46.76,{"v":0.12,"d":"12%"},{"v":39.091359999999995,"d":"39.09"},{"$f":"H166*E166","v":{"v":938.1926399999999,"d":"938.19"}}]
["148","灭火器箱","1.名称：手提式灭火器箱\r\n2.形式：按设计\r\n3.规格、型号：每个灭火器箱内设置2具灭火器","个",12,35.92,{"v":0.12,"d":"12%"},{"v":30.029120000000002,"d":"30.03"},{"$f":"H167*E167","v":{"v":360.34944,"d":"360.35"}}]
["149","大型机械设备进出场及安拆","1.机械设备名称：履带式挖掘机等\r\n2.机械设备规格型号：自定","台次",1,13082.78,{"v":0.12,"d":"12%"},{"v":10937.20408,"d":"10937.20"},{"$f":"H168*E168","v":{"v":10937.20408,"d":"10937.20"}}]
[null,"二、半成品库"]
[2.1,"半成品库生产水系统"]
["150","低压碳钢管","1.名称：焊接钢管\r\n2.规格：DN20\r\n3.材质：Q235\r\n4.连接形式、焊接方法：电弧焊","m",79.1,4.53,{"v":0.12,"d":"12%"},{"v":3.7870799999999996,"d":"3.79"},{"$f":"H171*E171","v":{"v":299.5580279999999,"d":"299.56"}}]
["151","低压碳钢管","1.名称：焊接钢管\r\n2.规格：DN32\r\n3.材质：Q235\r\n4.连接形式、焊接方法：电弧焊","m",16,6.28,{"v":0.12,"d":"12%"},{"v":5.2500800000000005,"d":"5.25"},{"v":84.00128000000001,"d":"84.00"}]
["152","低压碳钢管","1.名称：焊接钢管\r\n2.规格：DN40\r\n3.材质：Q235\r\n4.连接形式、焊接方法：电弧焊","m",6,6.96,{"v":0.12,"d":"12%"},{"v":5.81856,"d":"5.82"},{"v":34.91136,"d":"34.91"}]
["153","管道压力试验","1.规格、型号：DN50以下\r\n2.压力等级：低压\r\n3.管内介质：水","m",101.1,3.89,{"v":0.12,"d":"12%"},{"v":3.25204,"d":"3.25"},{"v":328.78124399999996,"d":"328.78"}]
["154","管道系统吹扫","1.规格、型号：DN50以下\r\n2.管内介质：水","m",101.1,2.87,{"v":0.12,"d":"12%"},{"v":2.3993200000000003,"d":"2.40"},{"v":242.57125200000002,"d":"242.57"}]
["155","低压碳钢管件","1.名称：钢制弯头\r\n2.规格：DN20\r\n3.材质：Q235\r\n4.连接方式：电弧焊","个",22,20.29,{"v":0.12,"d":"12%"},{"v":16.962439999999997,"d":"16.96"},{"v":373.17367999999993,"d":"373.17"}]
["156","低压碳钢管件","1.名称：钢制三通\r\n2.规格：DN20/DN20\r\n3.材质：Q235\r\n4.连接方式：电弧焊","个",3,21.84,{"v":0.12,"d":"12%"},{"v":18.258239999999997,"d":"18.26"},{"v":54.77471999999999,"d":"54.77"}]
["157","低压碳钢管件","1.名称：钢制三通\r\n2.规格：DN32/DN20\r\n3.材质：Q235\r\n4.连接方式：电弧焊","个",1,37.02,{"v":0.12,"d":"12%"},{"v":30.948720000000005,"d":"30.95"},{"v":30.948720000000005,"d":"30.95"}]
["158","低压碳钢管件","1.名称：钢制三通\r\n2.规格：DN40/DN20\r\n3.材质：Q235\r\n4.连接方式：电弧焊","个",1,46.64,{"v":0.12,"d":"12%"},{"v":38.99104,"d":"38.99"},{"v":38.99104,"d":"38.99"}]
["159","低压碳钢管件","1.名称：钢制异径管\r\n2.规格：DN32/DN20\r\n3.材质：Q235\r\n4.连接方式：电弧焊","个",1,35.22,{"v":0.12,"d":"12%"},{"v":29.443919999999995,"d":"29.44"},{"v":29.443919999999995,"d":"29.44"}]
["160","低压碳钢管件","1.名称：钢制异径管\r\n2.规格：DN40/DN32\r\n3.材质：Q235\r\n4.连接方式：电弧焊","个",1,41.94,{"v":0.12,"d":"12%"},{"v":35.06184,"d":"35.06"},{"v":35.06184,"d":"35.06"}]
["161","低压螺纹阀门","1.名称：螺纹截止阀\r\n2.材质：按设计\r\n3.型号、规格：DN20\r\n4.连接形式：螺纹连接","个",6,33.93,{"v":0.12,"d":"12%"},{"v":28.365479999999998,"d":"28.37"},{"v":170.19288,"d":"170.19"}]
["162","低压碳钢管件","1.名称：单头外丝接头\r\n2.材质：Q235\r\n3.规格：DN20\r\n4.连接方式：电弧焊","个",12,18.54,{"v":0.12,"d":"12%"},{"v":15.49944,"d":"15.50"},{"v":185.99328,"d":"185.99"}]
["163","低压螺纹阀门","1.名称：螺纹截止阀\r\n2.材质：按设计\r\n3.型号、规格：DN40\r\n4.连接形式：螺纹连接","个",1,50.49,{"v":0.12,"d":"12%"},{"v":42.20964,"d":"42.21"},{"v":42.20964,"d":"42.21"}]
["164","低压碳钢管件","1.名称：单头外丝接头\r\n2.材质：Q235\r\n3.规格：DN40\r\n4.连接方式：电弧焊","个",2,39.44,{"v":0.12,"d":"12%"},{"v":32.97184,"d":"32.97"},{"v":65.94368,"d":"65.94"}]
["165","低压碳钢管件","1.名称：双头外丝接头\r\n2.材质：Q235\r\n3.规格：DN40\r\n4.连接方式：电弧焊","个",1,39.83,{"v":0.12,"d":"12%"},{"v":33.29788,"d":"33.30"},{"v":33.29788,"d":"33.30"}]
["166","低压碳钢管件","1.名称：螺纹活接头\r\n2.材质：Q235\r\n3.规格：DN40\r\n4.连接方式：电弧焊","个",1,41.34,{"v":0.12,"d":"12%"},{"v":34.56024,"d":"34.56"},{"v":34.56024,"d":"34.56"}]
["167","套管制作与安装","1.名称：一般穿墙套管制作安装\r\n2.材质：Q235\r\n3.规格：DN50","个",3,23.25,{"v":0.12,"d":"12%"},{"v":19.436999999999998,"d":"19.44"},{"v":58.31099999999999,"d":"58.31"}]
["168","手工除锈","1.除锈等级：St2\r\n2.除锈内容：管道外表面","m2",8.97,2.78,{"v":0.12,"d":"12%"},{"v":2.3240799999999995,"d":"2.32"},{"v":20.846997599999998,"d":"20.85"}]
["169","埋地管道刷油","1.油防腐方式：三油两布防腐，具体为环氧沥青底漆-面漆-玻璃丝布-面漆-玻璃丝布-面漆-面漆\r\n2.漆膜厚度：干膜厚度＞0.4mm","m2",8.67,71.35,{"v":0.12,"d":"12%"},{"v":59.64859999999999,"d":"59.65"},{"v":517.1533619999999,"d":"517.15"}]
["170","明敷管道刷油","1.油防腐方式：C53-31红丹醇酸防腐漆两遍及C04-42绿色醇酸磁漆两遍\r\n2.漆膜厚度：按设计","m2",0.3,20.77,{"v":0.12,"d":"12%"},{"v":17.363719999999997,"d":"17.36"},{"v":5.209115999999999,"d":"5.21"}]
["171","挖沟槽土方","1.土壤类别：按设计\r\n2.挖土深度：按设计","m3",51.3,3.49,{"v":0.12,"d":"12%"},{"v":2.91764,"d":"2.92"},{"v":149.67493199999998,"d":"149.67"}]
["172","回填方","1.回填形式：沟槽回填\r\n2.回填方式：就地回填，夯填","m3",51.3,14.29,{"v":0.12,"d":"12%"},{"v":11.946439999999999,"d":"11.95"},{"v":612.852372,"d":"612.85"}]
["173","混凝土阀门井","1.名称：混凝土矩形阀门井\r\n2.图集：05S502\r\n3.井盖、井圈材质及规格：按设计","座",1,10957.73,{"v":0.12,"d":"12%"},{"v":9160.662279999999,"d":"9160.66"},{"v":9160.662279999999,"d":"9160.66"}]
[2.2,"半成品库生活给水系统"]
["174","塑料管","1.名称：PE型钢塑给水管\r\n2.安装部位：室内\r\n3.介质：生活水\r\n4.规格、压力等级：DN15\r\n5.连接形式：电热熔\r\n6.压力试验及吹洗设计要求：按设计","m",27.2,47.35,{"v":0.12,"d":"12%"},{"v":39.5846,"d":"39.58"},{"$f":"H196*E196","v":{"v":1076.70112,"d":"1076.70"}}]
["175","塑料管","1.名称：PE型钢塑给水管\r\n2.安装部位：室内\r\n3.介质：生活水\r\n4.规格、压力等级：DN25\r\n5.连接形式：电热熔\r\n6.压力试验及吹洗设计要求：按设计","m",21.65,49.08,{"v":0.12,"d":"12%"},{"v":41.030879999999996,"d":"41.03"},{"v":888.3185519999998,"d":"888.32"}]
["176","螺纹阀门","1.名称：螺纹截止阀\r\n2.材质：按设计\r\n3.规格、压力等级：DN25\r\n4.连接形式：电热熔","个",1,19.7,{"v":0.12,"d":"12%"},{"v":16.4692,"d":"16.47"},{"v":16.4692,"d":"16.47"}]
["177","水表","1.名称：螺纹水表\r\n2.型号、规格：DN25\r\n3.连接形式：螺纹连接\r\n4.安装部位：室外:","个",1,89.05,{"v":0.12,"d":"12%"},{"v":74.44579999999999,"d":"74.45"},{"v":74.44579999999999,"d":"74.45"}]
["178","挖沟槽土方","1.土壤类别：按设计\r\n2.挖土深度：按设计","m3",29.6,3.49,{"v":0.12,"d":"12%"},{"v":2.91764,"d":"2.92"},{"v":86.362144,"d":"86.36"}]
["179","回填方","1.回填形式：沟槽回填\r\n2.回填方式：就地回填，夯填","m3",29.6,14.29,{"v":0.12,"d":"12%"},{"v":11.946439999999999,"d":"11.95"},{"v":353.614624,"d":"353.61"}]
["180","套管制作与安装","1.名称：一般穿墙套管制作安装\r\n2.材质：Q235\r\n3.规格：DN50","个",3,23.25,{"v":0.12,"d":"12%"},{"v":19.436999999999998,"d":"19.44"},{"v":58.31099999999999,"d":"58.31"}]
["181","混凝土阀门井","1.名称：混凝土矩形阀门井\r\n2.图集：05S502\r\n3.井盖、井圈材质及规格：按设计","座",1,10957.73,{"v":0.12,"d":"12%"},{"v":9160.662279999999,"d":"9160.66"},{"v":9160.662279999999,"d":"9160.66"}]
[2.3,"半成品库排水系统"]
["182","塑料管","1.名称：塑料排水管\r\n2.安装部位：室外\r\n3.介质：污水\r\n4.规格、压力等级：De75\r\n5.连接形式：粘接","m",30.6,6.09,{"v":0.12,"d":"12%"},{"v":5.09124,"d":"5.09"},{"$f":"H205*E205","v":{"v":155.791944,"d":"155.79"}}]
["183","给、排水附（配）件","1.名称：地漏\r\n3.材质：按设计\r\n3.型号、规格：De75\r\n4.安装方式：粘接","个",6,40.88,{"v":0.12,"d":"12%"},{"v":34.17568,"d":"34.18"},{"$f":"H206*E206","v":{"v":205.05408,"d":"205.05"}}]
[2.4,"半成品库排废水系统"]
["184","离心泵","1.名称：不锈钢潜污泵\r\n2.规格型号：Q=10m3/h，H=40m","台",3,554.28,{"v":0.12,"d":"12%"},{"v":463.37807999999995,"d":"463.38"},{"$f":"H208*E208","v":{"v":1390.1342399999999,"d":"1390.13"}}]
["185","低压碳钢管","1.名称：焊接钢管\r\n2.规格：DN65\r\n3.材质：Q235\r\n4.连接形式、焊接方法：电弧焊","m",46.4,10.6,{"v":0.12,"d":"12%"},{"v":8.8616,"d":"8.86"},{"v":411.17823999999996,"d":"411.18"}]
["186","低压碳钢管","1.名称：焊接钢管\r\n2.规格：DN80\r\n3.材质：Q235\r\n4.连接形式、焊接方法：电弧焊","m",17.7,12.54,{"v":0.12,"d":"12%"},{"v":10.483439999999998,"d":"10.48"},{"v":185.55688799999996,"d":"185.56"}]
["187","管道压力试验","1.规格、型号：DN50以上，DN100以下\r\n2.压力等级：低压\r\n3.管内介质：水","m",64.1,4.85,{"v":0.12,"d":"12%"},{"v":4.054599999999999,"d":"4.05"},{"v":259.89985999999993,"d":"259.90"}]
["188","管道系统吹扫","1.规格、型号：DN50以上，DN100以下\r\n2.管内介质：水","m",64.1,3.98,{"v":0.12,"d":"12%"},{"v":3.3272799999999996,"d":"3.33"},{"v":213.27864799999995,"d":"213.28"}]
["189","低压碳钢管件","1.名称：钢制弯头\r\n2.规格：DN65\r\n3.材质：Q235\r\n4.连接方式：电弧焊","个",13,75.69,{"v":0.12,"d":"12%"},{"v":63.27683999999999,"d":"63.28"},{"v":822.5989199999999,"d":"822.60"}]
["190","低压碳钢管件","1.名称：钢制三通\r\n2.规格：DN80/DN65\r\n3.材质：Q235\r\n4.连接方式：电弧焊","个",2,95.96,{"v":0.12,"d":"12%"},{"v":80.22255999999999,"d":"80.22"},{"v":160.44511999999997,"d":"160.45"}]
["191","低压碳钢管件","1.名称：钢制异径管\r\n2.规格：DN80/DN65\r\n3.材质：Q235\r\n4.连接方式：电弧焊","个",1,91.21,{"v":0.12,"d":"12%"},{"v":76.25156,"d":"76.25"},{"v":76.25156,"d":"76.25"}]
["192","低压法兰阀门","1.名称：法兰截止阀\r\n2.材质：按设计\r\n3.型号、规格：DN65\r\n4.连接形式：法兰连接","个",3,54.2,{"v":0.12,"d":"12%"},{"v":45.3112,"d":"45.31"},{"v":135.9336,"d":"135.93"}]
["193","低压法兰阀门","1.名称：法兰止回阀\r\n2.材质：按设计\r\n3.型号、规格：DN65\r\n4.连接形式：法兰连接","个",3,54.2,{"v":0.12,"d":"12%"},{"v":45.3112,"d":"45.31"},{"v":135.9336,"d":"135.93"}]
["194","低压碳钢焊接法兰","1.名称：碳钢法兰\r\n2.材质：20#\r\n3.结构形式：按设计\r\n4.型号、规格：DN65\r\n5.焊接方法：电弧焊\r\n6.连接形式：与阀门连接\r\n7.其他：配套法兰垫片、螺栓、螺母、垫圈","副",6,111.76,{"v":0.12,"d":"12%"},{"v":93.43136,"d":"93.43"},{"v":560.58816,"d":"560.59"}]
["195","低压碳钢焊接法兰","1.名称：碳钢法兰\r\n2.材质：Q235\r\n3.结构形式：按设计\r\n4.型号、规格：DN65\r\n5.焊接方法：电弧焊\r\n6.连接形式：与设备本体法兰对接\r\n7.其他：配套法兰垫片、螺栓、螺母、垫圈","副",3,62.53,{"v":0.12,"d":"12%"},{"v":52.27508,"d":"52.28"},{"v":156.82524,"d":"156.83"}]
["196","套管制作与安装","1.名称：一般穿墙套管制作安装\r\n2.材质：Q235\r\n3.规格：DN65","个",3,56.94,{"v":0.12,"d":"12%"},{"v":47.601839999999996,"d":"47.60"},{"v":142.80552,"d":"142.81"}]
["197","动力工具除锈","1.除锈等级：St2\r\n2.除锈内容：管道外表面","m2",16,2.78,{"v":0.12,"d":"12%"},{"v":2.3240799999999995,"d":"2.32"},{"v":37.18527999999999,"d":"37.19"}]
["198","埋地管道刷油","1.油防腐方式：三油两布防腐，具体为环氧沥青底漆-面漆-玻璃丝布-面漆-玻璃丝布-面漆-面漆\r\n2.漆膜厚度：干膜厚度＞0.4mm","m2",14.6,71.35,{"v":0.12,"d":"12%"},{"v":59.64859999999999,"d":"59.65"},{"v":870.8695599999998,"d":"870.87"}]
["199","明敷管道刷油","1.油防腐方式：C53-31红丹醇酸防腐漆两遍及C04-42绿色醇酸磁漆两遍\r\n2.漆膜厚度：按设计","m2",1.4,20.77,{"v":0.12,"d":"12%"},{"v":17.363719999999997,"d":"17.36"},{"v":24.309207999999995,"d":"24.31"}]
["200","挖沟槽土方","1.土壤类别：按设计\r\n2.挖土深度：按设计","m3",50.4,3.49,{"v":0.12,"d":"12%"},{"v":2.91764,"d":"2.92"},{"v":147.049056,"d":"147.05"}]
["201","回填方","1.回填形式：沟槽回填\r\n2.回填方式：就地回填，夯填","m3",50.4,14.29,{"v":0.12,"d":"12%"},{"v":11.946439999999999,"d":"11.95"},{"v":602.1005759999999,"d":"602.10"}]
[2.5,"消防系统"]
["202","灭火器","1.名称：磷酸铵盐手提式灭火器\r\n2.形式：按设计\r\n3.规格、型号：MF/ABC3","具",24,46.76,{"v":0.12,"d":"12%"},{"v":39.091359999999995,"d":"39.09"},{"$f":"H227*E227","v":{"v":938.1926399999999,"d":"938.19"}}]
["203","灭火器箱","1.名称：手提式灭火器箱\r\n2.形式：按设计\r\n3.规格、型号：每个灭火器箱内设置2具灭火器","个",12,35.92,{"v":0.12,"d":"12%"},{"v":30.029120000000002,"d":"30.03"},{"$f":"H228*E228","v":{"v":360.34944,"d":"360.35"}}]
[null,"三、机制砂库"]
[3.1,"机制砂库皮带廊生产水系统"]
["204","低压碳钢管","1.名称：焊接钢管\r\n2.规格：DN20\r\n3.材质：Q235\r\n4.连接形式、焊接方法：电弧焊","m",4.5,4.53,{"v":0.12,"d":"12%"},{"v":3.7870799999999996,"d":"3.79"},{"$f":"H231*E231","v":{"v":17.04186,"d":"17.04"}}]
["205","低压碳钢管","1.名称：焊接钢管\r\n2.规格：DN32\r\n3.材质：Q235\r\n4.连接形式、焊接方法：电弧焊","m",340,6.28,{"v":0.12,"d":"12%"},{"v":5.2500800000000005,"d":"5.25"},{"v":1785.0272000000002,"d":"1785.03"}]
["206","低压碳钢管","1.名称：焊接钢管\r\n2.规格：DN50\r\n3.材质：Q235\r\n4.连接形式、焊接方法：电弧焊","m",16.1,7.91,{"v":0.12,"d":"12%"},{"v":6.61276,"d":"6.61"},{"v":106.46543600000001,"d":"106.47"}]
["207","管道压力试验","1.规格、型号：DN50以下\r\n2.压力等级：低压\r\n3.管内介质：水","m",360.6,3.89,{"v":0.12,"d":"12%"},{"v":3.25204,"d":"3.25"},{"v":1172.6856240000002,"d":"1172.69"}]
["208","管道系统吹扫","1.规格、型号：DN50以下\r\n2.管内介质：水","m",360.6,2.87,{"v":0.12,"d":"12%"},{"v":2.3993200000000003,"d":"2.40"},{"v":865.1947920000002,"d":"865.19"}]
["209","低压碳钢管件","1.名称：钢制弯头\r\n2.规格：DN32\r\n3.材质：Q235\r\n4.连接方式：电弧焊","个",8,34.22,{"v":0.12,"d":"12%"},{"v":28.60792,"d":"28.61"},{"v":228.86336,"d":"228.86"}]
["210","低压碳钢管件","1.名称：钢制弯头\r\n2.规格：DN50\r\n3.材质：Q235\r\n4.连接方式：电弧焊","个",1,54.13,{"v":0.12,"d":"12%"},{"v":45.25268,"d":"45.25"},{"v":45.25268,"d":"45.25"}]
["211","低压碳钢管件","1.名称：钢制三通\r\n2.规格：DN32/DN20\r\n3.材质：Q235\r\n4.连接方式：电弧焊","个",12,37.02,{"v":0.12,"d":"12%"},{"v":30.948720000000005,"d":"30.95"},{"v":371.38464000000005,"d":"371.38"}]
["212","低压碳钢管件","1.名称：钢制三通\r\n2.规格：DN50/DN50\r\n3.材质：Q235\r\n4.连接方式：电弧焊","个",1,58.83,{"v":0.12,"d":"12%"},{"v":49.18187999999999,"d":"49.18"},{"v":49.18187999999999,"d":"49.18"}]
["213","低压碳钢管件","1.名称：钢制异径管\r\n2.规格：DN50/DN32\r\n3.材质：Q235\r\n4.连接方式：电弧焊","个",2,52.43,{"v":0.12,"d":"12%"},{"v":43.83148,"d":"43.83"},{"v":87.66296,"d":"87.66"}]
["214","低压螺纹阀门","1.名称：螺纹截止阀\r\n2.材质：按设计\r\n3.型号、规格：DN20\r\n4.连接形式：螺纹连接","个",12,33.93,{"v":0.12,"d":"12%"},{"v":28.365479999999998,"d":"28.37"},{"v":340.38576,"d":"340.39"}]
["215","低压碳钢管件","1.名称：单头外丝接头\r\n2.材质：Q235\r\n3.规格：DN20\r\n4.连接方式：电弧焊","个",24,18.54,{"v":0.12,"d":"12%"},{"v":15.49944,"d":"15.50"},{"v":371.98656,"d":"371.99"}]
["216","低压螺纹阀门","1.名称：螺纹截止阀\r\n2.材质：按设计\r\n3.型号、规格：DN50\r\n4.连接形式：螺纹连接","个",1,55.6,{"v":0.12,"d":"12%"},{"v":46.4816,"d":"46.48"},{"v":46.4816,"d":"46.48"}]
["217","低压碳钢管件","1.名称：单头外丝接头\r\n2.材质：Q235\r\n3.规格：DN50\r\n4.连接方式：电弧焊","个",2,49.93,{"v":0.12,"d":"12%"},{"v":41.741479999999996,"d":"41.74"},{"v":83.48295999999999,"d":"83.48"}]
["218","低压碳钢管件","1.名称：双头外丝接头\r\n2.材质：Q235\r\n3.规格：DN50\r\n4.连接方式：电弧焊","个",1,51.83,{"v":0.12,"d":"12%"},{"v":43.329879999999996,"d":"43.33"},{"v":43.329879999999996,"d":"43.33"}]
["219","低压碳钢管件","1.名称：螺纹活接头\r\n2.材质：Q235\r\n3.规格：DN50\r\n4.连接方式：电弧焊","个",1,52.33,{"v":0.12,"d":"12%"},{"v":43.747879999999995,"d":"43.75"},{"v":43.747879999999995,"d":"43.75"}]
["220","低压碳钢焊接法兰","1.名称：碳钢法兰\r\n2.材质：Q235\r\n3.结构形式：按设计\r\n4.型号、规格：DN32\r\n5.焊接方法：电弧焊\r\n6.连接内容：与法兰盲板螺栓连接\r\n7.其他：配套六角螺栓、法兰垫片等","副",2,60.91,{"v":0.12,"d":"12%"},{"v":50.920759999999994,"d":"50.92"},{"v":101.84151999999999,"d":"101.84"}]
["221","手工除锈","1.除锈等级：St2\r\n2.除锈内容：管道外表面","m2",43.8,2.78,{"v":0.12,"d":"12%"},{"v":2.3240799999999995,"d":"2.32"},{"v":101.79470399999997,"d":"101.79"}]
["222","埋地管道刷油","1.油防腐方式：三油两布防腐，具体为环氧沥青底漆-面漆-玻璃丝布-面漆-玻璃丝布-面漆-面漆\r\n2.漆膜厚度：干膜厚度＞0.4mm","m2",3.2,71.35,{"v":0.12,"d":"12%"},{"v":59.64859999999999,"d":"59.65"},{"v":190.87551999999997,"d":"190.88"}]
["223","明敷管道刷油","1.油防腐方式：C53-31红丹醇酸防腐漆两遍及C04-42绿色醇酸磁漆两遍\r\n2.漆膜厚度：按设计","m2",40.6,20.77,{"v":0.12,"d":"12%"},{"v":17.363719999999997,"d":"17.36"},{"v":704.9670319999999,"d":"704.97"}]
["224","挖沟槽土方","1.土壤类别：按设计\r\n2.挖土深度：按设计","m3",30.7,3.49,{"v":0.12,"d":"12%"},{"v":2.91764,"d":"2.92"},{"v":89.57154799999999,"d":"89.57"}]
["225","回填方","1.回填形式：沟槽回填\r\n2.回填方式：就地回填，夯填","m3",30.7,14.29,{"v":0.12,"d":"12%"},{"v":11.946439999999999,"d":"11.95"},{"v":366.75570799999997,"d":"366.76"}]
["226","混凝土阀门井","1.名称：混凝土矩形阀门井\r\n2.图集：05S502\r\n3.井盖、井圈材质及规格：按设计","座",1,10957.73,{"v":0.12,"d":"12%"},{"v":9160.662279999999,"d":"9160.66"},{"v":9160.662279999999,"d":"9160.66"}]
[3.2,"混合骨料库皮带廊生产水系统"]
["227","低压碳钢管","1.名称：焊接钢管\r\n2.规格：DN20\r\n3.材质：Q235\r\n4.连接形式、焊接方法：电弧焊","m",4.5,4.53,{"v":0.12,"d":"12%"},{"v":3.7870799999999996,"d":"3.79"},{"$f":"H255*E255","v":{"v":17.04186,"d":"17.04"}}]
["228","低压碳钢管","1.名称：焊接钢管\r\n2.规格：DN32\r\n3.材质：Q235\r\n4.连接形式、焊接方法：电弧焊","m",334.7,6.28,{"v":0.12,"d":"12%"},{"v":5.2500800000000005,"d":"5.25"},{"v":1757.201776,"d":"1757.20"}]
["229","低压碳钢管","1.名称：焊接钢管\r\n2.规格：DN50\r\n3.材质：Q235\r\n4.连接形式、焊接方法：电弧焊","m",20.8,7.91,{"v":0.12,"d":"12%"},{"v":6.61276,"d":"6.61"},{"v":137.545408,"d":"137.55"}]
["230","管道压力试验","1.规格、型号：DN50以下\r\n2.压力等级：低压\r\n3.管内介质：水","m",360,3.89,{"v":0.12,"d":"12%"},{"v":3.25204,"d":"3.25"},{"v":1170.7344,"d":"1170.73"}]
["231","管道系统吹扫","1.规格、型号：DN50以下\r\n2.管内介质：水","m",360,2.87,{"v":0.12,"d":"12%"},{"v":2.3993200000000003,"d":"2.40"},{"v":863.7552000000002,"d":"863.76"}]
["232","低压碳钢管件","1.名称：钢制弯头\r\n2.规格：DN32\r\n3.材质：Q235\r\n4.连接方式：电弧焊","个",8,34.22,{"v":0.12,"d":"12%"},{"v":28.60792,"d":"28.61"},{"v":228.86336,"d":"228.86"}]
["233","低压碳钢管件","1.名称：钢制弯头\r\n2.规格：DN50\r\n3.材质：Q235\r\n4.连接方式：电弧焊","个",1,54.13,{"v":0.12,"d":"12%"},{"v":45.25268,"d":"45.25"},{"v":45.25268,"d":"45.25"}]
["234","低压碳钢管件","1.名称：钢制三通\r\n2.规格：DN32/DN20\r\n3.材质：Q235\r\n4.连接方式：电弧焊","个",12,37.02,{"v":0.12,"d":"12%"},{"v":30.948720000000005,"d":"30.95"},{"v":371.38464000000005,"d":"371.38"}]
["235","低压碳钢管件","1.名称：钢制三通\r\n2.规格：DN50/DN50\r\n3.材质：Q235\r\n4.连接方式：电弧焊","个",1,58.83,{"v":0.12,"d":"12%"},{"v":49.18187999999999,"d":"49.18"},{"v":49.18187999999999,"d":"49.18"}]
["236","低压碳钢管件","1.名称：钢制异径管\r\n2.规格：DN50/DN32\r\n3.材质：Q235\r\n4.连接方式：电弧焊","个",2,52.43,{"v":0.12,"d":"12%"},{"v":43.83148,"d":"43.83"},{"v":87.66296,"d":"87.66"}]
["237","低压螺纹阀门","1.名称：螺纹截止阀\r\n2.材质：按设计\r\n3.型号、规格：DN20\r\n4.连接形式：螺纹连接","个",12,33.93,{"v":0.12,"d":"12%"},{"v":28.365479999999998,"d":"28.37"},{"v":340.38576,"d":"340.39"}]
["238","低压碳钢管件","1.名称：单头外丝接头\r\n2.材质：Q235\r\n3.规格：DN20\r\n4.连接方式：电弧焊","个",24,18.54,{"v":0.12,"d":"12%"},{"v":15.49944,"d":"15.50"},{"v":371.98656,"d":"371.99"}]
["239","低压螺纹阀门","1.名称：螺纹截止阀\r\n2.材质：按设计\r\n3.型号、规格：DN50\r\n4.连接形式：螺纹连接","个",1,55.6,{"v":0.12,"d":"12%"},{"v":46.4816,"d":"46.48"},{"v":46.4816,"d":"46.48"}]
["240","低压碳钢管件","1.名称：单头外丝接头\r\n2.材质：Q235\r\n3.规格：DN50\r\n4.连接方式：电弧焊","个",2,49.93,{"v":0.12,"d":"12%"},{"v":41.741479999999996,"d":"41.74"},{"v":83.48295999999999,"d":"83.48"}]
["241","低压碳钢管件","1.名称：双头外丝接头\r\n2.材质：Q235\r\n3.规格：DN50\r\n4.连接方式：电弧焊","个",1,51.83,{"v":0.12,"d":"12%"},{"v":43.329879999999996,"d":"43.33"},{"v":43.329879999999996,"d":"43.33"}]
["242","低压碳钢管件","1.名称：螺纹活接头\r\n2.材质：Q235\r\n3.规格：DN50\r\n4.连接方式：电弧焊","个",1,52.33,{"v":0.12,"d":"12%"},{"v":43.747879999999995,"d":"43.75"},{"v":43.747879999999995,"d":"43.75"}]
["243","低压碳钢焊接法兰","1.名称：碳钢法兰\r\n2.材质：Q235\r\n3.结构形式：按设计\r\n4.型号、规格：DN32\r\n5.焊接方法：电弧焊\r\n6.连接内容：与法兰盲板螺栓连接\r\n7.其他：配套六角螺栓、法兰垫片等","副",2,60.91,{"v":0.12,"d":"12%"},{"v":50.920759999999994,"d":"50.92"},{"v":101.84151999999999,"d":"101.84"}]
["244","手工除锈","1.除锈等级：St2\r\n2.除锈内容：管道外表面","m2",44,2.78,{"v":0.12,"d":"12%"},{"v":2.3240799999999995,"d":"2.32"},{"v":102.25951999999998,"d":"102.26"}]
["245","埋地管道刷油","1.油防腐方式：三油两布防腐，具体为环氧沥青底漆-面漆-玻璃丝布-面漆-玻璃丝布-面漆-面漆\r\n2.漆膜厚度：干膜厚度＞0.4mm","m2",2.35,71.35,{"v":0.12,"d":"12%"},{"v":59.64859999999999,"d":"59.65"},{"v":140.17421,"d":"140.17"}]
["246","明敷管道刷油","1.油防腐方式：C53-31红丹醇酸防腐漆两遍及C04-42绿色醇酸磁漆两遍\r\n2.漆膜厚度：按设计","m2",41.65,20.77,{"v":0.12,"d":"12%"},{"v":17.363719999999997,"d":"17.36"},{"v":723.1989379999999,"d":"723.20"}]
["247","挖沟槽土方","1.土壤类别：按设计\r\n2.挖土深度：按设计","m3",34,3.49,{"v":0.12,"d":"12%"},{"v":2.91764,"d":"2.92"},{"v":99.19976,"d":"99.20"}]
["248","回填方","1.回填形式：沟槽回填\r\n2.回填方式：就地回填，夯填","m3",34,14.29,{"v":0.12,"d":"12%"},{"v":11.946439999999999,"d":"11.95"},{"v":406.17895999999996,"d":"406.18"}]
["249","混凝土阀门井","1.名称：混凝土矩形阀门井\r\n2.图集：05S502\r\n3.井盖、井圈材质及规格：按设计","座",1,10957.73,{"v":0.12,"d":"12%"},{"v":9160.662279999999,"d":"9160.66"},{"v":9160.662279999999,"d":"9160.66"}]
[3.3,"机制砂库皮带廊生活给水系统"]
["250","塑料管","1.名称：PE型钢塑给水管\r\n2.安装部位：室内\r\n3.介质：生活水\r\n4.规格、压力等级：DN15\r\n5.连接形式：电热熔\r\n6.压力试验及吹洗设计要求：按设计","m",14,47.35,{"v":0.12,"d":"12%"},{"v":39.5846,"d":"39.58"},{"$f":"H279*E279","v":{"v":554.1844,"d":"554.18"}}]
["251","螺纹阀门","1.名称：螺纹截止阀\r\n2.材质：按设计\r\n3.规格、压力等级：DN15\r\n4.连接形式：电热熔","个",1,13.27,{"v":0.12,"d":"12%"},{"v":11.09372,"d":"11.09"},{"v":11.09372,"d":"11.09"}]
["252","水表","1.名称：螺纹水表\r\n2.型号、规格：DN15\r\n3.连接形式：螺纹连接\r\n4.安装部位：室外:","个",1,82.73,{"v":0.12,"d":"12%"},{"v":69.16228000000001,"d":"69.16"},{"v":69.16228000000001,"d":"69.16"}]
["253","挖沟槽土方","1.土壤类别：按设计\r\n2.挖土深度：按设计","m3",5.6,3.49,{"v":0.12,"d":"12%"},{"v":2.91764,"d":"2.92"},{"v":16.338784,"d":"16.34"}]
["254","回填方","1.回填形式：沟槽回填\r\n2.回填方式：就地回填，夯填","m3",5.6,14.29,{"v":0.12,"d":"12%"},{"v":11.946439999999999,"d":"11.95"},{"v":66.90006399999999,"d":"66.90"}]
["255","混凝土阀门井","1.名称：混凝土矩形阀门井\r\n2.图集：05S502\r\n3.井盖、井圈材质及规格：按设计","座",1,10957.73,{"v":0.12,"d":"12%"},{"v":9160.662279999999,"d":"9160.66"},{"v":9160.662279999999,"d":"9160.66"}]
[3.4,"混合骨料库皮带廊生活给水系统"]
["256","塑料管","1.名称：PE型钢塑给水管\r\n2.安装部位：室内\r\n3.介质：生活水\r\n4.规格、压力等级：DN15\r\n5.连接形式：电热熔\r\n6.压力试验及吹洗设计要求：按设计","m",14,47.35,{"v":0.12,"d":"12%"},{"v":39.5846,"d":"39.58"},{"$f":"H286*E286","v":{"v":554.1844,"d":"554.18"}}]
["257","螺纹阀门","1.名称：螺纹截止阀\r\n2.材质：按设计\r\n3.规格、压力等级：DN15\r\n4.连接形式：电热熔","个",1,13.27,{"v":0.12,"d":"12%"},{"v":11.09372,"d":"11.09"},{"v":11.09372,"d":"11.09"}]
["258","水表","1.名称：螺纹水表\r\n2.型号、规格：DN15\r\n3.连接形式：螺纹连接\r\n4.安装部位：室外:","个",1,82.73,{"v":0.12,"d":"12%"},{"v":69.16228000000001,"d":"69.16"},{"v":69.16228000000001,"d":"69.16"}]
["259","挖沟槽土方","1.土壤类别：按设计\r\n2.挖土深度：按设计","m3",5.6,3.49,{"v":0.12,"d":"12%"},{"v":2.91764,"d":"2.92"},{"v":16.338784,"d":"16.34"}]
["260","回填方","1.回填形式：沟槽回填\r\n2.回填方式：就地回填，夯填","m3",5.6,14.29,{"v":0.12,"d":"12%"},{"v":11.946439999999999,"d":"11.95"},{"v":66.90006399999999,"d":"66.90"}]
["261","混凝土阀门井","1.名称：混凝土矩形阀门井\r\n2.图集：05S502\r\n3.井盖、井圈材质及规格：按设计","座",1,10957.73,{"v":0.12,"d":"12%"},{"v":9160.662279999999,"d":"9160.66"},{"v":9160.662279999999,"d":"9160.66"}]
[3.5,"机制砂库皮带廊排废水系统"]
["262","离心泵","1.名称：不锈钢潜污泵\r\n2.规格型号：Q=10m3/h，H=40m","台",2,554.28,{"v":0.12,"d":"12%"},{"v":463.37807999999995,"d":"463.38"},{"$f":"H293*E293","v":{"v":926.7561599999999,"d":"926.76"}}]
["263","低压碳钢管","1.名称：焊接钢管\r\n2.规格：DN65\r\n3.材质：Q235\r\n4.连接形式、焊接方法：电弧焊","m",35.8,10.6,{"v":0.12,"d":"12%"},{"v":8.8616,"d":"8.86"},{"v":317.2452799999999,"d":"317.25"}]
["264","低压碳钢管","1.名称：焊接钢管\r\n2.规格：DN80\r\n3.材质：Q235\r\n4.连接形式、焊接方法：电弧焊","m",5.4,12.54,{"v":0.12,"d":"12%"},{"v":10.483439999999998,"d":"10.48"},{"v":56.610575999999995,"d":"56.61"}]
["265","管道压力试验","1.规格、型号：DN50以上，DN100以下\r\n2.压力等级：低压\r\n3.管内介质：水","m",41.2,4.85,{"v":0.12,"d":"12%"},{"v":4.054599999999999,"d":"4.05"},{"v":167.04951999999997,"d":"167.05"}]
["266","管道系统吹扫","1.规格、型号：DN50以上，DN100以下\r\n2.管内介质：水","m",41.2,3.98,{"v":0.12,"d":"12%"},{"v":3.3272799999999996,"d":"3.33"},{"v":137.083936,"d":"137.08"}]
["267","低压碳钢管件","1.名称：钢制弯头\r\n2.规格：DN65\r\n3.材质：Q235\r\n4.连接方式：电弧焊","个",7,75.69,{"v":0.12,"d":"12%"},{"v":63.27683999999999,"d":"63.28"},{"v":442.93787999999995,"d":"442.94"}]
["268","低压碳钢管件","1.名称：钢制三通\r\n2.规格：DN65/DN65\r\n3.材质：Q235\r\n4.连接方式：电弧焊","个",1,81.69,{"v":0.12,"d":"12%"},{"v":68.29284,"d":"68.29"},{"v":68.29284,"d":"68.29"}]
["269","低压碳钢管件","1.名称：钢制异径管\r\n2.规格：DN80/DN65\r\n3.材质：Q235\r\n4.连接方式：电弧焊","个",1,91.21,{"v":0.12,"d":"12%"},{"v":76.25156,"d":"76.25"},{"v":76.25156,"d":"76.25"}]
["270","低压法兰阀门","1.名称：法兰截止阀\r\n2.材质：按设计\r\n3.型号、规格：DN65\r\n4.连接形式：法兰连接","个",2,54.2,{"v":0.12,"d":"12%"},{"v":45.3112,"d":"45.31"},{"v":90.6224,"d":"90.62"}]
["271","低压法兰阀门","1.名称：法兰止回阀\r\n2.材质：按设计\r\n3.型号、规格：DN65\r\n4.连接形式：法兰连接","个",2,54.2,{"v":0.12,"d":"12%"},{"v":45.3112,"d":"45.31"},{"v":90.6224,"d":"90.62"}]
["272","低压碳钢焊接法兰","1.名称：碳钢法兰\r\n2.材质：20#\r\n3.结构形式：按设计\r\n4.型号、规格：DN65\r\n5.焊接方法：电弧焊\r\n6.连接形式：与阀门连接\r\n7.其他：配套法兰垫片、螺栓、螺母、垫圈","副",4,111.76,{"v":0.12,"d":"12%"},{"v":93.43136,"d":"93.43"},{"v":373.72544,"d":"373.73"}]
["273","低压碳钢焊接法兰","1.名称：碳钢法兰\r\n2.材质：Q235\r\n3.结构形式：按设计\r\n4.型号、规格：DN65\r\n5.焊接方法：电弧焊\r\n6.连接形式：与设备本体法兰对接\r\n7.其他：配套法兰垫片、螺栓、螺母、垫圈","副",2,62.53,{"v":0.12,"d":"12%"},{"v":52.27508,"d":"52.28"},{"v":104.55016,"d":"104.55"}]
["274","手工除锈","1.除锈等级：St2\r\n2.除锈内容：管道外表面","m2",10,2.78,{"v":0.12,"d":"12%"},{"v":2.3240799999999995,"d":"2.32"},{"v":23.240799999999993,"d":"23.24"}]
["275","埋地管道刷油","1.油防腐方式：三油两布防腐，具体为环氧沥青底漆-面漆-玻璃丝布-面漆-玻璃丝布-面漆-面漆\r\n2.漆膜厚度：干膜厚度＞0.4mm","m2",4.4,71.35,{"v":0.12,"d":"12%"},{"v":59.64859999999999,"d":"59.65"},{"v":262.45383999999996,"d":"262.45"}]
["276","明敷管道刷油","1.油防腐方式：C53-31红丹醇酸防腐漆两遍及C04-42绿色醇酸磁漆两遍\r\n2.漆膜厚度：按设计","m2",5.6,20.77,{"v":0.12,"d":"12%"},{"v":17.363719999999997,"d":"17.36"},{"v":97.23683199999998,"d":"97.24"}]
["277","挖沟槽土方","1.土壤类别：按设计\r\n2.挖土深度：按设计","m3",5.5,3.49,{"v":0.12,"d":"12%"},{"v":2.91764,"d":"2.92"},{"v":16.04702,"d":"16.05"}]
["278","回填方","1.回填形式：沟槽回填\r\n2.回填方式：就地回填，夯填","m3",5.5,14.29,{"v":0.12,"d":"12%"},{"v":11.946439999999999,"d":"11.95"},{"v":65.70541999999999,"d":"65.71"}]
[3.6,"混合骨料库皮带廊排废水系统"]
["279","离心泵","1.名称：不锈钢潜污泵\r\n2.规格型号：Q=10m3/h，H=40m","台",2,554.28,{"v":0.12,"d":"12%"},{"v":463.37807999999995,"d":"463.38"},{"$f":"H311*E311","v":{"v":926.7561599999999,"d":"926.76"}}]
["280","低压碳钢管","1.名称：焊接钢管\r\n2.规格：DN65\r\n3.材质：Q235\r\n4.连接形式、焊接方法：电弧焊","m",27.3,10.6,{"v":0.12,"d":"12%"},{"v":8.8616,"d":"8.86"},{"v":241.92167999999998,"d":"241.92"}]
["281","低压碳钢管","1.名称：焊接钢管\r\n2.规格：DN80\r\n3.材质：Q235\r\n4.连接形式、焊接方法：电弧焊","m",4.8,12.54,{"v":0.12,"d":"12%"},{"v":10.483439999999998,"d":"10.48"},{"v":50.32051199999999,"d":"50.32"}]
["282","管道压力试验","1.规格、型号：DN50以上，DN100以下\r\n2.压力等级：低压\r\n3.管内介质：水","m",32.1,4.85,{"v":0.12,"d":"12%"},{"v":4.054599999999999,"d":"4.05"},{"v":130.15265999999997,"d":"130.15"}]
["283","管道系统吹扫","1.规格、型号：DN50以上，DN100以下\r\n2.管内介质：水","m",32.1,3.98,{"v":0.12,"d":"12%"},{"v":3.3272799999999996,"d":"3.33"},{"v":106.80568799999999,"d":"106.81"}]
["284","低压碳钢管件","1.名称：钢制弯头\r\n2.规格：DN65\r\n3.材质：Q235\r\n4.连接方式：电弧焊","个",7,75.69,{"v":0.12,"d":"12%"},{"v":63.27683999999999,"d":"63.28"},{"v":442.93787999999995,"d":"442.94"}]
["285","低压碳钢管件","1.名称：钢制三通\r\n2.规格：DN65/DN65\r\n3.材质：Q235\r\n4.连接方式：电弧焊","个",1,81.69,{"v":0.12,"d":"12%"},{"v":68.29284,"d":"68.29"},{"v":68.29284,"d":"68.29"}]
["286","低压碳钢管件","1.名称：钢制异径管\r\n2.规格：DN80/DN65\r\n3.材质：Q235\r\n4.连接方式：电弧焊","个",1,91.21,{"v":0.12,"d":"12%"},{"v":76.25156,"d":"76.25"},{"v":76.25156,"d":"76.25"}]
["287","低压法兰阀门","1.名称：法兰截止阀\r\n2.材质：按设计\r\n3.型号、规格：DN65\r\n4.连接形式：法兰连接","个",2,54.2,{"v":0.12,"d":"12%"},{"v":45.3112,"d":"45.31"},{"v":90.6224,"d":"90.62"}]
["288","低压法兰阀门","1.名称：法兰止回阀\r\n2.材质：按设计\r\n3.型号、规格：DN65\r\n4.连接形式：法兰连接","个",2,54.2,{"v":0.12,"d":"12%"},{"v":45.3112,"d":"45.31"},{"v":90.6224,"d":"90.62"}]
["289","低压碳钢焊接法兰","1.名称：碳钢法兰\r\n2.材质：20#\r\n3.结构形式：按设计\r\n4.型号、规格：DN65\r\n5.焊接方法：电弧焊\r\n6.连接形式：与阀门连接\r\n7.其他：配套法兰垫片、螺栓、螺母、垫圈","副",4,111.76,{"v":0.12,"d":"12%"},{"v":93.43136,"d":"93.43"},{"v":373.72544,"d":"373.73"}]
["290","低压碳钢焊接法兰","1.名称：碳钢法兰\r\n2.材质：Q235\r\n3.结构形式：按设计\r\n4.型号、规格：DN65\r\n5.焊接方法：电弧焊\r\n6.连接形式：与设备本体法兰对接\r\n7.其他：配套法兰垫片、螺栓、螺母、垫圈","副",2,62.53,{"v":0.12,"d":"12%"},{"v":52.27508,"d":"52.28"},{"v":104.55016,"d":"104.55"}]
["291","动力工具除锈","1.除锈等级：St2\r\n2.除锈内容：管道外表面","m2",7.9,2.78,{"v":0.12,"d":"12%"},{"v":2.3240799999999995,"d":"2.32"},{"v":18.360231999999996,"d":"18.36"}]
["292","埋地管道刷油","1.油防腐方式：三油两布防腐，具体为环氧沥青底漆-面漆-玻璃丝布-面漆-玻璃丝布-面漆-面漆\r\n2.漆膜厚度：干膜厚度＞0.4mm","m2",4.1,71.35,{"v":0.12,"d":"12%"},{"v":59.64859999999999,"d":"59.65"},{"v":244.55925999999994,"d":"244.56"}]
["293","明敷管道刷油","1.油防腐方式：C53-31红丹醇酸防腐漆两遍及C04-42绿色醇酸磁漆两遍\r\n2.漆膜厚度：按设计","m2",3.8,20.77,{"v":0.12,"d":"12%"},{"v":17.363719999999997,"d":"17.36"},{"v":65.98213599999998,"d":"65.98"}]
["294","挖沟槽土方","1.土壤类别：按设计\r\n2.挖土深度：按设计","m3",14.5,3.49,{"v":0.12,"d":"12%"},{"v":2.91764,"d":"2.92"},{"v":42.30578,"d":"42.31"}]
["295","回填方","1.回填形式：沟槽回填\r\n2.回填方式：就地回填，夯填","m3",14.5,14.29,{"v":0.12,"d":"12%"},{"v":11.946439999999999,"d":"11.95"},{"v":173.22338,"d":"173.22"}]
[3.7,"消防系统"]
["296","灭火器","1.名称：磷酸铵盐手提式灭火器\r\n2.形式：按设计\r\n3.规格、型号：MF/ABC3","具",72,46.76,{"v":0.12,"d":"12%"},{"v":39.091359999999995,"d":"39.09"},{"$f":"H329*E329","v":{"v":2814.5779199999997,"d":"2814.58"}}]
["297","灭火器箱","1.名称：手提式灭火器箱\r\n2.形式：按设计\r\n3.规格、型号：每个灭火器箱内设置2具灭火器","个",36,35.92,{"v":0.12,"d":"12%"},{"v":30.029120000000002,"d":"30.03"},{"$f":"H330*E330","v":{"v":1081.04832,"d":"1081.05"}}]
[null,"四、粗碎车间"]
[4.1,"粗碎车间生产水系统"]
["298","低压碳钢管","1.名称：焊接钢管\r\n2.规格：DN20\r\n3.材质：Q235\r\n4.连接形式、焊接方法：电弧焊","m",69.4,4.53,{"v":0.12,"d":"12%"},{"v":3.7870799999999996,"d":"3.79"},{"$f":"H333*E333","v":{"v":262.823352,"d":"262.82"}}]
["299","低压碳钢管","1.名称：焊接钢管\r\n2.规格：DN32\r\n3.材质：Q235\r\n4.连接形式、焊接方法：电弧焊","m",34.4,6.28,{"v":0.12,"d":"12%"},{"v":5.2500800000000005,"d":"5.25"},{"v":180.602752,"d":"180.60"}]
["300","低压碳钢管","1.名称：焊接钢管\r\n2.规格：DN40\r\n3.材质：Q235\r\n4.连接形式、焊接方法：电弧焊","m",23.6,6.96,{"v":0.12,"d":"12%"},{"v":5.81856,"d":"5.82"},{"v":137.318016,"d":"137.32"}]
["301","管道压力试验","1.规格、型号：DN50以下\r\n2.压力等级：低压\r\n3.管内介质：水","m",127.4,3.89,{"v":0.12,"d":"12%"},{"v":3.25204,"d":"3.25"},{"v":414.30989600000004,"d":"414.31"}]
["302","管道系统吹扫","1.规格、型号：DN50以下\r\n2.管内介质：水","m",127.4,2.87,{"v":0.12,"d":"12%"},{"v":2.3993200000000003,"d":"2.40"},{"v":305.67336800000004,"d":"305.67"}]
["303","低压碳钢管件","1.名称：钢制弯头\r\n2.规格：DN20\r\n3.材质：Q235\r\n4.连接方式：电弧焊","个",18,20.29,{"v":0.12,"d":"12%"},{"v":16.962439999999997,"d":"16.96"},{"v":305.32391999999993,"d":"305.32"}]
["304","低压碳钢管件","1.名称：钢制弯头\r\n2.规格：DN32\r\n3.材质：Q235\r\n4.连接方式：电弧焊","个",2,34.22,{"v":0.12,"d":"12%"},{"v":28.60792,"d":"28.61"},{"v":57.21584,"d":"57.22"}]
["305","低压碳钢管件","1.名称：钢制弯头\r\n2.规格：DN40\r\n3.材质：Q235\r\n4.连接方式：电弧焊","个",2,40.84,{"v":0.12,"d":"12%"},{"v":34.14224,"d":"34.14"},{"v":68.28448,"d":"68.28"}]
["306","低压碳钢管件","1.名称：钢制三通\r\n2.规格：DN20/DN20\r\n3.材质：Q235\r\n4.连接方式：电弧焊","个",4,21.84,{"v":0.12,"d":"12%"},{"v":18.258239999999997,"d":"18.26"},{"v":73.03295999999999,"d":"73.03"}]
["307","低压碳钢管件","1.名称：钢制三通\r\n2.规格：DN32/DN20\r\n3.材质：Q235\r\n4.连接方式：电弧焊","个",1,37.02,{"v":0.12,"d":"12%"},{"v":30.948720000000005,"d":"30.95"},{"v":30.948720000000005,"d":"30.95"}]
["308","低压碳钢管件","1.名称：钢制三通\r\n2.规格：DN32/DN32\r\n3.材质：Q235\r\n4.连接方式：电弧焊","个",1,37.02,{"v":0.12,"d":"12%"},{"v":30.948720000000005,"d":"30.95"},{"v":30.948720000000005,"d":"30.95"}]
["309","低压碳钢管件","1.名称：钢制三通\r\n2.规格：DN40/DN20\r\n3.材质：Q235\r\n4.连接方式：电弧焊","个",3,46.64,{"v":0.12,"d":"12%"},{"v":38.99104,"d":"38.99"},{"v":116.97312,"d":"116.97"}]
["310","低压碳钢管件","1.名称：钢制异径管\r\n2.规格：DN32/DN20\r\n3.材质：Q235\r\n4.连接方式：电弧焊","个",2,35.22,{"v":0.12,"d":"12%"},{"v":29.443919999999995,"d":"29.44"},{"v":58.88783999999999,"d":"58.89"}]
["311","低压碳钢管件","1.名称：钢制异径管\r\n2.规格：DN40/DN32\r\n3.材质：Q235\r\n4.连接方式：电弧焊","个",1,41.94,{"v":0.12,"d":"12%"},{"v":35.06184,"d":"35.06"},{"v":35.06184,"d":"35.06"}]
["312","低压螺纹阀门","1.名称：螺纹截止阀\r\n2.材质：按设计\r\n3.型号、规格：DN20\r\n4.连接形式：螺纹连接","个",10,33.93,{"v":0.12,"d":"12%"},{"v":28.365479999999998,"d":"28.37"},{"v":283.65479999999997,"d":"283.65"}]
["313","低压碳钢管件","1.名称：单头外丝接头\r\n2.材质：Q235\r\n3.规格：DN20\r\n4.连接方式：电弧焊","个",20,18.54,{"v":0.12,"d":"12%"},{"v":15.49944,"d":"15.50"},{"v":309.98879999999997,"d":"309.99"}]
["314","低压螺纹阀门","1.名称：螺纹截止阀\r\n2.材质：按设计\r\n3.型号、规格：DN40\r\n4.连接形式：螺纹连接","个",1,50.49,{"v":0.12,"d":"12%"},{"v":42.20964,"d":"42.21"},{"v":42.20964,"d":"42.21"}]
["315","低压碳钢管件","1.名称：单头外丝接头\r\n2.材质：Q235\r\n3.规格：DN40\r\n4.连接方式：电弧焊","个",2,39.44,{"v":0.12,"d":"12%"},{"v":32.97184,"d":"32.97"},{"v":65.94368,"d":"65.94"}]
["316","低压碳钢管件","1.名称：双头外丝接头\r\n2.材质：Q235\r\n3.规格：DN40\r\n4.连接方式：电弧焊","个",1,39.83,{"v":0.12,"d":"12%"},{"v":33.29788,"d":"33.30"},{"v":33.29788,"d":"33.30"}]
["317","低压碳钢管件","1.名称：螺纹活接头\r\n2.材质：Q235\r\n3.规格：DN40\r\n4.连接方式：电弧焊","个",1,41.34,{"v":0.12,"d":"12%"},{"v":34.56024,"d":"34.56"},{"v":34.56024,"d":"34.56"}]
["318","套管制作与安装","1.名称：一般穿墙套管制作安装\r\n2.材质：Q235\r\n3.规格：DN50","个",1,23.25,{"v":0.12,"d":"12%"},{"v":19.436999999999998,"d":"19.44"},{"v":19.436999999999998,"d":"19.44"}]
["319","管道支吊架制作与安装","1.材质：Q235\r\n2.管架形式：按设计","kg",28,13.48,{"v":0.12,"d":"12%"},{"v":11.26928,"d":"11.27"},{"v":315.53984,"d":"315.54"}]
["320","动力工具除锈","1.除锈等级：St2\r\n2.除锈内容：管道外表面","m2",12.89,2.78,{"v":0.12,"d":"12%"},{"v":2.3240799999999995,"d":"2.32"},{"v":29.957391199999993,"d":"29.96"}]
["321","埋地管道刷油","1.油防腐方式：三油两布防腐，具体为环氧沥青底漆-面漆-玻璃丝布-面漆-玻璃丝布-面漆-面漆\r\n2.漆膜厚度：干膜厚度＞0.4mm","m2",9.77,71.35,{"v":0.12,"d":"12%"},{"v":59.64859999999999,"d":"59.65"},{"v":582.7668219999998,"d":"582.77"}]
["322","手工除锈","1.除锈等级：St2\r\n2.除锈内容：管道支吊架","kg",28,0.4,{"v":0.12,"d":"12%"},{"v":0.33440000000000003,"d":"0.33"},{"v":9.3632,"d":"9.36"}]
["323","金属结构刷油","1.油防腐方式：C53-31红丹醇酸防腐漆两遍及C04-42绿色醇酸磁漆两遍\r\n2.漆膜厚度：按设计","kg",28,1.77,{"v":0.12,"d":"12%"},{"v":1.47972,"d":"1.48"},{"v":41.432159999999996,"d":"41.43"}]
["324","明敷管道刷油","1.油防腐方式：C53-31红丹醇酸防腐漆两遍及C04-42绿色醇酸磁漆两遍\r\n2.漆膜厚度：按设计","m2",3.12,20.77,{"v":0.12,"d":"12%"},{"v":17.363719999999997,"d":"17.36"},{"v":54.174806399999994,"d":"54.17"}]
["325","挖沟槽土方","1.土壤类别：按设计\r\n2.挖土深度：按设计","m3",21,3.49,{"v":0.12,"d":"12%"},{"v":2.91764,"d":"2.92"},{"v":61.27044,"d":"61.27"}]
["326","回填方","1.回填形式：沟槽回填\r\n2.回填方式：就地回填，夯填","m3",21,14.29,{"v":0.12,"d":"12%"},{"v":11.946439999999999,"d":"11.95"},{"v":250.87524,"d":"250.88"}]
["327","混凝土阀门井","1.名称：混凝土矩形阀门井\r\n2.图集：05S502\r\n3.井盖、井圈材质及规格：按设计","座",1,10957.73,{"v":0.12,"d":"12%"},{"v":9160.662279999999,"d":"9160.66"},{"v":9160.662279999999,"d":"9160.66"}]
[4.2,"粗碎车间生活给水系统"]
["328","塑料管","1.名称：PE型钢塑给水管\r\n2.安装部位：室内\r\n3.介质：生活水\r\n4.规格、压力等级：DN15\r\n5.连接形式：电热熔\r\n6.压力试验及吹洗设计要求：按设计","m",20,47.35,{"v":0.12,"d":"12%"},{"v":39.5846,"d":"39.58"},{"$f":"H364*E364","v":{"v":791.692,"d":"791.69"}}]
["329","螺纹阀门","1.名称：螺纹截止阀\r\n2.材质：按设计\r\n3.规格、压力等级：DN15\r\n4.连接形式：电热熔","个",2,13.27,{"v":0.12,"d":"12%"},{"v":11.09372,"d":"11.09"},{"v":22.18744,"d":"22.19"}]
["330","挖沟槽土方","1.土壤类别：按设计\r\n2.挖土深度：按设计","m3",24,3.49,{"v":0.12,"d":"12%"},{"v":2.91764,"d":"2.92"},{"v":70.02336,"d":"70.02"}]
["331","回填方","1.回填形式：沟槽回填\r\n2.回填方式：就地回填，夯填","m3",24,14.29,{"v":0.12,"d":"12%"},{"v":11.946439999999999,"d":"11.95"},{"v":286.71456,"d":"286.71"}]
["332","套管制作与安装","1.名称：一般穿墙套管制作安装\r\n2.材质：Q235\r\n3.规格：DN50","个",2,23.25,{"v":0.12,"d":"12%"},{"v":19.436999999999998,"d":"19.44"},{"v":38.873999999999995,"d":"38.87"}]
["333","混凝土阀门井","1.名称：混凝土矩形阀门井\r\n2.图集：05S502\r\n3.井盖、井圈材质及规格：按设计","座",2,10957.73,{"v":0.12,"d":"12%"},{"v":9160.662279999999,"d":"9160.66"},{"v":18321.324559999997,"d":"18321.32"}]
[4.3,"0#转运站排水系统"]
["334","塑料管","1.名称：塑料排水管\r\n2.安装部位：室外\r\n3.介质：污水\r\n4.规格、压力等级：De110\r\n5.连接形式：粘接","m",8.4,7.42,{"v":0.12,"d":"12%"},{"v":6.203119999999999,"d":"6.20"},{"$f":"H371*E371","v":{"v":52.106207999999995,"d":"52.11"}}]
["335","给、排水附（配）件","1.名称：地漏\r\n3.材质：按设计\r\n3.型号、规格：De110\r\n4.安装方式：粘接","个",3,50.25,{"v":0.12,"d":"12%"},{"v":42.009,"d":"42.01"},{"$f":"H372*E372","v":{"v":126.027,"d":"126.03"}}]
[4.4,"0#转运站排废水系统"]
["336","离心泵","1.名称：不锈钢潜污泵\r\n2.规格型号：Q=10m3/h，H=40m","台",1,554.28,{"v":0.12,"d":"12%"},{"v":463.37807999999995,"d":"463.38"},{"$f":"H374*E374","v":{"v":463.37807999999995,"d":"463.38"}}]
["337","低压碳钢管","1.名称：焊接钢管\r\n2.规格：DN65\r\n3.材质：Q235\r\n4.连接形式、焊接方法：电弧焊","m",10,10.6,{"v":0.12,"d":"12%"},{"v":8.8616,"d":"8.86"},{"v":88.61599999999999,"d":"88.62"}]
["338","管道压力试验","1.规格、型号：DN50以上，DN100以下\r\n2.压力等级：低压\r\n3.管内介质：水","m",10,4.85,{"v":0.12,"d":"12%"},{"v":4.054599999999999,"d":"4.05"},{"v":40.54599999999999,"d":"40.55"}]
["339","管道系统吹扫","1.规格、型号：DN50以上，DN100以下\r\n2.管内介质：水","m",10,3.98,{"v":0.12,"d":"12%"},{"v":3.3272799999999996,"d":"3.33"},{"v":33.2728,"d":"33.27"}]
["340","低压碳钢管件","1.名称：钢制弯头\r\n2.规格：DN65\r\n3.材质：Q235\r\n4.连接方式：电弧焊","个",4,75.69,{"v":0.12,"d":"12%"},{"v":63.27683999999999,"d":"63.28"},{"v":253.10735999999997,"d":"253.11"}]
["341","低压法兰阀门","1.名称：法兰截止阀\r\n2.材质：按设计\r\n3.型号、规格：DN65\r\n4.连接形式：法兰连接","个",1,54.2,{"v":0.12,"d":"12%"},{"v":45.3112,"d":"45.31"},{"v":45.3112,"d":"45.31"}]
["342","低压法兰阀门","1.名称：法兰止回阀\r\n2.材质：按设计\r\n3.型号、规格：DN65\r\n4.连接形式：法兰连接","个",1,54.2,{"v":0.12,"d":"12%"},{"v":45.3112,"d":"45.31"},{"v":45.3112,"d":"45.31"}]
["343","低压碳钢焊接法兰","1.名称：碳钢法兰\r\n2.材质：20#\r\n3.结构形式：按设计\r\n4.型号、规格：DN65\r\n5.焊接方法：电弧焊\r\n6.连接形式：与阀门连接\r\n7.其他：配套法兰垫片、螺栓、螺母、垫圈","副",2,111.76,{"v":0.12,"d":"12%"},{"v":93.43136,"d":"93.43"},{"v":186.86272,"d":"186.86"}]
["344","低压碳钢焊接法兰","1.名称：碳钢法兰\r\n2.材质：Q235\r\n3.结构形式：按设计\r\n4.型号、规格：DN65\r\n5.焊接方法：电弧焊\r\n6.连接形式：与设备本体法兰对接\r\n7.其他：配套法兰垫片、螺栓、螺母、垫圈","副",1,62.53,{"v":0.12,"d":"12%"},{"v":52.27508,"d":"52.28"},{"v":52.27508,"d":"52.28"}]
["345","套管制作与安装","1.名称：一般穿墙套管制作安装\r\n2.材质：Q235\r\n3.规格：DN65","个",1,56.94,{"v":0.12,"d":"12%"},{"v":47.601839999999996,"d":"47.60"},{"v":47.601839999999996,"d":"47.60"}]
["346","手工除锈","1.除锈等级：St2\r\n2.除锈内容：管道外表面","m2",2.4,2.78,{"v":0.12,"d":"12%"},{"v":2.3240799999999995,"d":"2.32"},{"v":5.577791999999999,"d":"5.58"}]
["347","埋地管道刷油","1.油防腐方式：三油两布防腐，具体为环氧沥青底漆-面漆-玻璃丝布-面漆-玻璃丝布-面漆-面漆\r\n2.漆膜厚度：干膜厚度＞0.4mm","m2",1.9,71.35,{"v":0.12,"d":"12%"},{"v":59.64859999999999,"d":"59.65"},{"v":113.33233999999997,"d":"113.33"}]
["348","明敷管道刷油","1.油防腐方式：C53-31红丹醇酸防腐漆两遍及C04-42绿色醇酸磁漆两遍\r\n2.漆膜厚度：按设计","m2",0.5,20.77,{"v":0.12,"d":"12%"},{"v":17.363719999999997,"d":"17.36"},{"v":8.681859999999999,"d":"8.68"}]
["349","挖沟槽土方","1.土壤类别：按设计\r\n2.挖土深度：按设计","m3",4,3.49,{"v":0.12,"d":"12%"},{"v":2.91764,"d":"2.92"},{"v":11.67056,"d":"11.67"}]
["350","回填方","1.回填形式：沟槽回填\r\n2.回填方式：就地回填，夯填","m3",4,14.29,{"v":0.12,"d":"12%"},{"v":11.946439999999999,"d":"11.95"},{"v":47.785759999999996,"d":"47.79"}]
[4.5,"消防系统"]
["351","灭火器","1.名称：磷酸铵盐手提式灭火器\r\n2.形式：按设计\r\n3.规格、型号：MF/ABC3","具",10,46.76,{"v":0.12,"d":"12%"},{"v":39.091359999999995,"d":"39.09"},{"$f":"H390*E390","v":{"v":390.9136,"d":"390.91"}}]
["352","灭火器箱","1.名称：手提式灭火器箱\r\n2.形式：按设计\r\n3.规格、型号：每个灭火器箱内设置2具灭火器","个",5,35.92,{"v":0.12,"d":"12%"},{"v":30.029120000000002,"d":"30.03"},{"$f":"H391*E391","v":{"v":150.1456,"d":"150.15"}}]
[null,"五、高位水池"]
[5.1,"生产水池补水管"]
["353","镀锌钢管","1.名称：内筋嵌入式镀锌衬塑钢管\r\n2.型号、规格：DN15\r\n3.连接方式：螺纹连接\r\n4.其他：含直管连接件\r\n5.输送介质：生活水","m",6.1,26.33,{"v":0.12,"d":"12%"},{"v":22.011879999999998,"d":"22.01"},{"$f":"H394*E394","v":{"v":134.27246799999998,"d":"134.27"}}]
["354","镀锌钢管","1.名称：内筋嵌入式镀锌衬塑钢管\r\n2.输送介质：生活水\r\n3.型号、规格：DN100\r\n4.连接方式：沟槽连接\r\n5.压力试验及吹洗要求：按设计","m",39.1,91.92,{"v":0.12,"d":"12%"},{"v":76.84512,"d":"76.85"},{"v":3004.6441919999997,"d":"3004.64"}]
["355","焊接法兰阀门","1.类型：法兰闸阀\r\n2.规格型号：DN100\r\n3.连接形式：法兰连接","个",4,86.4,{"v":0.12,"d":"12%"},{"v":72.2304,"d":"72.23"},{"v":288.9216,"d":"288.92"}]
["356","焊接法兰阀门","1.类型：倒流防止器\r\n2.规格型号：DN100\r\n3.连接形式：法兰连接","个",1,586.4,{"v":0.12,"d":"12%"},{"v":490.2303999999999,"d":"490.23"},{"v":490.2303999999999,"d":"490.23"}]
["357","焊接法兰阀门","1.类型：调节阀\r\n2.规格型号：DN100\r\n3.连接形式：法兰连接","个",1,86.4,{"v":0.12,"d":"12%"},{"v":72.2304,"d":"72.23"},{"v":72.2304,"d":"72.23"}]
["358","水表","1.名称：法兰水表\r\n2.规格型号：DN100\r\n3.连接形式：法兰连接\r\n4.其他：无旁通管","组",1,496.65,{"v":0.12,"d":"12%"},{"v":415.19939999999997,"d":"415.20"},{"v":415.19939999999997,"d":"415.20"}]
["359","法兰","1.类型：沟槽法兰，含卡箍连接件、胶圈\r\n2.规格型号：DN100\r\n4.连接形式:沟槽连接","副",7,183.29,{"v":0.12,"d":"12%"},{"v":153.23044,"d":"153.23"},{"v":1072.6130799999999,"d":"1072.61"}]
[5.2,"溢流水管系统"]
["360","低压碳钢管","1.名称：焊接钢管\r\n2.规格：DN150\r\n3.材质：Q235\r\n4.连接形式、焊接方法：电弧焊","m",5.5,28.74,{"v":0.12,"d":"12%"},{"v":24.026639999999997,"d":"24.03"},{"$f":"H402*E402","v":{"v":132.14651999999998,"d":"132.15"}}]
["361","低压碳钢管件","1.名称：90°钢制弯头\r\n2.规格：DN150\r\n3.材质：Q235\r\n4.连接方式：电弧焊","个",4,224.03,{"v":0.12,"d":"12%"},{"v":187.28907999999998,"d":"187.29"},{"$f":"H403*E403","v":{"v":749.1563199999999,"d":"749.16"}}]
["362","低压碳钢管件","1.名称：溢流喇叭口\r\n2.规格：DN150\r\n3.材质：Q235\r\n4.连接方式：电弧焊","个",1,249.03,{"v":0.12,"d":"12%"},{"v":208.18908,"d":"208.19"},{"$f":"H404*E404","v":{"v":208.18908,"d":"208.19"}}]
["363","动力工具除锈","1.除锈等级：St2\r\n2.除锈内容：管道外表面","m2",2.85,2.78,{"v":0.12,"d":"12%"},{"v":2.3240799999999995,"d":"2.32"},{"$f":"H405*E405","v":{"v":6.623627999999998,"d":"6.62"}}]
["364","明敷管道刷油","1.油防腐方式：C53-31红丹醇酸防腐漆两遍及C04-42绿色醇酸磁漆两遍\r\n2.漆膜厚度：按设计","m2",2.85,20.77,{"v":0.12,"d":"12%"},{"v":17.363719999999997,"d":"17.36"},{"$f":"H406*E406","v":{"v":49.48660199999999,"d":"49.49"}}]
[5.3,"放空管系统"]
["365","消火栓钢管","1.安装部位：室内泵房\r\n2.输送介质：消防用水\r\n3.材质：内外壁热镀锌钢管\r\n4.型号、规格：DN150\r\n5.连接方式：沟槽连接\r\n6.其他：含直管连接件","m",1,33.09,{"v":0.12,"d":"12%"},{"v":27.663240000000002,"d":"27.66"},{"$f":"H408*E408","v":{"v":27.663240000000002,"d":"27.66"}}]
["366","管件安装","1.名称：沟槽式弯头，含卡箍、胶圈\r\n2.规格型号：DN150","个",1,89.25,{"v":0.12,"d":"12%"},{"v":74.613,"d":"74.61"},{"$f":"H409*E409","v":{"v":74.613,"d":"74.61"}}]
["367","焊接法兰阀门","1.类型：法兰闸阀\r\n2.规格型号：DN150\r\n3.连接形式：法兰连接","个",1,149.69,{"v":0.12,"d":"12%"},{"v":125.14084,"d":"125.14"},{"$f":"H410*E410","v":{"v":125.14084,"d":"125.14"}}]
["368","法兰","1.类型：沟槽法兰，含卡箍连接件、胶圈\r\n2.规格型号：DN150\r\n4.连接形式:沟槽连接","副",1,274.6,{"v":0.12,"d":"12%"},{"v":229.56560000000002,"d":"229.57"},{"$f":"H411*E411","v":{"v":229.56560000000002,"d":"229.57"}}]
[5.4,"消防水管系统"]
["369","消火栓钢管","1.安装部位：室内泵房\r\n2.输送介质：消防用水\r\n3.材质：内外壁热镀锌钢管\r\n4.型号、规格：DN200\r\n5.连接方式：沟槽连接\r\n6.其他：含直管连接件","m",5.2,41.26,{"v":0.12,"d":"12%"},{"v":34.493359999999996,"d":"34.49"},{"$f":"H413*E413","v":{"v":179.36547199999998,"d":"179.37"}}]
["370","管件安装","1.名称：沟槽式弯头，含卡箍、胶圈\r\n2.规格型号：DN200","个",1,147.41,{"v":0.12,"d":"12%"},{"v":123.23476000000001,"d":"123.23"},{"v":123.23476000000001,"d":"123.23"}]
["371","管件安装","1.名称：沟槽式喇叭口，含卡箍、胶圈\r\n2.规格型号：DN300/DN200","个",1,147.41,{"v":0.12,"d":"12%"},{"v":123.23476000000001,"d":"123.23"},{"v":123.23476000000001,"d":"123.23"}]
["372","管件安装","1.名称：喇叭口支架\r\n2.规格型号：DN300","个",1,292.12,{"v":0.12,"d":"12%"},{"v":244.21232,"d":"244.21"},{"v":244.21232,"d":"244.21"}]
["373","焊接法兰阀门","1.类型：法兰蝶阀\r\n2.规格型号：DN200\r\n3.连接形式：法兰连接","个",1,193.89,{"v":0.12,"d":"12%"},{"v":162.09204,"d":"162.09"},{"v":162.09204,"d":"162.09"}]
["374","法兰","1.类型：沟槽法兰，含卡箍连接件、胶圈\r\n2.规格型号：DN200\r\n4.连接形式:沟槽连接","副",1,1178.16,{"v":0.12,"d":"12%"},{"v":984.9417599999999,"d":"984.94"},{"v":984.9417599999999,"d":"984.94"}]
["375","浮漂水位标尺","1.名称：浮漂水位标尺\r\n2.规格型号：按设计","套",1,3600.48,{"v":0.12,"d":"12%"},{"v":3010.00128,"d":"3010.00"},{"v":3010.00128,"d":"3010.00"}]
[5.5,"480吨消防水池管道系统"]
["376","镀锌钢管","1.名称：内筋嵌入式镀锌衬塑钢管\r\n2.型号、规格：DN50\r\n3.连接方式：螺纹连接\r\n4.其他：含直管连接件\r\n5.输送介质：生活水","m",6.2,26.33,{"v":0.12,"d":"12%"},{"v":22.011879999999998,"d":"22.01"},{"$f":"H421*E421","v":{"v":136.47365599999998,"d":"136.47"}}]
["377","镀锌钢管","1.名称：内筋嵌入式镀锌衬塑钢管\r\n2.输送介质：生活水\r\n3.型号、规格：DN100\r\n4.连接方式：沟槽连接\r\n5.压力试验及吹洗要求：按设计","m",28.8,111.47,{"v":0.12,"d":"12%"},{"v":93.18892,"d":"93.19"},{"v":2683.840896,"d":"2683.84"}]
["378","焊接法兰阀门","1.类型：法兰闸阀\r\n2.规格型号：DN100\r\n3.连接形式：法兰连接","个",6,86.4,{"v":0.12,"d":"12%"},{"v":72.2304,"d":"72.23"},{"v":433.3824,"d":"433.38"}]
["379","焊接法兰阀门","1.类型：法兰蝶阀\r\n2.规格型号：DN100\r\n3.连接形式：法兰连接","个",1,86.4,{"v":0.12,"d":"12%"},{"v":72.2304,"d":"72.23"},{"v":72.2304,"d":"72.23"}]
["380","焊接法兰阀门","1.类型：倒流防止器\r\n2.规格型号：DN100\r\n3.连接形式：法兰连接","个",2,586.4,{"v":0.12,"d":"12%"},{"v":490.2303999999999,"d":"490.23"},{"v":980.4607999999998,"d":"980.46"}]
["381","焊接法兰阀门","1.类型：调节阀\r\n2.规格型号：DN100\r\n3.连接形式：法兰连接","个",2,86.4,{"v":0.12,"d":"12%"},{"v":72.2304,"d":"72.23"},{"v":144.4608,"d":"144.46"}]
["382","水表","1.名称：法兰水表\r\n2.规格型号：DN100\r\n3.连接形式：法兰连接\r\n4.其他：无旁通管","组",2,496.65,{"v":0.12,"d":"12%"},{"v":415.19939999999997,"d":"415.20"},{"v":830.3987999999999,"d":"830.40"}]
["383","法兰","1.类型：沟槽法兰，含卡箍连接件、胶圈\r\n2.规格型号：DN100\r\n4.连接形式:沟槽连接","副",13,183.29,{"v":0.12,"d":"12%"},{"v":153.23044,"d":"153.23"},{"v":1991.99572,"d":"1992.00"}]
[5.6,"溢流水管系统"]
["384","低压碳钢管","1.名称：焊接钢管\r\n2.规格：DN150\r\n3.材质：Q235\r\n4.连接形式、焊接方法：电弧焊","m",5.1,28.74,{"v":0.12,"d":"12%"},{"v":24.026639999999997,"d":"24.03"},{"$f":"H430*E430","v":{"v":122.53586399999998,"d":"122.54"}}]
["385","低压碳钢管件","1.名称：90°钢制弯头\r\n2.规格：DN150\r\n3.材质：Q235\r\n4.连接方式：电弧焊","个",4,224.03,{"v":0.12,"d":"12%"},{"v":187.28907999999998,"d":"187.29"},{"$f":"H431*E431","v":{"v":749.1563199999999,"d":"749.16"}}]
["386","低压碳钢管件","1.名称：溢流喇叭口\r\n2.规格：DN150\r\n3.材质：Q235\r\n4.连接方式：电弧焊","个",1,249.03,{"v":0.12,"d":"12%"},{"v":208.18908,"d":"208.19"},{"$f":"H432*E432","v":{"v":208.18908,"d":"208.19"}}]
["387","动力工具除锈","1.除锈等级：St2\r\n2.除锈内容：管道外表面","m2",2.64,2.78,{"v":0.12,"d":"12%"},{"v":2.3240799999999995,"d":"2.32"},{"$f":"H433*E433","v":{"v":6.135571199999999,"d":"6.14"}}]
["388","明敷管道刷油","1.油防腐方式：C53-31红丹醇酸防腐漆两遍及C04-42绿色醇酸磁漆两遍\r\n2.漆膜厚度：按设计","m2",2.64,20.77,{"v":0.12,"d":"12%"},{"v":17.363719999999997,"d":"17.36"},{"$f":"H434*E434","v":{"v":45.8402208,"d":"45.84"}}]
[5.7,"放空管系统"]
["389","消火栓钢管","1.安装部位：室内泵房\r\n2.输送介质：消防用水\r\n3.材质：内外壁热镀锌钢管\r\n4.型号、规格：DN150\r\n5.连接方式：沟槽连接\r\n6.其他：含直管连接件","m",1,33.09,{"v":0.12,"d":"12%"},{"v":27.663240000000002,"d":"27.66"},{"$f":"H436*E436","v":{"v":27.663240000000002,"d":"27.66"}}]
["390","管件安装","1.名称：沟槽式弯头，含卡箍、胶圈\r\n2.规格型号：DN150","个",1,89.25,{"v":0.12,"d":"12%"},{"v":74.613,"d":"74.61"},{"$f":"H437*E437","v":{"v":74.613,"d":"74.61"}}]
["391","焊接法兰阀门","1.类型：法兰闸阀\r\n2.规格型号：DN150\r\n3.连接形式：法兰连接","个",1,149.69,{"v":0.12,"d":"12%"},{"v":125.14084,"d":"125.14"},{"$f":"H438*E438","v":{"v":125.14084,"d":"125.14"}}]
["392","法兰","1.类型：沟槽法兰，含卡箍连接件、胶圈\r\n2.规格型号：DN150\r\n4.连接形式:沟槽连接","副",1,274.6,{"v":0.12,"d":"12%"},{"v":229.56560000000002,"d":"229.57"},{"$f":"H439*E439","v":{"v":229.56560000000002,"d":"229.57"}}]
[5.8,"消防水管系统"]
["393","消火栓钢管","1.安装部位：室内泵房\r\n2.输送介质：消防用水\r\n3.材质：内外壁热镀锌钢管\r\n4.型号、规格：DN200\r\n5.连接方式：沟槽连接\r\n6.其他：含直管连接件","m",22.5,41.26,{"v":0.12,"d":"12%"},{"v":34.493359999999996,"d":"34.49"},{"$f":"H441*E441","v":{"v":776.1005999999999,"d":"776.10"}}]
["394","管件安装","1.名称：沟槽式弯头，含卡箍、胶圈\r\n2.规格型号：DN200","个",5,147.41,{"v":0.12,"d":"12%"},{"v":123.23476000000001,"d":"123.23"},{"v":616.1738,"d":"616.17"}]
["395","管件安装","1.名称：沟槽式喇叭口，含卡箍、胶圈\r\n2.规格型号：DN300/DN200","个",2,147.41,{"v":0.12,"d":"12%"},{"v":123.23476000000001,"d":"123.23"},{"v":246.46952000000002,"d":"246.47"}]
["396","管件安装","1.名称：喇叭口支架\r\n2.规格型号：DN300","个",2,292.12,{"v":0.12,"d":"12%"},{"v":244.21232,"d":"244.21"},{"v":488.42464,"d":"488.42"}]
["397","焊接法兰阀门","1.类型：法兰蝶阀\r\n2.规格型号：DN200\r\n3.连接形式：法兰连接","个",5,193.89,{"v":0.12,"d":"12%"},{"v":162.09204,"d":"162.09"},{"v":810.4602,"d":"810.46"}]
["398","法兰","1.类型：沟槽法兰，含卡箍连接件、胶圈\r\n2.规格型号：DN200\r\n4.连接形式:沟槽连接","副",5,1178.16,{"v":0.12,"d":"12%"},{"v":984.9417599999999,"d":"984.94"},{"v":4924.708799999999,"d":"4924.71"}]
["399","浮漂水位标尺","1.名称：浮漂水位标尺\r\n2.规格型号：按设计","套",1,3600.48,{"v":0.12,"d":"12%"},{"v":3010.00128,"d":"3010.00"},{"v":3010.00128,"d":"3010.00"}]
[5.9,"通气管系统"]
["400","低压碳钢管","1.名称：焊接钢管\r\n2.材质：Q235\r\n3.规格：DN150\r\n3.连接形式、焊接方法：电弧焊","m",2.75,28.74,{"v":0.12,"d":"12%"},{"v":24.026639999999997,"d":"24.03"},{"$f":"H449*E449","v":{"v":66.07325999999999,"d":"66.07"}}]
["401","低压碳钢管件","1.名称：90°钢制弯头\r\n2.材质：Q235\r\n3.规格：DN150\r\n4.连接方式：电弧焊","个",4,224.03,{"v":0.12,"d":"12%"},{"v":187.28907999999998,"d":"187.29"},{"$f":"H450*E450","v":{"v":749.1563199999999,"d":"749.16"}}]
["402","动力工具除锈","1.除锈等级：St2\r\n2.除锈内容：管道外表面","m2",1.43,2.78,{"v":0.12,"d":"12%"},{"v":2.3240799999999995,"d":"2.32"},{"$f":"H451*E451","v":{"v":3.323434399999999,"d":"3.32"}}]
["403","明敷管道刷油","1.油防腐方式：C53-31红丹醇酸防腐漆两遍及C04-42绿色醇酸磁漆两遍\r\n2.漆膜厚度：按设计","m2",1.43,20.77,{"v":0.12,"d":"12%"},{"v":17.363719999999997,"d":"17.36"},{"$f":"H452*E452","v":{"v":24.830119599999996,"d":"24.83"}}]
[null,"六、筛分间（给排水）"]
[6.1,"生产水系统"]
["404","低压碳钢管","1.名称：焊接钢管\r\n2.规格：DN20\r\n3.材质：Q235\r\n4.连接形式、焊接方法：电弧焊","m",132.4,4.53,{"v":0.12,"d":"12%"},{"v":3.7870799999999996,"d":"3.79"},{"$f":"H455*E455","v":{"v":501.40939199999997,"d":"501.41"}}]
["405","低压碳钢管","1.名称：焊接钢管\r\n2.规格：DN50\r\n3.材质：Q235\r\n4.连接形式、焊接方法：电弧焊","m",228.7,7.91,{"v":0.12,"d":"12%"},{"v":6.61276,"d":"6.61"},{"v":1512.3382119999999,"d":"1512.34"}]
["406","管道压力试验","1.规格、型号：DN50以下\r\n2.压力等级：低压\r\n3.管内介质：水","m",361.1,3.89,{"v":0.12,"d":"12%"},{"v":3.25204,"d":"3.25"},{"v":1174.3116440000001,"d":"1174.31"}]
["407","管道系统吹扫","1.规格、型号：DN50以下\r\n2.管内介质：水","m",361.1,2.87,{"v":0.12,"d":"12%"},{"v":2.3993200000000003,"d":"2.40"},{"v":866.3944520000002,"d":"866.39"}]
["408","低压碳钢管件","1.名称：钢制弯头\r\n2.规格：DN20\r\n3.材质：Q235\r\n4.连接方式：电弧焊","个",44,20.29,{"v":0.12,"d":"12%"},{"v":16.962439999999997,"d":"16.96"},{"v":746.3473599999999,"d":"746.35"}]
["409","低压碳钢管件","1.名称：钢制三通\r\n2.规格：DN20/DN20\r\n3.材质：Q235\r\n4.连接方式：电弧焊","个",10,21.84,{"v":0.12,"d":"12%"},{"v":18.258239999999997,"d":"18.26"},{"v":182.58239999999998,"d":"182.58"}]
["410","低压碳钢管件","1.名称：钢制三通\r\n2.规格：DN50/DN20\r\n3.材质：Q235\r\n4.连接方式：电弧焊","个",12,59.13,{"v":0.12,"d":"12%"},{"v":49.43268,"d":"49.43"},{"v":593.19216,"d":"593.19"}]
["411","低压螺纹阀门","1.名称：螺纹截止阀\r\n2.材质：按设计\r\n3.型号、规格：DN20\r\n4.连接形式：螺纹连接","个",22,33.93,{"v":0.12,"d":"12%"},{"v":28.365479999999998,"d":"28.37"},{"v":624.0405599999999,"d":"624.04"}]
["412","低压碳钢管件","1.名称：单头外丝接头\r\n2.材质：Q235\r\n3.规格：DN20\r\n4.连接方式：电弧焊","个",44,18.54,{"v":0.12,"d":"12%"},{"v":15.49944,"d":"15.50"},{"v":681.97536,"d":"681.98"}]
["413","低压螺纹阀门","1.名称：螺纹截止阀\r\n2.材质：按设计\r\n3.型号、规格：DN50\r\n4.连接形式：螺纹连接","个",2,55.6,{"v":0.12,"d":"12%"},{"v":46.4816,"d":"46.48"},{"v":92.9632,"d":"92.96"}]
["414","低压碳钢管件","1.名称：单头外丝接头\r\n2.材质：Q235\r\n3.规格：DN50\r\n4.连接方式：电弧焊","个",4,49.93,{"v":0.12,"d":"12%"},{"v":41.741479999999996,"d":"41.74"},{"v":166.96591999999998,"d":"166.97"}]
["415","低压碳钢管件","1.名称：双头外丝接头\r\n2.材质：Q235\r\n3.规格：DN50\r\n4.连接方式：电弧焊","个",2,51.83,{"v":0.12,"d":"12%"},{"v":43.329879999999996,"d":"43.33"},{"v":86.65975999999999,"d":"86.66"}]
["416","低压碳钢管件","1.名称：螺纹活接头\r\n2.材质：Q235\r\n3.规格：DN50\r\n4.连接方式：电弧焊","个",2,52.33,{"v":0.12,"d":"12%"},{"v":43.747879999999995,"d":"43.75"},{"v":87.49575999999999,"d":"87.50"}]
["417","低压碳钢焊接法兰","1.名称：碳钢法兰\r\n2.材质：Q235\r\n3.结构形式：按设计\r\n4.型号、规格：DN50\r\n5.焊接方法：电弧焊\r\n6.连接内容：与法兰盲板螺栓连接\r\n7.其他：配套六角螺栓、法兰垫片等","副",2,104.41,{"v":0.12,"d":"12%"},{"v":87.28676,"d":"87.29"},{"v":174.57352,"d":"174.57"}]
["418","手工除锈","1.除锈等级：St2\r\n2.除锈内容：管道外表面","m2",51.33,2.78,{"v":0.12,"d":"12%"},{"v":2.3240799999999995,"d":"2.32"},{"v":119.29502639999997,"d":"119.30"}]
["419","埋地管道刷油","1.油防腐方式：三油两布防腐，具体为环氧沥青底漆-面漆-玻璃丝布-面漆-玻璃丝布-面漆-面漆\r\n2.漆膜厚度：干膜厚度＞0.4mm","m2",37.6,71.35,{"v":0.12,"d":"12%"},{"v":59.64859999999999,"d":"59.65"},{"v":2242.78736,"d":"2242.79"}]
["420","明敷管道刷油","1.油防腐方式：C53-31红丹醇酸防腐漆两遍及C04-42绿色醇酸磁漆两遍\r\n2.漆膜厚度：按设计","m2",13.73,20.77,{"v":0.12,"d":"12%"},{"v":17.363719999999997,"d":"17.36"},{"v":238.40387559999996,"d":"238.40"}]
["421","挖沟槽土方","1.土壤类别：按设计\r\n2.挖土深度：按设计","m3",235,3.49,{"v":0.12,"d":"12%"},{"v":2.91764,"d":"2.92"},{"v":685.6454,"d":"685.65"}]
["422","回填方","1.回填形式：沟槽回填\r\n2.回填方式：就地回填，夯填","m3",235,14.29,{"v":0.12,"d":"12%"},{"v":11.946439999999999,"d":"11.95"},{"v":2807.4134,"d":"2807.41"}]
["423","混凝土阀门井","1.名称：混凝土矩形阀门井\r\n2.图集：05S502\r\n3.井盖、井圈材质及规格：按设计","座",2,10957.73,{"v":0.12,"d":"12%"},{"v":9160.662279999999,"d":"9160.66"},{"v":18321.324559999997,"d":"18321.32"}]
[6.2,"生活给水系统"]
["424","塑料管","1.名称：PE型钢塑给水管\r\n2.安装部位：室内\r\n3.介质：生活水\r\n4.规格、压力等级：DN15\r\n5.连接形式：电热熔\r\n6.压力试验及吹洗设计要求：按设计","m",29.7,47.35,{"v":0.12,"d":"12%"},{"v":39.5846,"d":"39.58"},{"$f":"H476*E476","v":{"v":1175.66262,"d":"1175.66"}}]
["425","塑料管","1.名称：PE型钢塑给水管\r\n2.安装部位：室内\r\n3.介质：生活水\r\n4.规格、压力等级：DN25\r\n5.连接形式：电热熔\r\n6.压力试验及吹洗设计要求：按设计","m",3,49.08,{"v":0.12,"d":"12%"},{"v":41.030879999999996,"d":"41.03"},{"v":123.09263999999999,"d":"123.09"}]
["426","塑料管","1.名称：PE型钢塑给水管\r\n2.安装部位：室内\r\n3.介质：生活水\r\n4.规格、压力等级：DN32\r\n5.连接形式：电热熔\r\n6.压力试验及吹洗设计要求：按设计","m",105.6,52.56,{"v":0.12,"d":"12%"},{"v":43.94016,"d":"43.94"},{"v":4640.0808959999995,"d":"4640.08"}]
["427","螺纹阀门","1.名称：螺纹截止阀\r\n2.材质：按设计\r\n3.规格、压力等级：DN32\r\n4.连接形式：电热熔","个",1,23.36,{"v":0.12,"d":"12%"},{"v":19.52896,"d":"19.53"},{"v":19.52896,"d":"19.53"}]
["428","水表","1.名称：螺纹水表\r\n2.型号、规格：DN32\r\n3.连接形式：螺纹连接\r\n4.安装部位：室外:","个",1,94.93,{"v":0.12,"d":"12%"},{"v":79.36148000000001,"d":"79.36"},{"v":79.36148000000001,"d":"79.36"}]
["429","挖沟槽土方","1.土壤类别：按设计\r\n2.挖土深度：按设计","m3",86.4,3.49,{"v":0.12,"d":"12%"},{"v":2.91764,"d":"2.92"},{"v":252.08409600000002,"d":"252.08"}]
["430","回填方","1.回填形式：沟槽回填\r\n2.回填方式：就地回填，夯填","m3",86.4,14.29,{"v":0.12,"d":"12%"},{"v":11.946439999999999,"d":"11.95"},{"v":1032.1724159999999,"d":"1032.17"}]
["431","混凝土阀门井","1.名称：混凝土矩形阀门井\r\n2.图集：05S502\r\n3.井盖、井圈材质及规格：按设计","座",1,10957.73,{"v":0.12,"d":"12%"},{"v":9160.662279999999,"d":"9160.66"},{"v":9160.662279999999,"d":"9160.66"}]
[6.3,"排废水系统"]
["432","离心泵","1.名称：不锈钢潜污泵\r\n2.规格型号：Q=10m3/h，H=40m","台",2,554.28,{"v":0.12,"d":"12%"},{"v":463.37807999999995,"d":"463.38"},{"$f":"H485*E485","v":{"v":926.7561599999999,"d":"926.76"}}]
["433","低压碳钢管","1.名称：焊接钢管\r\n2.规格：DN65\r\n3.材质：Q235\r\n4.连接形式、焊接方法：电弧焊","m",95.7,10.6,{"v":0.12,"d":"12%"},{"v":8.8616,"d":"8.86"},{"v":848.05512,"d":"848.06"}]
["434","管道压力试验","1.规格、型号：DN50以上，DN100以下\r\n2.压力等级：低压\r\n3.管内介质：水","m",95.7,4.85,{"v":0.12,"d":"12%"},{"v":4.054599999999999,"d":"4.05"},{"v":388.0252199999999,"d":"388.03"}]
["435","管道系统吹扫","1.规格、型号：DN50以上，DN100以下\r\n2.管内介质：水","m",95.7,3.98,{"v":0.12,"d":"12%"},{"v":3.3272799999999996,"d":"3.33"},{"v":318.42069599999996,"d":"318.42"}]
["436","低压碳钢管件","1.名称：钢制弯头\r\n2.规格：DN65\r\n3.材质：Q235\r\n4.连接方式：电弧焊","个",10,75.69,{"v":0.12,"d":"12%"},{"v":63.27683999999999,"d":"63.28"},{"v":632.7683999999999,"d":"632.77"}]
["437","低压法兰阀门","1.名称：法兰截止阀\r\n2.材质：按设计\r\n3.型号、规格：DN65\r\n4.连接形式：法兰连接","个",2,54.2,{"v":0.12,"d":"12%"},{"v":45.3112,"d":"45.31"},{"v":90.6224,"d":"90.62"}]
["438","低压法兰阀门","1.名称：法兰止回阀\r\n2.材质：按设计\r\n3.型号、规格：DN65\r\n4.连接形式：法兰连接","个",2,54.2,{"v":0.12,"d":"12%"},{"v":45.3112,"d":"45.31"},{"v":90.6224,"d":"90.62"}]
["439","低压碳钢焊接法兰","1.名称：碳钢法兰\r\n2.材质：20#\r\n3.结构形式：按设计\r\n4.型号、规格：DN65\r\n5.焊接方法：电弧焊\r\n6.连接形式：与阀门连接\r\n7.其他：配套法兰垫片、螺栓、螺母、垫圈","副",4,111.76,{"v":0.12,"d":"12%"},{"v":93.43136,"d":"93.43"},{"v":373.72544,"d":"373.73"}]
["440","低压碳钢焊接法兰","1.名称：碳钢法兰\r\n2.材质：Q235\r\n3.结构形式：按设计\r\n4.型号、规格：DN65\r\n5.焊接方法：电弧焊\r\n6.连接形式：与设备本体法兰对接\r\n7.其他：配套法兰垫片、螺栓、螺母、垫圈","副",2,62.53,{"v":0.12,"d":"12%"},{"v":52.27508,"d":"52.28"},{"v":104.55016,"d":"104.55"}]
["441","动力工具除锈","1.除锈等级：St2\r\n2.除锈内容：管道外表面","m2",22.84,2.78,{"v":0.12,"d":"12%"},{"v":2.3240799999999995,"d":"2.32"},{"v":53.081987199999986,"d":"53.08"}]
["442","埋地管道刷油","1.油防腐方式：三油两布防腐，具体为环氧沥青底漆-面漆-玻璃丝布-面漆-玻璃丝布-面漆-面漆\r\n2.漆膜厚度：干膜厚度＞0.4mm","m2",19.89,71.35,{"v":0.12,"d":"12%"},{"v":59.64859999999999,"d":"59.65"},{"v":1186.4106539999998,"d":"1186.41"}]
["443","明敷管道刷油","1.油防腐方式：C53-31红丹醇酸防腐漆两遍及C04-42绿色醇酸磁漆两遍\r\n2.漆膜厚度：按设计","m2",2.95,20.77,{"v":0.12,"d":"12%"},{"v":17.363719999999997,"d":"17.36"},{"v":51.222973999999994,"d":"51.22"}]
["444","挖沟槽土方","1.土壤类别：按设计\r\n2.挖土深度：按设计","m3",96.5,3.49,{"v":0.12,"d":"12%"},{"v":2.91764,"d":"2.92"},{"v":281.55226,"d":"281.55"}]
["445","回填方","1.回填形式：沟槽回填\r\n2.回填方式：就地回填，夯填","m3",96.5,14.29,{"v":0.12,"d":"12%"},{"v":11.946439999999999,"d":"11.95"},{"v":1152.8314599999999,"d":"1152.83"}]
[6.4,"消防系统"]
["446","灭火器","1.名称：磷酸铵盐手提式灭火器\r\n2.形式：按设计\r\n3.规格、型号：MF/ABC3","具",24,46.76,{"v":0.12,"d":"12%"},{"v":39.091359999999995,"d":"39.09"},{"$f":"H500*E500","v":{"v":938.1926399999999,"d":"938.19"}}]
["447","灭火器箱","1.名称：手提式灭火器箱\r\n2.形式：按设计\r\n3.规格、型号：每个灭火器箱内设置2具灭火器","个",12,35.92,{"v":0.12,"d":"12%"},{"v":30.029120000000002,"d":"30.03"},{"$f":"H501*E501","v":{"v":360.34944,"d":"360.35"}}]
[null,"七、上山道路给排水"]
[7.1,"生产给水系统"]
["448","钢管","1.名称：焊接钢管\r\n2.规格：DN200\r\n3.材质：Q235\r\n4.连接形式：焊接","m",230,36.15,{"v":0.12,"d":"12%"},{"v":30.221399999999996,"d":"30.22"},{"$f":"H504*E504","v":{"v":6950.921999999999,"d":"6950.92"}}]
["449","焊接法兰阀门","1.类型：蝶阀\r\n2.规格型号：DN200  D371X-10","个",3,263.16,{"v":0.12,"d":"12%"},{"v":220.00176000000002,"d":"220.00"},{"v":660.0052800000001,"d":"660.01"}]
["450","法兰","1.名称：碳钢法兰\r\n2.规格型号：DN200  1.0MPa\r\n3.连接形式：焊接","副",3,421.82,{"v":0.12,"d":"12%"},{"v":352.64152,"d":"352.64"},{"v":1057.92456,"d":"1057.92"}]
["451","动力工具除锈","1.除锈等级：St2\r\n2.除锈内容：管道外表面","m2",158.16,2.78,{"v":0.12,"d":"12%"},{"v":2.3240799999999995,"d":"2.32"},{"v":367.5764927999999,"d":"367.58"}]
["452","埋地管道刷油","1.油防腐方式：三油两布防腐，具体为环氧沥青底漆-面漆-玻璃丝布-面漆-玻璃丝布-面漆-面漆\r\n2.漆膜厚度：干膜厚度＞0.4mm","m2",10.66,71.35,{"v":0.12,"d":"12%"},{"v":59.64859999999999,"d":"59.65"},{"v":635.8540759999998,"d":"635.85"}]
["453","明敷管道刷油","1.油防腐方式：C53-31红丹醇酸防腐漆两遍及C04-42绿色醇酸磁漆两遍\r\n2.漆膜厚度：按设计","m2",147.5,20.77,{"v":0.12,"d":"12%"},{"v":17.363719999999997,"d":"17.36"},{"v":2561.1486999999997,"d":"2561.15"}]
[7.2,"生活给水系统"]
["454","镀锌钢管","1.名称：内筋嵌入式镀锌衬塑钢管\r\n2.输送介质：生活水\r\n3.型号、规格：DN100\r\n4.连接方式：沟槽连接\r\n5.压力试验及吹洗要求：按设计","m",485,91.92,{"v":0.12,"d":"12%"},{"v":76.84512,"d":"76.85"},{"$f":"H511*E511","v":{"v":37269.8832,"d":"37269.88"}}]
["455","管道消毒","1.管道规格：DN100","m",485,0.97,{"v":0.12,"d":"12%"},{"v":0.81092,"d":"0.81"},{"$f":"H512*E512","v":{"v":393.2962,"d":"393.30"}}]
["456","焊接法兰阀门","1.类型：蝶阀\r\n2.规格型号：DN100  D371X-16","个",5,86.4,{"v":0.12,"d":"12%"},{"v":72.2304,"d":"72.23"},{"$f":"H513*E513","v":{"v":361.15200000000004,"d":"361.15"}}]
["457","法兰","1.类型：沟槽法兰，含卡箍连接件、胶圈\r\n2.规格型号：DN100\r\n4.连接形式:沟槽连接","副",5,183.29,{"v":0.12,"d":"12%"},{"v":153.23044,"d":"153.23"},{"$f":"H514*E514","v":{"v":766.1522,"d":"766.15"}}]
["458","管道绝热","1.名称：聚乙烯泡沫\r\n2.绝热厚度：30mm\r\n3.管道外径：Φ114","m3",6.56,1019.46,{"v":0.12,"d":"12%"},{"v":852.26856,"d":"852.27"},{"$f":"H515*E515","v":{"v":5590.8817536,"d":"5590.88"}}]
[7.3,"室外消火栓给水系统"]
["459","消火栓钢管","1.安装部位：室内泵房\r\n2.输送介质：消防用水\r\n3.材质：内外壁热镀锌钢管\r\n4.型号、规格：DN200\r\n5.连接方式：沟槽连接\r\n6.其他：含直管连接件","m",465,41.26,{"v":0.12,"d":"12%"},{"v":34.493359999999996,"d":"34.49"},{"$f":"H517*E517","v":{"v":16039.412399999997,"d":"16039.41"}}]
["460","管件安装","1.名称：沟槽式弯头，含卡箍、胶圈\r\n2.规格型号：DN200","个",16,147.41,{"v":0.12,"d":"12%"},{"v":123.23476000000001,"d":"123.23"},{"v":1971.7561600000001,"d":"1971.76"}]
["461","金属骨架复合管","1.安装部位：室外埋地\r\n2.输送介质：消防用水\r\n3.材质：钢丝网骨架复合管\r\n4.型号、规格：DN200\r\n5.连接方式：电热熔","m",26,73,{"v":0.12,"d":"12%"},{"v":61.028,"d":"61.03"},{"v":1586.728,"d":"1586.73"}]
["462","金属骨架复合管件","1.名称：90°钢丝网骨架复合弯头\r\n2.规格型号：DN200\r\n3.连接方式：电热熔","个",4,465.73,{"v":0.12,"d":"12%"},{"v":389.35028,"d":"389.35"},{"v":1557.40112,"d":"1557.40"}]
["463","管道压力试验","1.管道规格：DN200","m",26,6.81,{"v":0.12,"d":"12%"},{"v":5.693159999999999,"d":"5.69"},{"v":148.02215999999999,"d":"148.02"}]
["464","管道冲洗","1.管道规格：DN200","m",26,7.55,{"v":0.12,"d":"12%"},{"v":6.3118,"d":"6.31"},{"v":164.1068,"d":"164.11"}]
["465","焊接法兰阀门","1.类型：法兰蝶阀\r\n2.规格型号：DN200\r\n3.连接形式：法兰连接","个",4,193.89,{"v":0.12,"d":"12%"},{"v":162.09204,"d":"162.09"},{"v":648.36816,"d":"648.37"}]
["466","法兰","1.类型：沟槽法兰，含卡箍连接件、胶圈\r\n2.规格型号：DN200\r\n4.连接形式:沟槽连接","副",6,408.16,{"v":0.12,"d":"12%"},{"v":341.22176,"d":"341.22"},{"v":2047.33056,"d":"2047.33"}]
["467","管道绝热","1.名称：聚乙烯泡沫\r\n2.绝热厚度：30mm\r\n3.管道外径：Φ219","m3",11.81,1212.39,{"v":0.12,"d":"12%"},{"v":1013.5580400000001,"d":"1013.56"},{"v":11970.120452400002,"d":"11970.12"}]
[7.4,"初期雨水系统"]
["468","钢管","1.名称：焊接钢管\r\n2.规格：DN150\r\n3.材质：Q235\r\n4.连接形式：焊接","m",228.5,28.74,{"v":0.12,"d":"12%"},{"v":24.026639999999997,"d":"24.03"},{"$f":"H527*E527","v":{"v":5490.087239999999,"d":"5490.09"}}]
["469","法兰","1.名称：碳钢法兰\r\n2.规格型号：DN150  1.0MPa\r\n3.连接形式：焊接","副",3,276.24,{"v":0.12,"d":"12%"},{"v":230.93664,"d":"230.94"},{"v":692.80992,"d":"692.81"}]
["470","焊接法兰阀门","1.类型：蝶阀\r\n2.规格型号：DN150  D371X-10","个",3,172.07,{"v":0.12,"d":"12%"},{"v":143.85052,"d":"143.85"},{"v":431.55156,"d":"431.55"}]
["471","动力工具除锈","1.除锈等级：St2\r\n2.除锈内容：管道外表面","m2",118.39,2.78,{"v":0.12,"d":"12%"},{"v":2.3240799999999995,"d":"2.32"},{"v":275.1478311999999,"d":"275.15"}]
["472","埋地管道刷油","1.油防腐方式：三油两布防腐，具体为环氧沥青底漆-面漆-玻璃丝布-面漆-玻璃丝布-面漆-面漆\r\n2.漆膜厚度：干膜厚度＞0.4mm","m2",8.03,71.35,{"v":0.12,"d":"12%"},{"v":59.64859999999999,"d":"59.65"},{"v":478.97825799999987,"d":"478.98"}]
["473","明敷管道刷油","1.油防腐方式：C53-31红丹醇酸防腐漆两遍及C04-42绿色醇酸磁漆两遍\r\n2.漆膜厚度：按设计","m2",110.36,20.77,{"v":0.12,"d":"12%"},{"v":17.363719999999997,"d":"17.36"},{"v":1916.2601391999997,"d":"1916.26"}]
[7.5,"管道支架汇总"]
["474","管道支吊架制作与安装","1.材质：Q235\r\n2.管架形式：按设计","kg",978,13.48,{"v":0.12,"d":"12%"},{"v":11.26928,"d":"11.27"},{"$f":"H534*E534","v":{"v":11021.35584,"d":"11021.36"}}]
["475","手工除锈","1.除锈等级：St2锈\r\n2.除锈内容：管道支吊架","kg",978,0.4,{"v":0.12,"d":"12%"},{"v":0.33440000000000003,"d":"0.33"},{"v":327.0432,"d":"327.04"}]
["476","金属结构刷油","1.油防腐方式：C53-31红丹醇酸防腐漆两遍及C04-42绿色醇酸磁漆两遍\r\n2.漆膜厚度：按设计","kg",978,1.77,{"v":0.12,"d":"12%"},{"v":1.47972,"d":"1.48"},{"v":1447.16616,"d":"1447.17"}]
["477","成品管卡安装","1.名称：镀锌U型管卡\r\n2.材质：Q235\r\n2.型号、规格：Φ114\r\n3.安装方式：螺栓连接","个",74,4.3,{"v":0.12,"d":"12%"},{"v":3.5947999999999998,"d":"3.59"},{"v":266.0152,"d":"266.02"}]
["478","成品管卡安装","1.名称：镀锌U型管卡\r\n2.材质：Q235\r\n2.型号、规格：Φ165\r\n3.安装方式：螺栓连接","个",36,6.02,{"v":0.12,"d":"12%"},{"v":5.032719999999999,"d":"5.03"},{"v":181.17791999999997,"d":"181.18"}]
["479","成品管卡安装","1.名称：镀锌U型管卡\r\n2.材质：Q235\r\n2.型号、规格：Φ219\r\n3.安装方式：螺栓连接","个",110,7.48,{"v":0.12,"d":"12%"},{"v":6.25328,"d":"6.25"},{"v":687.8608,"d":"687.86"}]
["480","挖沟槽土方","1.名称：机械挖土方\r\n2.土壤类别：按设计\r\n3.挖土深度：按设计","m3",90,3.49,{"v":0.12,"d":"12%"},{"v":2.91764,"d":"2.92"},{"v":262.5876,"d":"262.59"}]
["481","回填方","1.回填形式：沟槽回填\r\n2.回填方式：就地回填，夯填","m3",49.5,14.29,{"v":0.12,"d":"12%"},{"v":11.946439999999999,"d":"11.95"},{"v":591.3487799999999,"d":"591.35"}]
["482","余方弃置","1.余土外运\r\n2.运距：1km以内","m3",40.5,8.09,{"v":0.12,"d":"12%"},{"v":6.76324,"d":"6.76"},{"v":273.91122,"d":"273.91"}]
["483","平整场地","1.管沟沟底土方","m2",56,2.29,{"v":0.12,"d":"12%"},{"v":1.91444,"d":"1.91"},{"v":107.20864,"d":"107.21"}]
["484","挖沟槽土方","1.部位：埋地管道及\r\n2.土壤类别：详见地勘报告","m3",90,3.49,{"v":0.12,"d":"12%"},{"v":2.91764,"d":"2.92"},{"v":262.5876,"d":"262.59"}]
["485","回填方","1.部位：埋地生活水管道及井室\r\n2.回填要求按设计","m3",49.5,14.29,{"v":0.12,"d":"12%"},{"v":11.946439999999999,"d":"11.95"},{"v":591.3487799999999,"d":"591.35"}]
["486","余方弃置","1.部位：埋地生活水管道及井室\r\n2.运距：自定","m3",40.5,8.09,{"v":0.12,"d":"12%"},{"v":6.76324,"d":"6.76"},{"v":273.91122,"d":"273.91"}]
[null,"八、细碎间"]
[8.1,"细碎间生活给水系统"]
["487","塑料管","1.名称：PE型钢塑给水管\r\n2.安装部位：室内\r\n3.介质：生活水\r\n4.规格、压力等级：DN15\r\n5.连接形式：电热熔\r\n6.压力试验及吹洗设计要求：按设计","m",46.2,47.35,{"v":0.12,"d":"12%"},{"v":39.5846,"d":"39.58"},{"$f":"H549*E549","v":{"v":1828.8085200000003,"d":"1828.81"}}]
["488","塑料管","1.名称：PE型钢塑给水管\r\n2.安装部位：室内\r\n3.介质：生活水\r\n4.规格、压力等级：DN25\r\n5.连接形式：电热熔\r\n6.压力试验及吹洗设计要求：按设计","m",5.8,49.08,{"v":0.12,"d":"12%"},{"v":41.030879999999996,"d":"41.03"},{"v":237.97910399999998,"d":"237.98"}]
["489","螺纹阀门","1.名称：螺纹截止阀\r\n2.材质：按设计\r\n3.规格、压力等级：DN25\r\n4.连接形式：电热熔","个",1,19.7,{"v":0.12,"d":"12%"},{"v":16.4692,"d":"16.47"},{"v":16.4692,"d":"16.47"}]
["490","水表","1.名称：螺纹水表\r\n2.型号、规格：DN25\r\n3.连接形式：螺纹连接\r\n4.安装部位：室外:","个",1,89.05,{"v":0.12,"d":"12%"},{"v":74.44579999999999,"d":"74.45"},{"v":74.44579999999999,"d":"74.45"}]
["491","挖沟槽土方","1.土壤类别：按设计\r\n2.挖土深度：按设计","m3",24,3.49,{"v":0.12,"d":"12%"},{"v":2.91764,"d":"2.92"},{"v":70.02336,"d":"70.02"}]
["492","回填方","1.回填形式：沟槽回填\r\n2.回填方式：就地回填，夯填","m3",24,14.29,{"v":0.12,"d":"12%"},{"v":11.946439999999999,"d":"11.95"},{"v":286.71456,"d":"286.71"}]
["493","套管制作与安装","1.名称：一般穿墙套管制作安装\r\n2.材质：Q235\r\n3.规格：DN50","个",2,23.25,{"v":0.12,"d":"12%"},{"v":19.436999999999998,"d":"19.44"},{"v":38.873999999999995,"d":"38.87"}]
["494","混凝土阀门井","1.名称：混凝土矩形阀门井\r\n2.图集：05S502\r\n3.井盖、井圈材质及规格：按设计","座",1,10957.73,{"v":0.12,"d":"12%"},{"v":9160.662279999999,"d":"9160.66"},{"v":9160.662279999999,"d":"9160.66"}]
[8.2,"细碎间排废水系统"]
["495","离心泵","1.名称：不锈钢潜污泵\r\n2.规格型号：Q=10m3/h，H=40m","台",1,554.28,{"v":0.12,"d":"12%"},{"v":463.37807999999995,"d":"463.38"},{"$f":"H558*E558","v":{"v":463.37807999999995,"d":"463.38"}}]
["496","低压碳钢管","1.名称：焊接钢管\r\n2.规格：DN65\r\n3.材质：Q235\r\n4.连接形式、焊接方法：电弧焊","m",8.3,10.6,{"v":0.12,"d":"12%"},{"v":8.8616,"d":"8.86"},{"v":73.55128,"d":"73.55"}]
["497","管道压力试验","1.规格、型号：DN50以上，DN100以下\r\n2.压力等级：低压\r\n3.管内介质：水","m",8.3,4.85,{"v":0.12,"d":"12%"},{"v":4.054599999999999,"d":"4.05"},{"v":33.65317999999999,"d":"33.65"}]
["498","管道系统吹扫","1.规格、型号：DN50以上，DN100以下\r\n2.管内介质：水","m",8.3,3.98,{"v":0.12,"d":"12%"},{"v":3.3272799999999996,"d":"3.33"},{"v":27.616424,"d":"27.62"}]
["499","低压碳钢管件","1.名称：钢制弯头\r\n2.规格：DN65\r\n3.材质：Q235\r\n4.连接方式：电弧焊","个",5,75.69,{"v":0.12,"d":"12%"},{"v":63.27683999999999,"d":"63.28"},{"v":316.38419999999996,"d":"316.38"}]
["500","低压法兰阀门","1.名称：法兰截止阀\r\n2.材质：按设计\r\n3.型号、规格：DN65\r\n4.连接形式：法兰连接","个",1,54.2,{"v":0.12,"d":"12%"},{"v":45.3112,"d":"45.31"},{"v":45.3112,"d":"45.31"}]
["501","低压法兰阀门","1.名称：法兰止回阀\r\n2.材质：按设计\r\n3.型号、规格：DN65\r\n4.连接形式：法兰连接","个",1,54.2,{"v":0.12,"d":"12%"},{"v":45.3112,"d":"45.31"},{"v":45.3112,"d":"45.31"}]
["502","低压碳钢焊接法兰","1.名称：碳钢法兰\r\n2.材质：20#\r\n3.结构形式：按设计\r\n4.型号、规格：DN65\r\n5.焊接方法：电弧焊\r\n6.连接形式：与阀门连接\r\n7.其他：配套法兰垫片、螺栓、螺母、垫圈","副",2,111.76,{"v":0.12,"d":"12%"},{"v":93.43136,"d":"93.43"},{"v":186.86272,"d":"186.86"}]
["503","低压碳钢焊接法兰","1.名称：碳钢法兰\r\n2.材质：Q235\r\n3.结构形式：按设计\r\n4.型号、规格：DN65\r\n5.焊接方法：电弧焊\r\n6.连接形式：与设备本体法兰对接\r\n7.其他：配套法兰垫片、螺栓、螺母、垫圈","副",1,62.53,{"v":0.12,"d":"12%"},{"v":52.27508,"d":"52.28"},{"v":52.27508,"d":"52.28"}]
["504","套管制作与安装","1.名称：一般穿墙套管\r\n2.材质：Q235\r\n3.规格：DN65","个",1,56.94,{"v":0.12,"d":"12%"},{"v":47.601839999999996,"d":"47.60"},{"v":47.601839999999996,"d":"47.60"}]
["505","动力工具除锈","1.除锈等级：St2\r\n2.除锈内容：管道外表面","m2",2.15,2.78,{"v":0.12,"d":"12%"},{"v":2.3240799999999995,"d":"2.32"},{"v":4.996771999999999,"d":"5.00"}]
["506","埋地管道刷油","1.油防腐方式：三油两布防腐，具体为环氧沥青底漆-面漆-玻璃丝布-面漆-玻璃丝布-面漆-面漆\r\n2.漆膜厚度：干膜厚度＞0.4mm","m2",1.8,71.35,{"v":0.12,"d":"12%"},{"v":59.64859999999999,"d":"59.65"},{"v":107.36747999999999,"d":"107.37"}]
["507","明敷管道刷油","1.油防腐方式：C53-31红丹醇酸防腐漆两遍及C04-42绿色醇酸磁漆两遍\r\n2.漆膜厚度：按设计","m2",1.35,20.77,{"v":0.12,"d":"12%"},{"v":17.363719999999997,"d":"17.36"},{"v":23.441021999999997,"d":"23.44"}]
["508","挖沟槽土方","1.土壤类别：按设计\r\n2.挖土深度：按设计","m3",5,3.49,{"v":0.12,"d":"12%"},{"v":2.91764,"d":"2.92"},{"v":14.5882,"d":"14.59"}]
["509","回填方","1.回填形式：沟槽回填\r\n2.回填方式：就地回填，夯填","m3",5,14.29,{"v":0.12,"d":"12%"},{"v":11.946439999999999,"d":"11.95"},{"v":59.73219999999999,"d":"59.73"}]
[8.3,"消防系统"]
["510","灭火器","1.名称：磷酸铵盐手提式灭火器\r\n2.形式：按设计\r\n3.规格、型号：MF/ABC3","具",8,46.76,{"v":0.12,"d":"12%"},{"v":39.091359999999995,"d":"39.09"},{"$f":"H574*E574","v":{"v":312.73087999999996,"d":"312.73"}}]
["511","灭火器箱","1.名称：手提式灭火器箱\r\n2.形式：按设计\r\n3.规格、型号：每个灭火器箱内设置2具灭火器","个",4,35.92,{"v":0.12,"d":"12%"},{"v":30.029120000000002,"d":"30.03"},{"$f":"H575*E575","v":{"v":120.11648000000001,"d":"120.12"}}]
[null,"九、消防水泵房"]
[9.1,"排污水管系统"]
["512","消火栓钢管","1.安装部位：室内泵房\r\n2.输送介质：消防用水\r\n3.材质：内外壁热镀锌钢管\r\n4.型号、规格：DN100\r\n5.连接方式：沟槽连接\r\n6.其他：含直管连接件","m",6,25.29,{"v":0.12,"d":"12%"},{"v":21.142439999999997,"d":"21.14"},{"$f":"H578*E578","v":{"v":126.85463999999999,"d":"126.85"}}]
["513","管件安装","1.名称：沟槽式弯头，含卡箍、胶圈\r\n2.规格型号：DN100","个",4,50.98,{"v":0.12,"d":"12%"},{"v":42.619279999999996,"d":"42.62"},{"v":170.47711999999999,"d":"170.48"}]
["514","管件安装","1.名称：沟槽式三通，含卡箍、胶圈\r\n2.规格型号：DN100/DN100","个",1,50.98,{"v":0.12,"d":"12%"},{"v":42.619279999999996,"d":"42.62"},{"v":42.619279999999996,"d":"42.62"}]
["515","焊接法兰阀门","1.类型：法兰闸阀\r\n2.规格型号：DN100\r\n3.连接形式：法兰连接","个",2,86.4,{"v":0.12,"d":"12%"},{"v":72.2304,"d":"72.23"},{"v":144.4608,"d":"144.46"}]
["516","焊接法兰阀门","1.类型：法兰止回阀\r\n2.规格型号：DN100\r\n3.连接形式：法兰连接","个",2,86.4,{"v":0.12,"d":"12%"},{"v":72.2304,"d":"72.23"},{"v":144.4608,"d":"144.46"}]
["517","法兰","1.类型：沟槽法兰，含卡箍连接件、胶圈\r\n2.规格型号：DN100\r\n4.连接形式:沟槽连接","副",3,183.29,{"v":0.12,"d":"12%"},{"v":153.23044,"d":"153.23"},{"v":459.69131999999996,"d":"459.69"}]
[9.2,"消防补充水管系统"]
["518","消火栓钢管","1.安装部位：室内泵房\r\n2.输送介质：消防给水\r\n3.材质：内外壁热镀锌钢管\r\n4.型号、规格：DN15\r\n5.连接方式：螺纹连接\r\n6.其他：含直管连接件","m",1,26.33,{"v":0.12,"d":"12%"},{"v":22.011879999999998,"d":"22.01"},{"$f":"H585*E585","v":{"v":22.011879999999998,"d":"22.01"}}]
["519","消火栓钢管","1.安装部位：室内泵房\r\n2.输送介质：消防用水\r\n3.材质：内外壁热镀锌钢管\r\n4.型号、规格：DN100\r\n5.连接方式：沟槽连接\r\n6.其他：含直管连接件","m",2.5,25.29,{"v":0.12,"d":"12%"},{"v":21.142439999999997,"d":"21.14"},{"v":52.85609999999999,"d":"52.86"}]
["520","管件安装","1.名称：沟槽式弯头，含卡箍、胶圈\r\n2.规格型号：DN100","个",2,50.98,{"v":0.12,"d":"12%"},{"v":42.619279999999996,"d":"42.62"},{"v":85.23855999999999,"d":"85.24"}]
["521","焊接法兰阀门","1.类型：法兰闸阀\r\n2.规格型号：DN100\r\n3.连接形式：法兰连接","个",2,86.4,{"v":0.12,"d":"12%"},{"v":72.2304,"d":"72.23"},{"v":144.4608,"d":"144.46"}]
["522","焊接法兰阀门","1.类型：X型法兰遥控浮球阀\r\n2.规格型号：DN100\r\n3.连接形式：法兰连接","个",1,86.4,{"v":0.12,"d":"12%"},{"v":72.2304,"d":"72.23"},{"v":72.2304,"d":"72.23"}]
["523","法兰","1.类型：沟槽法兰，含卡箍连接件、胶圈\r\n2.规格型号：DN100\r\n4.连接形式:沟槽连接","副",3,183.29,{"v":0.12,"d":"12%"},{"v":153.23044,"d":"153.23"},{"v":459.69131999999996,"d":"459.69"}]
[9.3,"溢流水管系统"]
["524","消火栓钢管","1.安装部位：室内泵房\r\n2.输送介质：消防用水\r\n3.材质：内外壁热镀锌钢管\r\n4.型号、规格：DN150\r\n5.连接方式：沟槽连接\r\n6.其他：含直管连接件","m",3.5,33.09,{"v":0.12,"d":"12%"},{"v":27.663240000000002,"d":"27.66"},{"$f":"H592*E592","v":{"v":96.82134,"d":"96.82"}}]
["525","管件安装","1.名称：沟槽式弯头，含卡箍、胶圈\r\n2.规格型号：DN150","个",2,89.25,{"v":0.12,"d":"12%"},{"v":74.613,"d":"74.61"},{"$f":"H593*E593","v":{"v":149.226,"d":"149.23"}}]
["526","管件安装","1.名称：沟槽式异径管，含卡箍、胶圈\r\n2.规格型号：DN200/DN150","个",1,287.11,{"v":0.12,"d":"12%"},{"v":240.02396000000002,"d":"240.02"},{"$f":"H594*E594","v":{"v":240.02396000000002,"d":"240.02"}}]
[9.4,"放空管系统"]
["527","消火栓钢管","1.安装部位：室内泵房\r\n2.输送介质：消防用水\r\n3.材质：内外壁热镀锌钢管\r\n4.型号、规格：DN150\r\n5.连接方式：沟槽连接\r\n6.其他：含直管连接件","m",1,33.09,{"v":0.12,"d":"12%"},{"v":27.663240000000002,"d":"27.66"},{"$f":"H596*E596","v":{"v":27.663240000000002,"d":"27.66"}}]
["528","管件安装","1.名称：沟槽式弯头，含卡箍、胶圈\r\n2.规格型号：DN150","个",1,89.25,{"v":0.12,"d":"12%"},{"v":74.613,"d":"74.61"},{"$f":"H597*E597","v":{"v":74.613,"d":"74.61"}}]
["529","焊接法兰阀门","1.类型：法兰闸阀\r\n2.规格型号：DN150\r\n3.连接形式：法兰连接","个",1,149.69,{"v":0.12,"d":"12%"},{"v":125.14084,"d":"125.14"},{"$f":"H598*E598","v":{"v":125.14084,"d":"125.14"}}]
["530","法兰","1.类型：沟槽法兰，含卡箍连接件、胶圈\r\n2.规格型号：DN150\r\n4.连接形式:沟槽连接","副",1,274.6,{"v":0.12,"d":"12%"},{"v":229.56560000000002,"d":"229.57"},{"$f":"H599*E599","v":{"v":229.56560000000002,"d":"229.57"}}]
[9.5,"消防水管系统"]
["531","消火栓钢管","1.安装部位：室内泵房\r\n2.输送介质：消防用水\r\n3.材质：内外壁热镀锌钢管\r\n4.型号、规格：DN200\r\n5.连接方式：沟槽连接\r\n6.其他：含直管连接件","m",25,41.26,{"v":0.12,"d":"12%"},{"v":34.493359999999996,"d":"34.49"},{"$f":"H601*E601","v":{"v":862.3339999999998,"d":"862.33"}}]
["532","消火栓钢管","1.安装部位：室内泵房\r\n2.输送介质：消防用水\r\n3.材质：内外壁热镀锌钢管\r\n4.型号、规格：DN100\r\n5.连接方式：沟槽连接\r\n6.其他：含直管连接件","m",5,25.29,{"v":0.12,"d":"12%"},{"v":21.142439999999997,"d":"21.14"},{"v":105.71219999999998,"d":"105.71"}]
["533","消火栓钢管","1.安装部位：室内泵房\r\n2.输送介质：消防用水\r\n3.材质：内外壁热镀锌钢管\r\n4.型号、规格：DN65\r\n5.连接方式：沟槽连接\r\n6.其他：含直管连接件","m",8.5,21.15,{"v":0.12,"d":"12%"},{"v":17.681399999999996,"d":"17.68"},{"v":150.29189999999997,"d":"150.29"}]
["534","消火栓钢管","1.安装部位：室内泵房\r\n2.输送介质：消防用水\r\n3.材质：内外壁热镀锌钢管\r\n4.型号、规格：DN80\r\n5.连接方式：沟槽连接\r\n6.其他：含直管连接件","m",11.5,23.46,{"v":0.12,"d":"12%"},{"v":19.61256,"d":"19.61"},{"v":225.54443999999998,"d":"225.54"}]
["535","管件安装","1.名称：沟槽式弯头，含卡箍、胶圈\r\n2.规格型号：DN200","个",2,147.41,{"v":0.12,"d":"12%"},{"v":123.23476000000001,"d":"123.23"},{"v":246.46952000000002,"d":"246.47"}]
["536","管件安装","1.名称：沟槽式三通，含卡箍、胶圈\r\n2.规格型号：DN200/DN65","个",2,157.46,{"v":0.12,"d":"12%"},{"v":131.63656,"d":"131.64"},{"v":263.27312,"d":"263.27"}]
["537","管件安装","1.名称：沟槽式三通，含卡箍、胶圈\r\n2.规格型号：DN200/DN200","个",4,157.46,{"v":0.12,"d":"12%"},{"v":131.63656,"d":"131.64"},{"v":526.54624,"d":"526.55"}]
["538","管件安装","1.名称：沟槽式异径管，含卡箍、胶圈\r\n2.规格型号：DN200/DN100","个",4,287.11,{"v":0.12,"d":"12%"},{"v":240.02396000000002,"d":"240.02"},{"v":960.0958400000001,"d":"960.10"}]
["539","管件安装","1.名称：沟槽式喇叭口，含卡箍、胶圈\r\n2.规格型号：DN300/DN200","个",2,147.41,{"v":0.12,"d":"12%"},{"v":123.23476000000001,"d":"123.23"},{"v":246.46952000000002,"d":"246.47"}]
["540","管件安装","1.名称：喇叭口支架\r\n2.规格型号：DN300","个",2,292.12,{"v":0.12,"d":"12%"},{"v":244.21232,"d":"244.21"},{"v":488.42464,"d":"488.42"}]
["541","管件安装","1.名称：沟槽式弯头，含卡箍、胶圈\r\n2.规格型号：DN80","个",7,46.58,{"v":0.12,"d":"12%"},{"v":38.94088,"d":"38.94"},{"v":272.58616,"d":"272.59"}]
["542","管件安装","1.名称：沟槽式三通，含卡箍、胶圈\r\n2.规格型号：DN80/DN80","个",2,46.58,{"v":0.12,"d":"12%"},{"v":38.94088,"d":"38.94"},{"v":77.88176,"d":"77.88"}]
["543","管件安装","1.名称：沟槽式异径管，含卡箍、胶圈\r\n2.规格型号：DN80/DN50","个",4,143.06,{"v":0.12,"d":"12%"},{"v":119.59815999999998,"d":"119.60"},{"v":478.3926399999999,"d":"478.39"}]
["544","管件安装","1.名称：沟槽式弯头，含卡箍、胶圈\r\n2.规格型号：DN65","个",5,43.27,{"v":0.12,"d":"12%"},{"v":36.17372,"d":"36.17"},{"v":180.86860000000001,"d":"180.87"}]
["545","管件安装","1.名称：沟槽式三通，含卡箍、胶圈\r\n2.规格型号：DN65/DN65","个",1,43.27,{"v":0.12,"d":"12%"},{"v":36.17372,"d":"36.17"},{"v":36.17372,"d":"36.17"}]
["546","焊接法兰阀门","1.类型：法兰闸阀\r\n2.规格型号：DN100\r\n3.连接形式：法兰连接","个",1,86.4,{"v":0.12,"d":"12%"},{"v":72.2304,"d":"72.23"},{"v":72.2304,"d":"72.23"}]
["547","焊接法兰阀门","1.类型：法兰泄压阀\r\n2.规格型号：DN100\r\n3.连接形式：法兰连接","个",1,86.4,{"v":0.12,"d":"12%"},{"v":72.2304,"d":"72.23"},{"v":72.2304,"d":"72.23"}]
["548","焊接法兰阀门","1.类型：法兰闸阀\r\n2.规格型号：DN80\r\n3.连接形式：法兰连接","个",2,64.38,{"v":0.12,"d":"12%"},{"v":53.82167999999999,"d":"53.82"},{"v":107.64335999999999,"d":"107.64"}]
["549","焊接法兰阀门","1.类型：法兰止回阀\r\n2.规格型号：DN80\r\n3.连接形式：法兰连接","个",2,64.38,{"v":0.12,"d":"12%"},{"v":53.82167999999999,"d":"53.82"},{"v":107.64335999999999,"d":"107.64"}]
["550","焊接法兰阀门","1.类型：法兰式可曲挠橡胶接头\r\n2.规格型号：DN80\r\n3.连接形式：法兰连接","个",2,164.38,{"v":0.12,"d":"12%"},{"v":137.42168,"d":"137.42"},{"v":274.84336,"d":"274.84"}]
["551","焊接法兰阀门","1.类型：法兰闸阀\r\n2.规格型号：DN65\r\n3.连接形式：法兰连接","个",3,45.42,{"v":0.12,"d":"12%"},{"v":37.97112,"d":"37.97"},{"v":113.91336,"d":"113.91"}]
["552","焊接法兰阀门","1.类型：法兰闸阀\r\n2.规格型号：DN200\r\n3.连接形式：法兰连接","个",7,193.89,{"v":0.12,"d":"12%"},{"v":162.09204,"d":"162.09"},{"v":1134.64428,"d":"1134.64"}]
["553","焊接法兰阀门","1.类型：法兰止回阀\r\n2.规格型号：DN200\r\n3.连接形式：法兰连接","个",2,193.89,{"v":0.12,"d":"12%"},{"v":162.09204,"d":"162.09"},{"v":324.18408,"d":"324.18"}]
["554","焊接法兰阀门","1.类型：法兰式可曲挠橡胶接头\r\n2.规格型号：DN200\r\n3.连接形式：法兰连接","个",4,393.89,{"v":0.12,"d":"12%"},{"v":329.29204,"d":"329.29"},{"v":1317.16816,"d":"1317.17"}]
["555","法兰","1.类型：沟槽法兰，含卡箍连接件、胶圈\r\n2.规格型号：DN65\r\n4.连接形式:沟槽连接","副",3,115.62,{"v":0.12,"d":"12%"},{"v":96.65832,"d":"96.66"},{"v":289.97496,"d":"289.97"}]
["556","法兰","1.类型：沟槽法兰，含卡箍连接件、胶圈\r\n2.规格型号：DN80\r\n4.连接形式:沟槽连接","副",8,144.31,{"v":0.12,"d":"12%"},{"v":120.64315999999998,"d":"120.64"},{"v":965.1452799999998,"d":"965.15"}]
["557","法兰","1.类型：沟槽法兰，含卡箍连接件、胶圈\r\n2.规格型号：DN100\r\n4.连接形式:沟槽连接","副",2,183.29,{"v":0.12,"d":"12%"},{"v":153.23044,"d":"153.23"},{"v":306.46088,"d":"306.46"}]
["558","法兰","1.类型：沟槽法兰，含卡箍连接件、胶圈\r\n2.规格型号：DN200\r\n4.连接形式:沟槽连接","副",13,1178.16,{"v":0.12,"d":"12%"},{"v":984.9417599999999,"d":"984.94"},{"v":12804.24288,"d":"12804.24"}]
["559","浮漂水位标尺","1.名称：浮漂水位标尺\r\n2.规格型号：按设计","套",1,3600.48,{"v":0.12,"d":"12%"},{"v":3010.00128,"d":"3010.00"},{"v":3010.00128,"d":"3010.00"}]
["560","压力仪表","1.名称：压力表\r\n2.规格型号：0-1.6MPa","台",5,64.59,{"v":0.12,"d":"12%"},{"v":53.997240000000005,"d":"54.00"},{"v":269.98620000000005,"d":"269.99"}]
["561","水锤消除器","1.名称：水锤消除器\r\n2.规格：DN50\r\n3.连接形式：螺纹连接","个",2,521.33,{"v":0.12,"d":"12%"},{"v":435.83188,"d":"435.83"},{"v":871.66376,"d":"871.66"}]
["562","管道支吊架制作与安装","1.材质：Q235\r\n2.管架形式：按设计\r\n3.每组质量：均小于50kg","kg",120,13.48,{"v":0.12,"d":"12%"},{"v":11.26928,"d":"11.27"},{"v":1352.3136,"d":"1352.31"}]
["563","手工除锈","1.除锈等级：St2\r\n2.除锈内容：管道支吊架","kg",120,0.4,{"v":0.12,"d":"12%"},{"v":0.33440000000000003,"d":"0.33"},{"v":40.128,"d":"40.13"}]
["564","金属结构刷油","1.油防腐方式：C53-31红丹醇酸防腐漆两遍及C04-42绿色醇酸磁漆两遍\r\n2.漆膜厚度：按设计","kg",120,1.73,{"v":0.12,"d":"12%"},{"v":1.44628,"d":"1.45"},{"v":173.5536,"d":"173.55"}]
["565","灭火器","1.名称：磷酸铵盐手提式灭火器\r\n2.形式：按设计\r\n3.规格、型号：MF/ABC3","具",4,46.76,{"v":0.12,"d":"12%"},{"v":39.091359999999995,"d":"39.09"},{"v":156.36543999999998,"d":"156.37"}]
["566","灭火器箱","1.名称：手提式灭火器箱\r\n2.形式：按设计\r\n3.规格、型号：每个灭火器箱内设置2具灭火器","个",2,35.92,{"v":0.12,"d":"12%"},{"v":30.029120000000002,"d":"30.03"},{"v":60.058240000000005,"d":"60.06"}]
[9.6,"通气管系统"]
["567","低压碳钢管","1.名称：焊接钢管\r\n2.材质：Q235\r\n3.规格：DN150\r\n3.连接形式、焊接方法：电弧焊","m",5.5,28.74,{"v":0.12,"d":"12%"},{"v":24.026639999999997,"d":"24.03"},{"$f":"H638*E638","v":{"v":132.14651999999998,"d":"132.15"}}]
["568","低压碳钢管件","1.名称：90°钢制弯头\r\n2.材质：Q235\r\n3.规格：DN150\r\n4.连接方式：电弧焊","个",8,224.03,{"v":0.12,"d":"12%"},{"v":187.28907999999998,"d":"187.29"},{"$f":"H639*E639","v":{"v":1498.3126399999999,"d":"1498.31"}}]
["569","手工除锈","1.除锈等级：St2\r\n2.除锈内容：管道外表面","m2",2.85,2.78,{"v":0.12,"d":"12%"},{"v":2.3240799999999995,"d":"2.32"},{"$f":"H640*E640","v":{"v":6.623627999999998,"d":"6.62"}}]
["570","明敷管道刷油","1.油防腐方式：C53-31红丹醇酸防腐漆两遍及C04-42绿色醇酸磁漆两遍\r\n2.漆膜厚度：按设计","m2",2.85,20.77,{"v":0.12,"d":"12%"},{"v":17.363719999999997,"d":"17.36"},{"$f":"H641*E641","v":{"v":49.48660199999999,"d":"49.49"}}]
[null,"十、综合管网"]
[10.1,"生产给水系统"]
["571","钢管","1.名称：焊接钢管\r\n2.规格：DN200\r\n3.材质：Q235\r\n4.连接形式：焊接","m",190,36.15,{"v":0.12,"d":"12%"},{"v":30.221399999999996,"d":"30.22"},{"$f":"H644*E644","v":{"v":5742.065999999999,"d":"5742.07"}}]
["572","钢管","1.名称：焊接钢管\r\n2.规格：DN150\r\n3.材质：Q235\r\n4.连接形式：焊接","m",23,28.74,{"v":0.12,"d":"12%"},{"v":24.026639999999997,"d":"24.03"},{"v":552.61272,"d":"552.61"}]
["573","钢管","1.名称：焊接钢管\r\n2.规格：DN100\r\n3.材质：Q235\r\n4.连接形式：焊接","m",66,20.71,{"v":0.12,"d":"12%"},{"v":17.31356,"d":"17.31"},{"v":1142.69496,"d":"1142.69"}]
["574","钢管","1.名称：焊接钢管\r\n2.规格：DN70\r\n3.材质：Q235\r\n4.连接形式：焊接","m",391,10.6,{"v":0.12,"d":"12%"},{"v":8.8616,"d":"8.86"},{"v":3464.8855999999996,"d":"3464.89"}]
["575","钢管","1.名称：焊接钢管\r\n2.规格：DN50\r\n3.材质：Q235\r\n4.连接形式：焊接","m",268,7.91,{"v":0.12,"d":"12%"},{"v":6.61276,"d":"6.61"},{"v":1772.21968,"d":"1772.22"}]
["576","钢管","1.名称：焊接钢管\r\n2.规格：DN32\r\n3.材质：Q235\r\n4.连接形式：焊接","m",316,6.28,{"v":0.12,"d":"12%"},{"v":5.2500800000000005,"d":"5.25"},{"v":1659.02528,"d":"1659.03"}]
["577","钢管","1.名称：焊接钢管\r\n2.规格：DN20\r\n3.材质：Q235\r\n4.连接形式：焊接","m",45,4.53,{"v":0.12,"d":"12%"},{"v":3.7870799999999996,"d":"3.79"},{"v":170.41859999999997,"d":"170.42"}]
["578","焊接法兰阀门","1.类型：蝶阀\r\n2.规格型号：DN200  D371X-10","个",1,263.16,{"v":0.12,"d":"12%"},{"v":220.00176000000002,"d":"220.00"},{"v":220.00176000000002,"d":"220.00"}]
["579","焊接法兰阀门","1.类型：闸阀\r\n2.规格型号：DN70  1.0MPa","个",1,54.2,{"v":0.12,"d":"12%"},{"v":45.3112,"d":"45.31"},{"v":45.3112,"d":"45.31"}]
["580","焊接法兰阀门","1.类型：闸阀\r\n2.规格型号：DN50   1.0MPa","个",2,40.27,{"v":0.12,"d":"12%"},{"v":33.66572,"d":"33.67"},{"v":67.33144,"d":"67.33"}]
["581","焊接法兰阀门","1.类型：闸阀\r\n2.规格型号：DN32   1.0MPa","个",6,37.89,{"v":0.12,"d":"12%"},{"v":31.67604,"d":"31.68"},{"v":190.05624,"d":"190.06"}]
["582","流量仪表","1.名称：流量计\r\n2.规格：DN200\r\n3.主材甲供","台",1,570.54,{"v":0.12,"d":"12%"},{"v":476.9714399999999,"d":"476.97"},{"v":476.9714399999999,"d":"476.97"}]
["583","检测回路模拟试验","1.名称：流量计","套",1,85.02,{"v":0.12,"d":"12%"},{"v":71.07672,"d":"71.08"},{"v":71.07672,"d":"71.08"}]
["584","法兰","1.名称：碳钢法兰\r\n2.规格型号：DN200  1.0MPa\r\n3.连接形式：焊接","副",1,404.22,{"v":0.12,"d":"12%"},{"v":337.92792000000003,"d":"337.93"},{"v":337.92792000000003,"d":"337.93"}]
["585","法兰","1.名称：碳钢法兰\r\n2.规格型号：DN70  1.0MPa\r\n3.连接形式：焊接","副",1,115.44,{"v":0.12,"d":"12%"},{"v":96.50783999999999,"d":"96.51"},{"v":96.50783999999999,"d":"96.51"}]
["586","法兰","1.名称：碳钢法兰\r\n2.规格型号：DN50  1.0MPa\r\n3.连接形式：焊接","副",2,97.39,{"v":0.12,"d":"12%"},{"v":81.41804,"d":"81.42"},{"v":162.83608,"d":"162.84"}]
["587","法兰","1.名称：碳钢法兰\r\n2.规格型号：DN32  1.0MPa\r\n3.连接形式：焊接","副",6,68.41,{"v":0.12,"d":"12%"},{"v":57.19075999999999,"d":"57.19"},{"v":343.14455999999996,"d":"343.14"}]
["588","动力工具除锈","1.除锈等级：St2\r\n2.除锈内容：管道外表面","m2",350.78,2.78,{"v":0.12,"d":"12%"},{"v":2.3240799999999995,"d":"2.32"},{"v":815.2407823999997,"d":"815.24"}]
["589","埋地管道刷油","1.油防腐方式：三油两布防腐，具体为环氧沥青底漆-面漆-玻璃丝布-面漆-玻璃丝布-面漆-面漆\r\n2.漆膜厚度：干膜厚度＞0.4mm","m2",350.78,71.35,{"v":0.12,"d":"12%"},{"v":59.64859999999999,"d":"59.65"},{"v":20923.535907999994,"d":"20923.54"}]
["590","平整场地","1.管沟沟底土方","m2",888.8,0.23,{"v":0.12,"d":"12%"},{"v":0.19228,"d":"0.19"},{"v":170.898464,"d":"170.90"}]
["591","挖沟槽土方","1.部位：埋地生产水管道及井室\r\n2.土壤类别：详见地勘报告","m3",1036.6,3.49,{"v":0.12,"d":"12%"},{"v":2.91764,"d":"2.92"},{"v":3024.425624,"d":"3024.43"}]
["592","回填方","1.部位：埋地生产水管道及井室\r\n2.回填要求按设计","m3",935.55,14.29,{"v":0.12,"d":"12%"},{"v":11.946439999999999,"d":"11.95"},{"v":11176.491941999999,"d":"11176.49"}]
["593","余方弃置","1.部位：埋地生产水管道及井室\r\n2.运距：自定","m3",101.05,8.09,{"v":0.12,"d":"12%"},{"v":6.76324,"d":"6.76"},{"v":683.425402,"d":"683.43"}]
["594","砌筑阀门井","1.名称：圆形蝶阀井\r\n2.规格：φ1200\r\n3.阀门规格：DN200\r\n4.标准：05S502-26\r\n5.轻型铸铁井盖井座","座",1,10957.73,{"v":0.12,"d":"12%"},{"v":9160.662279999999,"d":"9160.66"},{"v":9160.662279999999,"d":"9160.66"}]
["595","砌筑阀门井","1.名称：圆形闸阀井\r\n2.规格：φ1200\r\n3.阀门规格：DN70、DN50、DN32\r\n4.标准：05S502-16\r\n5.轻型铸铁井盖井座","座",8,10957.73,{"v":0.12,"d":"12%"},{"v":9160.662279999999,"d":"9160.66"},{"v":73285.29823999999,"d":"73285.30"}]
["596","砌筑阀门井","1.名称：圆形闸阀井\r\n2.规格：φ1200\r\n3.阀门规格：DN70、DN50、DN32\r\n4.标准：05S502-16\r\n5.重型铸铁井盖井座","座",1,10957.73,{"v":0.12,"d":"12%"},{"v":9160.662279999999,"d":"9160.66"},{"v":9160.662279999999,"d":"9160.66"}]
["597","预制混凝土板模板","1.阀门井预制混凝土盖板模板","m3",2.23,66.16,{"v":0.12,"d":"12%"},{"v":55.30976,"d":"55.31"},{"v":123.34076479999999,"d":"123.34"}]
["598","现浇混凝土池底模板","1.阀门井现浇垫层及底板模板","m2",18.34,26.46,{"v":0.12,"d":"12%"},{"v":22.12056,"d":"22.12"},{"v":405.6910704,"d":"405.69"}]
["599","现浇构件钢筋","1.阀门井底板钢筋，螺纹钢筋 HRB400 φ12","t",0.42,611.93,{"v":0.12,"d":"12%"},{"v":511.57347999999996,"d":"511.57"},{"v":214.86086159999996,"d":"214.86"}]
["600","现浇构件钢筋","1.阀门井盖板钢筋，圆钢筋 HPB300 φ10","t",0.22,878.47,{"v":0.12,"d":"12%"},{"v":734.40092,"d":"734.40"},{"v":161.56820240000002,"d":"161.57"}]
["601","预制构件钢筋","1.阀门井盖板钢筋，螺纹钢筋 HRB400 φ14以内","t",0.42,917.89,{"v":0.12,"d":"12%"},{"v":767.35604,"d":"767.36"},{"v":322.2895368,"d":"322.29"}]
[10.2,"生活给水系统"]
["602","镀锌钢管","1.名称：内筋嵌入式镀锌衬塑钢管\r\n2.输送介质：生活水\r\n3.型号、规格：DN200\r\n4.连接方式：沟槽连接","m",38.5,82.84,{"v":0.12,"d":"12%"},{"v":69.25424,"d":"69.25"},{"$f":"H676*E676","v":{"v":2666.28824,"d":"2666.29"}}]
["603","镀锌钢管","1.名称：内筋嵌入式镀锌衬塑钢管\r\n2.输送介质：生活水\r\n3.型号、规格：DN150\r\n4.连接方式：沟槽连接","m",31.5,63.61,{"v":0.12,"d":"12%"},{"v":53.17796,"d":"53.18"},{"v":1675.10574,"d":"1675.11"}]
["604","镀锌钢管","1.名称：内筋嵌入式镀锌衬塑钢管\r\n2.输送介质：生活水\r\n3.型号、规格：DN100\r\n4.连接方式：沟槽连接","m",839,63.11,{"v":0.12,"d":"12%"},{"v":52.75996,"d":"52.76"},{"v":44265.60644,"d":"44265.61"}]
["605","镀锌钢管","1.名称：内筋嵌入式镀锌衬塑钢管\r\n2.输送介质：生活水\r\n3.型号、规格：DN80\r\n4.连接方式：沟槽连接","m",540.5,50.65,{"v":0.12,"d":"12%"},{"v":42.3434,"d":"42.34"},{"v":22886.6077,"d":"22886.61"}]
["606","镀锌钢管","1.名称：内筋嵌入式镀锌衬塑钢管\r\n2.输送介质：生活水\r\n3.型号、规格：DN50\r\n4.连接方式：沟槽连接","m",541,40.42,{"v":0.12,"d":"12%"},{"v":33.79112,"d":"33.79"},{"v":18280.99592,"d":"18281.00"}]
["607","镀锌钢管","1.名称：内筋嵌入式镀锌衬塑钢管\r\n2.输送介质：生活水\r\n3.型号、规格：DN15\r\n4.连接方式：丝扣连接","m",147,23.33,{"v":0.12,"d":"12%"},{"v":19.50388,"d":"19.50"},{"v":2867.0703599999997,"d":"2867.07"}]
["608","管道消毒","1.管道规格：DN200  DN150","m",70,2.07,{"v":0.12,"d":"12%"},{"v":1.7305199999999998,"d":"1.73"},{"v":121.1364,"d":"121.14"}]
["609","管道消毒","1.管道规格：DN100  DN80","m",1379.5,0.97,{"v":0.12,"d":"12%"},{"v":0.81092,"d":"0.81"},{"v":1118.6641399999999,"d":"1118.66"}]
["610","管道消毒","1.管道规格：DN50  DN15","m",688,0.55,{"v":0.12,"d":"12%"},{"v":0.4598,"d":"0.46"},{"v":316.3424,"d":"316.34"}]
["611","焊接法兰阀门","1.类型：蝶阀\r\n2.规格型号：DN200  D371X-16","个",1,263.16,{"v":0.12,"d":"12%"},{"v":220.00176000000002,"d":"220.00"},{"v":220.00176000000002,"d":"220.00"}]
["612","焊接法兰阀门","1.类型：蝶阀\r\n2.规格型号：DN100  D371X-16","个",8,146.1,{"v":0.12,"d":"12%"},{"v":122.13959999999999,"d":"122.14"},{"v":977.1167999999999,"d":"977.12"}]
["613","焊接法兰阀门","1.类型：蝶阀\r\n2.规格型号：DN80  D371X-16","个",1,59.01,{"v":0.12,"d":"12%"},{"v":49.332359999999994,"d":"49.33"},{"v":49.332359999999994,"d":"49.33"}]
["614","焊接法兰阀门","1.类型：蝶阀\r\n2.规格型号：DN50  D371X-16","个",5,40.27,{"v":0.12,"d":"12%"},{"v":33.66572,"d":"33.67"},{"v":168.3286,"d":"168.33"}]
["615","焊接法兰阀门","1.类型：止回阀\r\n2.规格型号：DN100  H41T-10","个",8,146.1,{"v":0.12,"d":"12%"},{"v":122.13959999999999,"d":"122.14"},{"v":977.1167999999999,"d":"977.12"}]
["616","焊接法兰阀门","1.名称：电磁阀\r\n2.规格：DN100\r\n3.主材甲供","个",2,146.1,{"v":0.12,"d":"12%"},{"v":122.13959999999999,"d":"122.14"},{"v":244.27919999999997,"d":"244.28"}]
["617","流量仪表","1.名称：流量计\r\n2.规格：DN100\r\n3.主材甲供","台",2,570.54,{"v":0.12,"d":"12%"},{"v":476.9714399999999,"d":"476.97"},{"v":953.9428799999998,"d":"953.94"}]
["618","检测回路模拟试验","1.名称：流量计","套",2,85.02,{"v":0.12,"d":"12%"},{"v":71.07672,"d":"71.08"},{"v":142.15344,"d":"142.15"}]
["619","管道泵","1.名称：管道泵\r\n2.规格：DN100\r\n3.主材甲供","台",2,554.28,{"v":0.12,"d":"12%"},{"v":463.37807999999995,"d":"463.38"},{"v":926.7561599999999,"d":"926.76"}]
["620","螺纹阀门","1.类型：球阀\r\n2.规格型号：DN15  Q11F-16C","个",5,13.27,{"v":0.12,"d":"12%"},{"v":11.09372,"d":"11.09"},{"v":55.468599999999995,"d":"55.47"}]
["621","法兰","1.类型：沟槽法兰，含卡箍连接件、胶圈\r\n2.规格型号：DN200\r\n4.连接形式:沟槽连接","副",1,408.16,{"v":0.12,"d":"12%"},{"v":341.22176,"d":"341.22"},{"v":341.22176,"d":"341.22"}]
["622","法兰","1.类型：沟槽法兰，含卡箍连接件、胶圈\r\n2.规格型号：DN100\r\n4.连接形式:沟槽连接","副",18,183.29,{"v":0.12,"d":"12%"},{"v":153.23044,"d":"153.23"},{"v":2758.14792,"d":"2758.15"}]
["623","平整场地","1.管沟沟底土方","m2",1459.38,0.18,{"v":0.12,"d":"12%"},{"v":0.15047999999999997,"d":"0.15"},{"v":219.6075024,"d":"219.61"}]
["624","挖沟槽土方","1.部位：埋地生活水管道及井室\r\n2.土壤类别：详见地勘报告","m3",1437.19,3.93,{"v":0.12,"d":"12%"},{"v":3.2854799999999997,"d":"3.29"},{"v":4721.8590011999995,"d":"4721.86"}]
["625","回填方","1.部位：埋地生活水管道及井室\r\n2.回填要求按设计","m3",1323.69,14.29,{"v":0.12,"d":"12%"},{"v":11.946439999999999,"d":"11.95"},{"v":15813.3831636,"d":"15813.38"}]
["626","余方弃置","1.部位：埋地生活水管道及井室\r\n2.运距：自定","m3",113.5,8.09,{"v":0.12,"d":"12%"},{"v":6.76324,"d":"6.76"},{"v":767.62774,"d":"767.63"}]
["627","砌筑阀门井","1.名称：圆形蝶阀井\r\n2.规格：φ1200\r\n3.阀门规格：DN200\r\n4.标准：05S502-26\r\n5.轻型铸铁井盖井座","座",7,10957.73,{"v":0.12,"d":"12%"},{"v":9160.662279999999,"d":"9160.66"},{"v":64124.63595999999,"d":"64124.64"}]
["628","砌筑阀门井","1.名称：矩形蝶阀井\r\n2.规格：2.75×1.50×1.40\r\n3.阀门规格：DN100\r\n4.标准：05S502-44\r\n5.轻型铸铁井盖井座","座",2,10957.73,{"v":0.12,"d":"12%"},{"v":9160.662279999999,"d":"9160.66"},{"v":18321.324559999997,"d":"18321.32"}]
["629","预制混凝土板模板","1.阀门井预制混凝土盖板模板","m3",4.46,66.16,{"v":0.12,"d":"12%"},{"v":55.30976,"d":"55.31"},{"v":246.68152959999998,"d":"246.68"}]
["630","现浇混凝土池底模板","1.阀门井现浇垫层及底板模板","m2",23.11,26.46,{"v":0.12,"d":"12%"},{"v":22.12056,"d":"22.12"},{"v":511.2061416,"d":"511.21"}]
["631","现浇构件钢筋","1.阀门井底板钢筋，螺纹钢筋 HRB400 φ12","t",0.568,611.93,{"v":0.12,"d":"12%"},{"v":511.57347999999996,"d":"511.57"},{"v":290.57373663999994,"d":"290.57"}]
["632","现浇构件钢筋","1.阀门井盖板钢筋，圆钢筋 HPB300 φ10","t",0.198,878.47,{"v":0.12,"d":"12%"},{"v":734.40092,"d":"734.40"},{"v":145.41138216000002,"d":"145.41"}]
["633","预制构件钢筋","1.阀门井盖板钢筋，螺纹钢筋 HRB400 φ14以内","t",0.664,917.89,{"v":0.12,"d":"12%"},{"v":767.35604,"d":"767.36"},{"v":509.52441056000004,"d":"509.52"}]
[10.3,"室外消火栓给水系统"]
["634","消火栓钢管","1.安装部位：室外\r\n2.输送介质：室外消火栓用水\r\n3.材质：焊接钢管\r\n4.型号、规格：φ219*6\r\n5.连接方式：焊接","m",2232,36.15,{"v":0.12,"d":"12%"},{"v":30.221399999999996,"d":"30.22"},{"$f":"H709*E709","v":{"v":67454.16479999998,"d":"67454.16"}}]
["635","消火栓钢管","1.安装部位：室外\r\n2.输送介质：室外消火栓用水\r\n3.材质：焊接钢管\r\n4.型号、规格：DN100\r\n5.连接方式：焊接","m",253,20.71,{"v":0.12,"d":"12%"},{"v":17.31356,"d":"17.31"},{"v":4380.33068,"d":"4380.33"}]
["636","焊接法兰阀门","1.类型：蝶阀\r\n2.规格型号：DN200  D371X-16","个",15,263.16,{"v":0.12,"d":"12%"},{"v":220.00176000000002,"d":"220.00"},{"v":3300.0264,"d":"3300.03"}]
["637","焊接法兰阀门","1.类型：蝶阀\r\n2.规格型号：DN100  D371X-16","个",2,146.1,{"v":0.12,"d":"12%"},{"v":122.13959999999999,"d":"122.14"},{"v":244.27919999999997,"d":"244.28"}]
["638","法兰","1.名称：碳钢法兰\r\n2.规格型号：DN200  1.6MPa\r\n3.连接形式：焊接","副",15,404.22,{"v":0.12,"d":"12%"},{"v":337.92792000000003,"d":"337.93"},{"v":5068.9188,"d":"5068.92"}]
["639","法兰","1.名称：碳钢法兰\r\n2.规格型号：DN100  1.6MPa\r\n3.连接形式：焊接","副",2,183.55,{"v":0.12,"d":"12%"},{"v":153.4478,"d":"153.45"},{"v":306.8956,"d":"306.90"}]
["640","室外消火栓","1.名称：室外地上式消火栓\r\n2.规格型号：SSF-100-65-1.6防撞型\r\n3.标准：13S201","套",21,1401.91,{"v":0.12,"d":"12%"},{"v":1171.99676,"d":"1172.00"},{"v":24611.93196,"d":"24611.93"}]
["641","动力工具除锈","1.除锈等级：St2\r\n2.除锈内容：管道外表面","m2",1625.42,2.78,{"v":0.12,"d":"12%"},{"v":2.3240799999999995,"d":"2.32"},{"v":3777.6061135999994,"d":"3777.61"}]
["642","埋地管道刷油","1.油防腐方式：三油两布防腐，具体为环氧沥青底漆-面漆-玻璃丝布-面漆-玻璃丝布-面漆-面漆\r\n2.漆膜厚度：干膜厚度＞0.4mm","m2",1625.42,71.35,{"v":0.12,"d":"12%"},{"v":59.64859999999999,"d":"59.65"},{"v":96954.02741199998,"d":"96954.03"}]
["643","平整场地","1.管沟沟底土方","m2",1962.7,0.23,{"v":0.12,"d":"12%"},{"v":0.19228,"d":"0.19"},{"v":377.38795600000003,"d":"377.39"}]
["644","挖沟槽土方","1.部位：埋地消火栓管道及井室\r\n2.土壤类别：详见地勘报告","m3",2868.82,3.49,{"v":0.12,"d":"12%"},{"v":2.91764,"d":"2.92"},{"v":8370.1839848,"d":"8370.18"}]
["645","回填方","1.部位：埋地消火栓管道及井室\r\n2.回填要求按设计","m3",2664.6,14.29,{"v":0.12,"d":"12%"},{"v":11.946439999999999,"d":"11.95"},{"v":31832.484023999998,"d":"31832.48"}]
["646","余方弃置","1.部位：埋地消火栓管道及井室\r\n2.运距：自定","m3",204.22,8.09,{"v":0.12,"d":"12%"},{"v":6.76324,"d":"6.76"},{"v":1381.1888728,"d":"1381.19"}]
["647","砌筑阀门井","1.名称：圆形蝶阀井\r\n2.规格：φ1200\r\n3.阀门规格：DN200\r\n4.标准：05S502-26\r\n5.重型铸铁井盖井座","座",2,10957.73,{"v":0.12,"d":"12%"},{"v":9160.662279999999,"d":"9160.66"},{"v":18321.324559999997,"d":"18321.32"}]
["648","砌筑阀门井","1.名称：圆形蝶阀井\r\n2.规格：φ1200\r\n3.阀门规格：DN200\r\n4.标准：05S502-26\r\n5.轻型铸铁井盖井座","座",13,10957.73,{"v":0.12,"d":"12%"},{"v":9160.662279999999,"d":"9160.66"},{"v":119088.60963999998,"d":"119088.61"}]
["649","砌筑阀门井","1.名称：圆形蝶阀井\r\n2.规格：φ1200\r\n3.阀门规格：DN100\r\n4.标准：05S502-26","座",2,10957.73,{"v":0.12,"d":"12%"},{"v":9160.662279999999,"d":"9160.66"},{"v":18321.324559999997,"d":"18321.32"}]
["650","预制混凝土板模板","1.阀门井预制混凝土盖板模板","m3",3.79,66.16,{"v":0.12,"d":"12%"},{"v":55.30976,"d":"55.31"},{"v":209.6239904,"d":"209.62"}]
["651","现浇混凝土池底模板","1.阀门井现浇垫层及底板模板","m2",31.17,26.46,{"v":0.12,"d":"12%"},{"v":22.12056,"d":"22.12"},{"v":689.4978552000001,"d":"689.50"}]
["652","现浇构件钢筋","1.阀门井底板钢筋，螺纹钢筋 HRB400 φ12","t",0.714,611.93,{"v":0.12,"d":"12%"},{"v":511.57347999999996,"d":"511.57"},{"v":365.26346471999994,"d":"365.26"}]
["653","现浇构件钢筋","1.阀门井盖板钢筋，圆钢筋 HPB300 φ10","t",0.374,878.47,{"v":0.12,"d":"12%"},{"v":734.40092,"d":"734.40"},{"v":274.66594408000003,"d":"274.67"}]
["654","预制构件钢筋","1.阀门井盖板钢筋，螺纹钢筋 HRB400 φ14以内","t",0.714,917.89,{"v":0.12,"d":"12%"},{"v":767.35604,"d":"767.36"},{"v":547.89221256,"d":"547.89"}]
["655","大型机械设备进出场及安拆","1.机械设备名称：履带式挖掘机等\r\n2.机械设备规格型号：自定","台次",1,11991.34,{"v":0.12,"d":"12%"},{"v":10024.76024,"d":"10024.76"},{"v":10024.76024,"d":"10024.76"}]
[null,"十一、空压站"]
["656","低压碳钢管","1.名称：无缝钢管\r\n2.规格：φ108*5\r\n3.标准：GB/T8163-2018","m",25,null,null,{"v":19.771399999999996,"d":"19.77"},{"v":494.2849999999999,"d":"494.29"}]
["657","低压碳钢管","1.名称：无缝钢管\r\n2.规格：φ89*4.5\r\n3.标准：GB/T8163-2018","m",5,null,null,{"v":11.71236,"d":"11.71"},{"v":58.561800000000005,"d":"58.56"}]
["658","管道压力试验","1.规格：DN100、DN80","m",30,null,null,{"v":4.07132,"d":"4.07"},{"v":122.1396,"d":"122.14"}]
["659","管道系统吹扫","1.规格：DN100、DN80","m",30,null,null,{"v":1.8977199999999999,"d":"1.90"},{"v":56.931599999999996,"d":"56.93"}]
["660","低压碳钢管件","1.名称：90°弯头\r\n2.规格：φ108*5\r\n3.标准：GB/T12459-2017","个",16,null,null,{"v":119.23032,"d":"119.23"},{"v":1907.68512,"d":"1907.69"}]
["661","低压碳钢管件","1.名称：90°弯头\r\n2.规格：φ89*4.5\r\n3.标准：GB/T12459-2017","个",16,null,null,{"v":88.77484,"d":"88.77"},{"v":1420.39744,"d":"1420.40"}]
["662","低压碳钢管件","1.名称：异径管\r\n2.规格：φ108*5/φ89*4.5\r\n3.标准：GB/T12459-2017","个",1,null,null,{"v":120.90232,"d":"120.90"},{"v":120.90232,"d":"120.90"}]
["663","低压碳钢管件","1.名称：正三通\r\n2.规格：φ89*4.5\r\n3.标准：GB/T12459-2017","个",1,null,null,{"v":92.95484,"d":"92.95"},{"v":92.95484,"d":"92.95"}]
["664","低压法兰阀门","1.名称：蝶阀\r\n2.规格：D341X-10  DN80","个",2,null,null,{"v":17.472399999999997,"d":"17.47"},{"v":34.944799999999994,"d":"34.94"}]
["665","低压法兰阀门","1.名称：蝶阀\r\n2.规格：D341X-10   DN100","个",5,null,null,{"v":28.942319999999995,"d":"28.94"},{"v":144.71159999999998,"d":"144.71"}]
["666","低压碳钢焊接法兰","1.名称：碳钢法兰\r\n2.规格：1.0MPa  DN100","副",7,null,null,{"v":186.62027999999998,"d":"186.62"},{"v":1306.3419599999997,"d":"1306.34"}]
["667","低压碳钢焊接法兰","1.名称：碳钢法兰\r\n2.规格：1.0MPa  DN80","副",3,null,null,{"v":151.59188,"d":"151.59"},{"v":454.77564,"d":"454.78"}]
["668","管道支吊架制作与安装","1.材质：Q235","kg",576,null,null,{"v":11.44484,"d":"11.44"},{"v":6592.22784,"d":"6592.23"}]
["669","手工除锈","1.除锈等级：St2\r\n2.除锈内容：管道支吊架","kg",576,null,null,{"v":0.33440000000000003,"d":"0.33"},{"v":192.61440000000002,"d":"192.61"}]
["670","金属结构刷油","1.油防腐方式：C53-31红丹醇酸防腐漆两遍及C04-42绿色醇酸磁漆两遍\r\n2.漆膜厚度：按设计","kg",576,null,null,{"v":1.47972,"d":"1.48"},{"v":852.31872,"d":"852.32"}]
["671","动力工具除锈","1.除锈等级：St2\r\n2.除锈内容：管道外表面","m2",9.2,null,null,{"v":2.3240799999999995,"d":"2.32"},{"v":21.381535999999993,"d":"21.38"}]
["672","明敷管道刷油","1.油防腐方式：C53-31红丹醇酸防腐漆两遍及C04-42绿色醇酸磁漆两遍\r\n2.漆膜厚度：按设计","m2",9.2,null,null,{"v":17.363719999999997,"d":"17.36"},{"v":159.74622399999996,"d":"159.75"}]
[null,"合    计",{"$nulls":6},{"$f":"SUM(I6:I748)","v":{"v":1248816.5516411208,"d":"1248816.55"}}]
["报价","大  写"]
[null,"小  写"]
["说明","1、所有管道、阀门主材甲供，其他零星主材及辅材由分包单位采购，包含在上述报价中。"]
[null,"2、上述报价包含材料、设备的卸车、倒运、制作安装、试车及措施等费用。"]
[null,"3、每项投标单价不得高于最高限价的单价。"]
[null,"4、本报价单每页均需盖章。"]
[]
["                                            投标单位（章）：                           "]
["                                                  法人代表：                           "]
["                                                  日    期：                           "]

{"sheet":"Sheet2","index":1,"n_rows":0,"n_cols":0,"rows_kept":0}

{"sheet":"Sheet3","index":2,"n_rows":0,"n_cols":0,"rows_kept":0}